10,000 Biggest U.S. Cities as of the 2010 Census - Statistics

General Stats
  • This quiz has been taken 819 times
  • The average score is 604 of 10000
Answer Stats
St. Pop. City % Correct
NY 8,175,133 New York
89%
CA 3,792,621 Los Angeles
85%
IL 2,695,598 Chicago
84%
TX 2,099,451 Houston
82%
MS 3,623 Houston
82%
TX 1,197,816 Dallas
81%
OR 14,583 Dallas
81%
GA 11,544 Dallas
81%
NC 4,488 Dallas
81%
PA 2,804 Dallas
81%
PA 1,526,006 Philadelphia
79%
MS 7,477 Philadelphia
79%
AZ 1,445,632 Phoenix
78%
OR 4,538 Phoenix
78%
TX 790,390 Austin
77%
MN 24,718 Austin
77%
IN 4,295 Austin
77%
UT 87,461 Sandy
77%
OR 9,570 Sandy
77%
CA 805,235 San Francisco
77%
FL 399,457 Miami
76%
OK 13,570 Miami
76%
DC 601,767 Washington, D.C.
76%
MA 617,594 Boston
75%
MS 173,514 Jackson
75%
TN 65,211 Jackson
75%
MI 33,534 Jackson
75%
MO 13,758 Jackson
75%
WY 9,577 Jackson
75%
WI 6,753 Jackson
75%
OH 6,397 Jackson
75%
AL 5,228 Jackson
75%
GA 5,045 Jackson
75%
CA 4,651 Jackson
75%
LA 3,842 Jackson
75%
MN 3,299 Jackson
75%
NV 583,756 Las Vegas
75%
NM 13,753 Las Vegas
75%
CA 1,307,402 San Diego
75%
TX 4,488 San Diego
75%
CO 600,158 Denver
73%
PA 3,861 Denver
73%
TX 1,327,407 San Antonio
73%
FL 821,784 Jacksonville
72%
NC 70,145 Jacksonville
72%
AR 28,364 Jacksonville
72%
IL 19,446 Jacksonville
72%
TX 14,544 Jacksonville
72%
AL 12,548 Jacksonville
72%
OR 2,785 Jacksonville
72%
WA 608,660 Seattle
72%
MI 713,777 Detroit
71%
PA 13,975 Indiana
71%
IN 820,445 Indianapolis
71%
OR 583,776 Portland
71%
ME 66,194 Portland
71%
TX 15,099 Portland
71%
TN 11,480 Portland
71%
IN 6,223 Portland
71%
CT 5,862 Portland
71%
MI 3,883 Portland
71%
CA 945,942 San Jose
71%
OH 787,033 Columbus
70%
GA 189,885 Columbus
70%
IN 44,061 Columbus
70%
MS 23,640 Columbus
70%
NE 22,111 Columbus
70%
WI 4,991 Columbus
70%
MN 3,914 Columbus
70%
TX 3,655 Columbus
70%
KS 3,312 Columbus
70%
KY 9,117 Mount Washington
70%
OK 579,999 Oklahoma City
70%
UT 18,761 Washington
70%
IL 15,134 Washington
70%
MO 13,982 Washington
70%
PA 13,663 Washington
70%
IN 11,509 Washington
70%
NC 9,744 Washington
70%
IA 7,266 Washington
70%
NJ 6,461 Washington
70%
GA 4,134 Washington
70%
GA 420,003 Atlanta
69%
TX 5,675 Atlanta
69%
MO 459,787 Kansas City
68%
KS 145,786 Kansas City
68%
TX 2,960 Nash
68%
TN 601,222 Nashville
68%
NC 5,352 Nashville
68%
GA 4,939 Nashville
68%
AR 4,627 Nashville
68%
IL 3,258 Nashville
68%
CA 466,488 Sacramento
68%
NC 731,424 Charlotte
67%
MI 9,074 Charlotte
67%
CA 7,291 Orland
67%
MN 382,578 Minneapolis
66%
MO 319,294 St. Louis
66%
MI 7,482 St. Louis
66%
FL 335,709 Tampa
66%
MD 620,961 Baltimore
65%
OH 2,966 Baltimore
65%
OH 396,815 Cleveland
65%
TN 41,285 Cleveland
65%
MS 12,334 Cleveland
65%
TX 7,675 Cleveland
65%
GA 3,410 Cleveland
65%
OK 3,251 Cleveland
65%
FL 2,990 Cleveland
65%
TX 649,121 El Paso
65%
IL 2,810 El Paso
65%
TN 646,889 Memphis
65%
FL 7,848 Memphis
65%
LA 343,829 New Orleans
65%
CA 63,264 Pittsburg
65%
KS 20,233 Pittsburg
65%
TX 4,497 Pittsburg
65%
TX 54,298 Spring
65%
NM 545,852 Albuquerque
64%
TX 741,206 Fort Worth
64%
NY 261,310 Buffalo
63%
MN 15,453 Buffalo
63%
WY 4,585 Buffalo
63%
MO 3,084 Buffalo
63%
WI 594,833 Milwaukee
63%
MO 159,498 Springfield
63%
MA 153,060 Springfield
63%
IL 116,250 Springfield
63%
OH 60,608 Springfield
63%
OR 59,403 Springfield
63%
VA 30,484 Springfield
63%
TN 16,440 Springfield
63%
FL 8,903 Springfield
63%
MI 5,260 Springfield
63%
VT 3,979 Springfield
63%
GA 2,852 Springfield
63%
KY 2,519 Springfield
63%
HI 337,256 Honolulu
62%
NE 258,379 Lincoln
62%
CA 42,819 Lincoln
62%
IL 14,504 Lincoln
62%
AL 6,266 Lincoln
62%
ID 3,647 Lincoln
62%
ME 2,884 Lincoln
62%
NC 2,406 Lincoln
62%
OR 7,930 Lincoln City
62%
FL 238,300 Orlando
62%
AZ 520,116 Tucson
62%
TX 8,249 Anna
61%
IL 4,442 Anna
61%
OH 296,943 Cincinnati
61%
KY 597,337 Louisville
61%
CO 18,376 Louisville
61%
OH 9,186 Louisville
61%
MS 6,631 Louisville
61%
GA 2,493 Louisville
61%
TN 2,439 Louisville
61%
NY 97,856 Albany
60%
GA 77,434 Albany
60%
OR 50,158 Albany
60%
CA 18,539 Albany
60%
MN 2,561 Albany
60%
OH 25,699 Green
60%
OR 7,515 Green
60%
OR 20,291 Milwaukie
60%
NC 403,892 Raleigh
60%
AL 212,237 Birmingham
59%
MI 20,103 Birmingham
59%
MN 8,712 Virginia
59%
FL 24,649 Key West
58%
UT 186,440 Salt Lake City
58%
NC 229,617 Winston-Salem
58%
AK 291,826 Anchorage
57%
NY 4,458 North Sea
57%
MN 285,068 St. Paul
57%
CA 390,724 Oakland
56%
NJ 12,754 Oakland
56%
TN 6,623 Oakland
56%
ME 2,602 Oakland
56%
FL 2,538 Oakland
56%
NE 408,958 Omaha
56%
OR 154,637 Salem
56%
MA 41,340 Salem
56%
VA 24,802 Salem
56%
OH 12,303 Salem
56%
IL 7,485 Salem
56%
UT 6,423 Salem
56%
IN 6,319 Salem
56%
NJ 5,146 Salem
56%
MO 4,950 Salem
56%
AR 2,607 Salem
56%
OK 391,906 Tulsa
56%
ID 205,671 Boise
55%
CA 494,665 Fresno
55%
TX 19,069 Fresno
55%
NV 225,221 Reno
55%
TX 3,166 Reno
55%
TX 2,494 Reno
55%
LA 229,493 Baton Rouge
54%
CO 416,427 Colorado Springs
54%
VA 204,214 Richmond
54%
CA 103,701 Richmond
54%
IN 36,812 Richmond
54%
KY 31,364 Richmond
54%
TX 11,679 Richmond
54%
MO 5,797 Richmond
54%
MI 5,735 Richmond
54%
UT 2,470 Richmond
54%
VA 437,994 Virginia Beach
54%
TX 2,807 West
54%
SC 120,083 Charleston
53%
WV 51,400 Charleston
53%
IL 21,838 Charleston
53%
MO 5,947 Charleston
53%
AR 2,494 Charleston
53%
SC 129,272 Columbia
53%
MO 108,500 Columbia
53%
MD 99,615 Columbia
53%
TN 34,681 Columbia
53%
PA 10,400 Columbia
53%
IL 9,707 Columbia
53%
MS 6,582 Columbia
53%
KY 4,452 Columbia
53%
WI 233,209 Madison
53%
AL 42,938 Madison
53%
MS 24,149 Madison
53%
NJ 15,845 Madison
53%
IN 11,967 Madison
53%
SC 6,474 Madison
53%
GA 3,979 Madison
53%
IL 3,891 Madison
53%
OH 3,184 Madison
53%
WV 3,076 Madison
53%
FL 2,843 Madison
53%
ME 2,630 Madison
53%
NE 2,438 Madison
53%
NJ 277,140 Newark
53%
OH 47,573 Newark
53%
CA 42,573 Newark
53%
DE 31,454 Newark
53%
NY 9,145 Newark
53%
DE 19,371 Bear
52%
FL 181,376 Tallahassee
52%
NM 67,947 Santa Fe
51%
TX 12,222 Santa Fe
51%
KS 382,368 Wichita
51%
TX 365,438 Arlington
50%
VA 207,627 Arlington
50%
MA 42,844 Arlington
50%
WA 17,926 Arlington
50%
TN 11,517 Arlington
50%
NY 4,061 Arlington
50%
LA 13,895 Baker
50%
NJ 2,670 Rio Grande
50%
NJ 247,597 Jersey City
49%
AR 193,524 Little Rock
49%
CA 462,257 Long Beach
49%
NY 33,275 Long Beach
49%
MS 14,792 Long Beach
49%
NY 210,565 Rochester
49%
MN 106,769 Rochester
49%
NH 29,752 Rochester
49%
MI 12,711 Rochester
49%
IN 6,218 Rochester
49%
IL 3,689 Rochester
49%
WI 3,682 Rochester
49%
PA 3,657 Rochester
49%
WA 2,388 Rochester
49%
CA 8,390 August
48%
CA 347,483 Bakersfield
48%
IA 203,433 Des Moines
48%
WA 29,673 Des Moines
48%
CT 124,775 Hartford
48%
WI 14,223 Hartford
48%
MI 2,688 Hartford
48%
KY 2,672 Hartford
48%
AL 2,624 Hartford
48%
SC 2,534 Hartford
48%
NH 109,565 Manchester
48%
CT 30,577 Manchester
48%
MO 18,094 Manchester
48%
VA 10,804 Manchester
48%
TN 10,102 Manchester
48%
WA 5,413 Manchester
48%
IA 5,179 Manchester
48%
MD 4,808 Manchester
48%
GA 4,230 Manchester
48%
PA 2,763 Manchester
48%
AZ 439,041 Mesa
48%
AL 205,764 Montgomery
48%
IL 18,438 Montgomery
48%
OH 10,251 Montgomery
48%
GA 4,523 Montgomery
48%
NY 3,814 Montgomery
48%
MN 2,956 Montgomery
48%
MN 11,196 St. Peter
48%
CA 91,714 Carson
47%
RI 178,042 Providence
47%
UT 7,075 Providence
47%
TX 4,786 Providence
47%
KY 3,193 Providence
47%
OH 287,208 Toledo
47%
OR 3,465 Toledo
47%
CA 336,265 Anaheim
46%
AK 31,275 Juneau
46%
WI 2,814 Juneau
46%
OH 9,904 London
46%
KY 7,993 London
46%
MO 52,575 St. Peters
46%
TX 305,215 Corpus Christi
45%
KY 295,803 Lexington
45%
MA 31,394 Lexington
45%
NC 18,931 Lexington
45%
SC 17,870 Lexington
45%
NE 10,230 Lexington
45%
TN 7,652 Lexington
45%
VA 7,042 Lexington
45%
OH 4,822 Lexington
45%
MO 4,726 Lexington
45%
TX 25,171 Paris
45%
TN 10,156 Paris
45%
IL 8,837 Paris
45%
KY 8,553 Paris
45%
AR 3,532 Paris
45%
IL 3,062 Savanna
45%
GA 136,286 Savannah
45%
TN 6,982 Savannah
45%
MO 5,057 Savannah
45%
TX 3,318 Savannah
45%
FL 244,769 St. Petersburg
45%
TX 2,632 Van
45%
GA 115,452 Athens
44%
OH 23,832 Athens
44%
AL 21,897 Athens
44%
TN 13,458 Athens
44%
TX 12,710 Athens
44%
PA 3,367 Athens
44%
NC 269,666 Greensboro
44%
GA 3,359 Greensboro
44%
AL 2,497 Greensboro
44%
PA 49,528 Harrisburg
44%
NC 11,526 Harrisburg
44%
IL 9,017 Harrisburg
44%
SC 4,089 Harrisburg
44%
OR 3,567 Harrisburg
44%
IN 3,704 Knox
44%
AL 195,111 Mobile
44%
PA 305,704 Pittsburgh
44%
CO 325,078 Aurora
43%
IL 197,899 Aurora
43%
OH 15,548 Aurora
43%
MO 7,508 Aurora
43%
NE 4,479 Aurora
43%
IN 3,750 Aurora
43%
NV 55,274 Carson City
43%
OH 141,527 Dayton
43%
NV 8,964 Dayton
43%
TX 7,242 Dayton
43%
TN 7,191 Dayton
43%
NJ 7,063 Dayton
43%
KY 5,338 Dayton
43%
MN 4,671 Dayton
43%
OR 2,534 Dayton
43%
WA 2,526 Dayton
43%
TN 178,874 Knoxville
43%
IA 7,313 Knoxville
43%
IL 2,911 Knoxville
43%
CA 303,871 Riverside
43%
OH 25,201 Riverside
43%
IL 8,875 Riverside
43%
CT 8,416 Riverside
43%
MD 6,425 Riverside
43%
MO 2,937 Riverside
43%
NY 2,911 Riverside
43%
GA 36,303 Rome
43%
NY 33,725 Rome
43%
WA 208,916 Spokane
43%
LA 11,193 Jefferson
42%
GA 9,432 Jefferson
42%
WI 7,973 Jefferson
42%
IA 4,345 Jefferson
42%
OH 3,120 Jefferson
42%
OR 3,098 Jefferson
42%
CA 324,528 Santa Ana
42%
WA 161,791 Vancouver
42%
GA 195,844 Augusta
41%
ME 19,136 Augusta
41%
KS 9,274 Augusta
41%
NC 228,330 Durham
41%
NH 10,345 Durham
41%
CA 5,518 Durham
41%
CT 2,933 Durham
41%
IN 253,691 Fort Wayne
41%
CT 129,779 New Haven
41%
IN 14,794 New Haven
41%
MI 4,642 New Haven
41%
CA 136,416 Orange
41%
TX 18,595 Orange
41%
CT 13,956 Orange
41%
VA 4,721 Orange
41%
MA 4,018 Orange
41%
OH 3,323 Orange
41%
NY 145,170 Syracuse
41%
UT 24,331 Syracuse
41%
IN 2,810 Syracuse
41%
KS 127,473 Topeka
41%
NJ 84,913 Trenton
41%
MI 18,853 Trenton
41%
OH 11,869 Trenton
41%
MO 6,001 Trenton
41%
TN 4,264 Trenton
41%
IL 2,715 Trenton
41%
FL 165,521 Fort Lauderdale
40%
MI 188,040 Grand Rapids
40%
MN 10,869 Grand Rapids
40%
RI 24,672 Newport
40%
KY 15,273 Newport
40%
OR 9,989 Newport
40%
AR 7,879 Newport
40%
TN 6,945 Newport
40%
NH 4,769 Newport
40%
VT 4,589 Newport
40%
NC 4,150 Newport
40%
SC 4,136 Newport
40%
MN 3,435 Newport
40%
VA 242,803 Norfolk
40%
NE 24,210 Norfolk
40%
CA 88,410 Santa Barbara
40%
UT 72,897 St. George
40%
MT 28,190 Helena
39%
AL 16,793 Helena
39%
GA 2,883 Helena
39%
MI 114,297 Lansing
39%
IL 28,331 Lansing
39%
KS 11,265 Lansing
39%
NY 3,529 Lansing
39%
WA 198,397 Tacoma
39%
PA 43,718 York
39%
NE 7,766 York
39%
SC 7,736 York
39%
AL 2,538 York
39%
OH 199,110 Akron
38%
PA 3,876 Akron
38%
NY 2,868 Akron
38%
TX 190,695 Amarillo
38%
CA 122,067 Concord
38%
NC 79,066 Concord
38%
NH 42,695 Concord
38%
MO 16,421 Concord
38%
MI 6,086 Holly
38%
WA 46,478 Olympia
38%
SC 153,888 Sioux Falls
38%
CA 291,707 Stockton
38%
IA 7,112 Atlantic
37%
WY 59,466 Cheyenne
37%
DE 36,047 Dover
37%
NH 29,987 Dover
37%
NJ 18,157 Dover
37%
OH 12,826 Dover
37%
FL 3,702 Dover
37%
OR 156,185 Eugene
37%
WI 104,057 Green Bay
37%
TX 229,573 Lubbock
37%
CA 209,924 San Bernardino
37%
NC 106,476 Wilmington
37%
DE 70,851 Wilmington
37%
MA 22,325 Wilmington
37%
OH 12,520 Wilmington
37%
IL 5,724 Wilmington
37%
MA 181,045 Worcester
37%
MD 38,394 Annapolis
36%
PA 101,786 Erie
36%
CO 18,135 Erie
36%
KY 25,527 Frankfort
36%
IL 17,782 Frankfort
36%
IN 16,422 Frankfort
36%
NY 2,598 Frankfort
36%
NC 84,554 Greenville
36%
SC 58,409 Greenville
36%
MS 34,400 Greenville
36%
TX 25,557 Greenville
36%
OH 13,227 Greenville
36%
RI 8,658 Greenville
36%
MI 8,481 Greenville
36%
AL 8,135 Greenville
36%
NY 7,116 Greenville
36%
IL 7,000 Greenville
36%
PA 5,919 Greenville
36%
KY 4,312 Greenville
36%
FL 140,768 Hollywood
36%
SC 4,714 Hollywood
36%
NC 6,904 King
36%
NV 216,961 North Las Vegas
36%
VA 139,966 Alexandria
35%
LA 47,723 Alexandria
35%
MN 11,070 Alexandria
35%
KY 8,477 Alexandria
35%
IN 5,145 Alexandria
35%
AL 3,917 Alexandria
35%
MT 104,170 Billings
35%
AZ 226,721 Glendale
35%
CA 191,719 Glendale
35%
WI 12,872 Glendale
35%
MO 5,925 Glendale
35%
CO 4,184 Glendale
35%
NV 257,729 Henderson
35%
KY 28,757 Henderson
35%
NC 15,368 Henderson
35%
TX 13,712 Henderson
35%
TN 6,309 Henderson
35%
AL 180,105 Huntsville
35%
TX 38,548 Huntsville
35%
TX 84,246 Allen
34%
NC 61,272 Bismarck
34%
CO 97,385 Boulder
34%
MA 105,162 Cambridge
34%
MD 12,326 Cambridge
34%
OH 10,635 Cambridge
34%
MN 8,111 Cambridge
34%
AK 31,535 Fairbanks
34%
AL 4,619 Fayette
34%
MO 2,688 Fayette
34%
NC 200,564 Fayetteville
34%
AR 73,580 Fayetteville
34%
GA 15,945 Fayetteville
34%
TN 6,827 Fayetteville
34%
NY 4,373 Fayetteville
34%
PA 3,128 Fayetteville
34%
WV 2,892 Fayetteville
34%
CA 212,375 Irvine
34%
KY 2,715 Irvine
34%
LA 120,623 Lafayette
34%
IN 67,140 Lafayette
34%
CO 24,453 Lafayette
34%
CA 23,893 Lafayette
34%
GA 7,121 LaFayette
34%
TN 4,474 Lafayette
34%
OR 3,742 Lafayette
34%
AL 3,003 La Fayette
34%
TX 149,043 Pasadena
34%
CA 137,122 Pasadena
34%
MD 24,287 Pasadena
34%
LA 8,614 Scott
34%
CA 46,036 Dublin
33%
OH 41,751 Dublin
33%
GA 16,201 Dublin
33%
TX 3,654 Dublin
33%
VA 2,534 Dublin
33%
NC 15,527 Eden
33%
NY 3,516 Eden
33%
TX 2,766 Eden
33%
NC 105,549 Fargo
33%
TX 124,805 Waco
33%
NY 195,976 Yonkers
33%
NJ 39,558 Atlantic City
32%
CA 35,477 Bell
32%
CT 144,229 Bridgeport
32%
WV 8,149 Bridgeport
32%
MI 6,950 Bridgeport
32%
TX 5,976 Bridgeport
32%
PA 4,554 Bridgeport
32%
AL 2,418 Bridgeport
32%
WA 2,409 Bridgeport
32%
IN 80,294 Gary
32%
TX 259,841 Plano
32%
IL 10,856 Plano
32%
AZ 217,385 Scottsdale
32%
TX 104,553 Wichita Falls
32%
NH 10,051 Berlin
31%
NJ 7,588 Berlin
31%
WI 5,524 Berlin
31%
MD 4,485 Berlin
31%
NC 49,963 Burlington
31%
VT 42,417 Burlington
31%
IA 25,663 Burlington
31%
MA 24,498 Burlington
31%
KY 15,926 Burlington
31%
WI 10,464 Burlington
31%
NJ 9,920 Burlington
31%
WA 8,388 Burlington
31%
CO 4,254 Burlington
31%
OH 2,676 Burlington
31%
KS 2,674 Burlington
31%
TN 167,674 Chattanooga
31%
WV 49,138 Huntington
31%
NY 18,046 Huntington
31%
IN 17,391 Huntington
31%
VA 11,267 Huntington
31%
CA 189,992 Huntington Beach
31%
FL 19,537 Naples
31%
CA 163,924 Ontario
31%
OR 11,366 Ontario
31%
OH 6,225 Ontario
31%
UT 112,488 Provo
31%
TX 33,856 San Juan
31%
PA 76,089 Scranton
31%
OR 5,379 Winston
31%
TX 175,023 Brownsville
30%
FL 15,313 Brownsville
30%
TN 10,292 Brownsville
30%
LA 4,317 Brownsville
30%
FL 61,005 Daytona Beach
30%
NJ 124,969 Elizabeth
30%
GA 29,011 Evans
30%
CO 18,537 Evans
30%
AZ 65,870 Flagstaff
30%
MO 43,079 Jefferson City
30%
TN 8,047 Jefferson City
30%
CA 156,633 Lancaster
30%
PA 59,322 Lancaster
30%
OH 38,780 Lancaster
30%
TX 36,361 Lancaster
30%
NY 10,352 Lancaster
30%
SC 8,526 Lancaster
30%
WI 3,868 Lancaster
30%
KY 3,442 Lancaster
30%
TX 236,091 Laredo
30%
TX 129,877 McAllen
30%
FL 76,068 Melbourne
30%
VT 7,855 Montpelier
30%
OH 4,072 Montpelier
30%
ID 2,597 Montpelier
30%
ID 23,800 Moscow
30%
AZ 154,065 Peoria
30%
IL 115,007 Peoria
30%
CA 89,736 Santa Monica
30%
IA 82,684 Sioux City
30%
OK 16,810 Ada
29%
OH 5,952 Ada
29%
PA 118,032 Allentown
29%
MI 113,934 Ann Arbor
29%
NC 83,393 Asheville
29%
PA 4,531 Beaver
29%
UT 3,112 Beaver
29%
VA 222,209 Chesapeake
29%
LA 48,815 Monroe
29%
NC 32,797 Monroe
29%
MI 20,733 Monroe
29%
WA 17,304 Monroe
29%
GA 13,234 Monroe
29%
OH 12,442 Monroe
29%
WI 10,827 Monroe
29%
NY 8,364 Monroe
29%
SC 13,646 Pierre
29%
LA 199,311 Shreveport
29%
OR 76,639 Bend
28%
IA 126,326 Cedar Rapids
28%
LA 2,996 Iowa
28%
WA 92,411 Kent
28%
OH 28,904 Kent
28%
IA 2,543 Madrid
28%
CA 201,165 Modesto
28%
OH 21,371 Oxford
28%
AL 21,348 Oxford
28%
MS 18,916 Oxford
28%
NC 8,461 Oxford
28%
MA 6,103 Oxford
28%
PA 5,077 Oxford
28%
MI 3,436 Oxford
28%
MN 70,576 Plymouth
28%
IN 10,033 Plymouth
28%
MI 9,132 Plymouth
28%
WI 8,445 Plymouth
28%
MA 7,494 Plymouth
28%
PA 5,951 Plymouth
28%
NH 4,456 Plymouth
28%
NC 3,878 Plymouth
28%
CA 116,468 Santa Clara
28%
UT 6,003 Santa Clara
28%
CA 176,320 Santa Clarita
28%
TX 96,900 Tyler
28%
NY 2,696 Victor
28%
CA 5,123 Williams
28%
AZ 3,023 Williams
28%
AZ 236,123 Chandler
27%
OK 3,100 Chandler
27%
IN 2,887 Chandler
27%
TX 2,734 Chandler
27%
MN 86,265 Duluth
27%
GA 26,600 Duluth
27%
TX 77,100 Edinburg
27%
MI 102,434 Flint
27%
TN 62,487 Franklin
27%
WI 35,451 Franklin
27%
IN 23,712 Franklin
27%
OH 11,771 Franklin
27%
VA 8,582 Franklin
27%
NH 8,477 Franklin
27%
KY 8,408 Franklin
27%
LA 7,660 Franklin
27%
PA 6,545 Franklin
27%
CA 6,149 Franklin
27%
NJ 5,045 Franklin
27%
NC 3,845 Franklin
27%
MI 3,150 Franklin
27%
FL 124,354 Gainesville
27%
GA 33,804 Gainesville
27%
TX 16,002 Gainesville
27%
VA 11,481 Gainesville
27%
TX 47,743 Galveston
27%
TX 216,290 Irving
27%
KS 52,281 Manhattan
27%
IL 7,051 Manhattan
27%
VA 180,719 Newport News
27%
NY 50,193 Niagara Falls
27%
TX 99,940 Odessa
27%
FL 7,267 Odessa
27%
MO 5,300 Odessa
27%
CA 59,946 Santa Cruz
27%
CA 99,553 Santa Maria
27%
CA 167,815 Santa Rosa
27%
TX 2,873 Santa Rosa
27%
NM 2,848 Santa Rosa
27%
MA 5,515 Adams
26%
PA 33,972 Chester
26%
VA 20,987 Chester
26%
IL 8,586 Chester
26%
SC 5,607 Chester
26%
MD 4,167 Chester
26%
NY 3,969 Chester
26%
WV 2,585 Chester
26%
CA 243,916 Chula Vista
26%
TX 3,818 Chula Vista
26%
CO 143,986 Fort Collins
26%
TX 47,400 Georgetown
26%
KY 29,098 Georgetown
26%
GA 11,823 Georgetown
26%
SC 9,163 Georgetown
26%
DE 6,422 Georgetown
26%
OH 4,331 Georgetown
26%
IL 3,474 Georgetown
26%
IN 2,876 Georgetown
26%
GA 2,513 Georgetown
26%
VA 137,436 Hampton
26%
NH 9,656 Hampton
26%
GA 6,987 Hampton
26%
MD 5,052 Hampton
26%
IA 4,461 Hampton
26%
SC 2,808 Hampton
26%
AR 3,354 Johnson
26%
NY 23,893 Kingston
26%
PA 13,182 Kingston
26%
RI 6,974 Kingston
26%
TN 5,934 Kingston
26%
MA 5,591 Kingston
26%
GA 91,351 Macon
26%
MO 5,471 Macon
26%
MS 2,768 Macon
26%
CA 197,899 Oxnard
26%
CA 44,552 Palm Springs
26%
FL 18,928 Palm Springs
26%
PA 88,082 Reading
26%
MA 24,747 Reading
26%
OH 10,385 Reading
26%
VA 97,032 Roanoke
26%
AL 6,074 Roanoke
26%
TX 5,962 Roanoke
26%
AZ 161,719 Tempe
26%
AZ 93,064 Yuma
26%
CO 3,524 Yuma
26%
MN 82,893 Bloomington
25%
IN 80,405 Bloomington
25%
IL 76,610 Bloomington
25%
CA 23,851 Bloomington
25%
TX 2,459 Bloomington
25%
IN 117,429 Evansville
25%
WI 5,012 Evansville
25%
WY 2,544 Evansville
25%
CA 214,089 Fremont
25%
NE 26,397 Fremont
25%
OH 16,734 Fremont
25%
MI 4,081 Fremont
25%
OH 62,477 Hamilton
25%
AL 6,885 Hamilton
25%
MT 4,348 Hamilton
25%
NY 4,239 Hamilton
25%
TX 3,095 Hamilton
25%
IL 2,951 Hamilton
25%
NY 31,146 Jamestown
25%
NC 15,427 Jamestown
25%
CA 3,433 Jamestown
25%
NC 3,382 Jamestown
25%
WA 7,275 Mead
25%
CO 3,405 Mead
25%
IL 5,847 Pana
25%
VA 95,535 Portsmouth
25%
NH 20,779 Portsmouth
25%
OH 20,226 Portsmouth
25%
CA 89,861 Redding
25%
CA 112,580 Berkeley
24%
MO 8,978 Berkeley
24%
IL 5,209 Berkeley
24%
FL 154,305 Cape Coral
24%
AK 12,964 College
24%
AZ 208,453 Gilbert
24%
FL 224,669 Hialeah
24%
IA 67,862 Iowa City
24%
OH 11,585 Mack
24%
GA 3,120 Millen
24%
FL 51,923 Pensacola
24%
CO 106,595 Pueblo
24%
IN 101,168 South Bend
24%
FL 20,748 Venice
24%
TX 62,592 Victoria
24%
MN 7,345 Victoria
24%
OH 73,007 Canton
23%
GA 22,958 Canton
23%
IL 14,704 Canton
23%
MS 13,189 Canton
23%
NY 6,314 Canton
23%
NC 4,227 Canton
23%
TX 3,581 Canton
23%
SC 3,057 Canton
23%
CA 47,513 Florin
23%
FL 62,298 Fort Myers
23%
NY 27,472 Harrison
23%
NJ 13,620 Harrison
23%
AR 12,943 Harrison
23%
OH 9,897 Harrison
23%
TN 7,769 Harrison
23%
TX 111,147 Midland
23%
MI 41,863 Midland
23%
WA 8,962 Midland
23%
NC 3,073 Midland
23%
PA 2,635 Midland
23%
TN 7,851 Milan
23%
MI 5,836 Milan
23%
IL 5,099 Milan
23%
NM 3,245 Milan
23%
FL 36,484 Panama City
23%
FL 164,603 Port St. Lucie
23%
MA 92,271 Quincy
23%
IL 40,633 Quincy
23%
FL 7,972 Quincy
23%
WA 6,750 Quincy
23%
NY 62,235 Utica
23%
MI 4,757 Utica
23%
OH 66,982 Youngstown
23%
TX 117,063 Abilene
22%
KS 6,844 Abilene
22%
WA 70,180 Auburn
22%
AL 53,380 Auburn
22%
NY 27,687 Auburn
22%
ME 23,055 Auburn
22%
CA 13,330 Auburn
22%
IN 12,731 Auburn
22%
GA 6,887 Auburn
22%
IL 4,771 Auburn
22%
NE 3,460 Auburn
22%
CT 60,477 Bristol
22%
TN 26,702 Bristol
22%
VA 17,835 Bristol
22%
PA 9,726 Bristol
22%
WI 2,584 Bristol
22%
OH 11,169 Brooklyn
22%
CA 96,455 Compton
22%
IA 99,685 Davenport
22%
FL 2,888 Davenport
22%
AL 39,319 Florence
22%
SC 37,056 Florence
22%
KY 29,951 Florence
22%
AZ 25,536 Florence
22%
OR 8,466 Florence
22%
NJ 4,426 Florence
22%
MS 4,141 Florence
22%
CO 3,881 Florence
22%
TX 116,989 Frisco
22%
CO 2,683 Frisco
22%
TX 226,876 Garland
22%
UT 2,400 Garland
22%
DE 14,303 Glasgow
22%
KY 14,028 Glasgow
22%
MT 3,250 Glasgow
22%
ID 56,813 Idaho Falls
22%
NM 97,618 Las Cruces
22%
KS 87,643 Lawrence
22%
MA 76,377 Lawrence
22%
IN 46,001 Lawrence
22%
NY 6,483 Lawrence
22%
AL 11,773 Leeds
22%
FL 87,779 Miami Beach
22%
CA 27,810 Monterey
22%
TN 2,850 Monterey
22%
PA 23,273 New Castle
22%
IN 18,114 New Castle
22%
WA 10,380 Newcastle
22%
OK 7,685 Newcastle
22%
DE 5,285 New Castle
22%
CO 4,518 New Castle
22%
WY 3,532 Newcastle
22%
OK 110,925 Norman
22%
UT 82,825 Ogden
22%
NC 6,766 Ogden
22%
MO 16,062 Overland
22%
FL 8,348 Palm Beach
22%
NV 223,167 Paradise
22%
CA 26,218 Paradise
22%
IL 152,871 Rockford
22%
MI 5,719 Rockford
22%
MN 4,316 Rockford
22%
AL 90,468 Tuscaloosa
22%
NY 18,620 Amsterdam
21%
ME 33,039 Bangor
21%
PA 5,273 Bangor
21%
WA 122,363 Bellevue
21%
NE 50,137 Bellevue
21%
WI 14,570 Bellevue
21%
PA 8,370 Bellevue
21%
OH 8,202 Bellevue
21%
KY 5,955 Bellevue
21%
MT 37,280 Bozeman
21%
NJ 77,344 Camden
21%
AR 12,183 Camden
21%
SC 6,838 Camden
21%
TN 3,582 Camden
21%
ME 3,570 Camden
21%
DE 3,464 Camden
21%
WY 55,316 Casper
21%
VA 43,475 Charlottesville
21%
TN 132,929 Clarksville
21%
IN 21,724 Clarksville
21%
AR 9,178 Clarksville
21%
TX 3,285 Clarksville
21%
TX 93,857 College Station
21%
CA 27,191 Eureka
21%
MO 10,189 Eureka
21%
IL 5,295 Eureka
21%
KS 2,633 Eureka
21%
HI 43,263 Hilo
21%
MO 11,543 Mexico
21%
CA 167,086 Oceanside
21%
NY 32,109 Oceanside
21%
KS 173,372 Overland Park
21%
AZ 25,505 San Luis
21%
NY 3,109 Southampton
21%
OH 5,091 Toronto
21%
MI 134,056 Warren
21%
OH 41,557 Warren
21%
PA 9,710 Warren
21%
AR 6,003 Warren
21%
FL 99,919 West Palm Beach
21%
SC 26,091 Aberdeen
20%
WA 16,896 Aberdeen
20%
MD 14,959 Aberdeen
20%
NC 6,350 Aberdeen
20%
MS 5,612 Aberdeen
20%
TX 118,296 Beaumont
20%
CA 36,877 Beaumont
20%
FL 107,685 Clearwater
20%
SC 4,370 Clearwater
20%
KS 2,481 Clearwater
20%
CA 65,622 Davis
20%
OK 2,683 Davis
20%
OH 10,497 Dent
20%
NY 30,014 Ithaca
20%
MI 2,910 Ithaca
20%
IL 147,433 Joliet
20%
OK 2,692 Jones
20%
MT 66,788 Missoula
20%
CT 27,620 New London
20%
WI 7,295 New London
20%
OH 2,461 New London
20%
FL 22,038 Princeton
20%
NJ 12,307 Princeton
20%
IN 8,644 Princeton
20%
IL 7,660 Princeton
20%
TX 6,807 Princeton
20%
WV 6,432 Princeton
20%
KY 6,329 Princeton
20%
MN 4,698 Princeton
20%
FL 51,917 Sarasota
20%
CT 122,643 Stamford
20%
TX 3,124 Stamford
20%
TX 2,472 The Hills
20%
MS 44,054 Biloxi
19%
CA 103,340 Burbank
19%
IL 28,925 Burbank
19%
CA 4,926 Burbank
19%
WA 3,291 Burbank
19%
AK 3,246 Butte
19%
TX 113,383 Denton
19%
MD 4,418 Denton
19%
IN 4,480 Edinburgh
19%
AR 86,209 Fort Smith
19%
MD 65,239 Frederick
19%
CO 8,679 Frederick
19%
OK 3,940 Frederick
19%
MN 4,096 Grant
19%
NY 9,409 Hamburg
19%
PA 4,289 Hamburg
19%
NJ 3,277 Hamburg
19%
AR 2,857 Hamburg
19%
UT 3,687 Morgan
19%
SC 27,109 Myrtle Beach
19%
CA 76,915 Napa
19%
IL 141,853 Naperville
19%
AK 3,598 Nome
19%
CA 152,750 Palmdale
19%
NJ 146,199 Paterson
19%
CA 20,413 Patterson
19%
LA 6,112 Patterson
19%
MS 25,092 Pearl
19%
KS 47,707 Salina
19%
UT 2,489 Salina
19%
IN 14,850 St. John
19%
MO 6,517 St. John
19%
MI 7,865 St. Johns
19%
AZ 3,480 St. Johns
19%
TX 36,411 Texarkana
19%
AR 29,919 Texarkana
19%
MI 80,980 Troy
19%
NY 50,129 Troy
19%
OH 25,058 Troy
19%
AL 18,033 Troy
19%
MO 10,540 Troy
19%
IL 9,888 Troy
19%
NC 3,189 Troy
19%
CO 6,658 Aspen
18%
MA 39,502 Beverly
18%
NJ 2,577 Beverly
18%
MD 11,857 California
18%
PA 6,795 California
18%
MO 4,278 California
18%
MI 4,229 Caro
18%
MD 35,970 Clinton
18%
IA 26,885 Clinton
18%
MS 25,216 Clinton
18%
UT 20,426 Clinton
18%
TN 9,841 Clinton
18%
OK 9,033 Clinton
18%
MO 9,008 Clinton
18%
NC 8,639 Clinton
18%
SC 8,490 Clinton
18%
MA 7,389 Clinton
18%
IL 7,225 Clinton
18%
IN 4,893 Clinton
18%
CT 3,368 Clinton
18%
NJ 2,719 Clinton
18%
AR 2,602 Clinton
18%
WA 103,019 Everett
18%
MA 41,667 Everett
18%
FL 97,422 Lakeland
18%
TN 12,430 Lakeland
18%
GA 3,366 Lakeland
18%
NY 2,786 Lakeland
18%
CO 142,980 Lakewood
18%
CA 80,048 Lakewood
18%
WA 58,163 Lakewood
18%
NJ 53,805 Lakewood
18%
OH 52,131 Lakewood
18%
IL 3,811 Lakewood
18%
SC 3,032 Lakewood
18%
NY 3,002 Lakewood
18%
ME 36,592 Lewiston
18%
ID 31,894 Lewiston
18%
NY 2,701 Lewiston
18%
OH 2,821 Lisbon
18%
ID 81,557 Nampa
18%
SC 67,956 Rapid City
18%
VA 14,068 Williamsburg
18%
FL 7,646 Williamsburg
18%
KY 5,245 Williamsburg
18%
IA 3,068 Williamsburg
18%
OH 2,490 Williamsburg
18%
WI 72,623 Appleton
17%
ME 6,668 Belfast
17%
AR 30,681 Benton
17%
IL 7,087 Benton
17%
KY 4,349 Benton
17%
PA 74,982 Bethlehem
17%
NC 4,214 Bethlehem
17%
WV 2,499 Bethlehem
17%
KY 58,067 Bowling Green
17%
OH 30,028 Bowling Green
17%
MO 5,334 Bowling Green
17%
FL 2,930 Bowling Green
17%
OK 98,850 Broken Arrow
17%
CA 105,328 Carlsbad
17%
NM 26,138 Carlsbad
17%
CA 86,187 Chico
17%
CO 58,566 Grand Junction
17%
WI 99,218 Kenosha
17%
CA 12,645 Malibu
17%
TN 11,473 Martin
17%
MA 28,549 Northampton
17%
PA 9,926 Northampton
17%
GA 88,346 Roswell
17%
NM 48,366 Roswell
17%
MI 63,131 Taylor
17%
TX 15,191 Taylor
17%
PA 6,263 Taylor
17%
AZ 4,112 Taylor
17%
CA 126,683 Thousand Oaks
17%
IN 56,129 Anderson
16%
SC 26,686 Anderson
16%
CA 9,932 Anderson
16%
WA 80,885 Bellingham
16%
MA 4,854 Bellingham
16%
CA 34,109 Beverly Hills
16%
MI 10,267 Beverly Hills
16%
FL 8,445 Beverly Hills
16%
FL 84,392 Boca Raton
16%
GA 9,607 Cairo
16%
IL 2,831 Cairo
16%
WI 65,883 Eau Claire
16%
NM 45,877 Farmington
16%
MN 21,086 Farmington
16%
UT 18,275 Farmington
16%
MO 16,240 Farmington
16%
MI 10,372 Farmington
16%
AR 5,974 Farmington
16%
ME 4,288 Farmington
16%
NH 3,885 Farmington
16%
IL 2,448 Farmington
16%
MS 67,793 Gulfport
16%
FL 12,029 Gulfport
16%
UT 48,174 Logan
16%
OH 7,152 Logan
16%
OR 74,907 Medford
16%
MA 56,173 Medford
16%
NY 24,142 Medford
16%
WI 4,326 Medford
16%
TN 108,755 Murfreesboro
16%
NC 2,835 Murfreesboro
16%
NH 86,494 Nashua
16%
MA 85,146 Newton
16%
KS 19,132 Newton
16%
IA 15,254 Newton
16%
NC 12,968 Newton
16%
NJ 7,997 Newton
16%
MS 3,373 Newton
16%
IL 2,849 Newton
16%
TX 2,478 Newton
16%
CT 40,493 Norwich
16%
NY 7,190 Norwich
16%
IL 18,768 Ottawa
16%
KS 12,649 Ottawa
16%
OH 4,460 Ottawa
16%
CA 45,119 San Luis Obispo
16%
WI 9,522 Sparta
16%
TN 4,925 Sparta
16%
IL 4,302 Sparta
16%
MI 4,140 Sparta
16%
AZ 117,517 Surprise
16%
TX 45,099 Texas City
16%
IN 13,559 Warsaw
16%
NY 3,473 Warsaw
16%
NC 3,054 Warsaw
16%
CT 110,366 Waterbury
16%
MI 17,593 Wayne
16%
NE 5,660 Wayne
16%
IL 2,431 Wayne
16%
FL 56,508 Wellington
16%
KS 8,172 Wellington
16%
CO 6,289 Wellington
16%
OH 4,802 Wellington
16%
NC 49,167 Wilson
16%
PA 7,896 Wilson
16%
WA 91,067 Yakima
16%
TX 46,979 Bedford
15%
IN 13,413 Bedford
15%
OH 13,074 Bedford
15%
VA 6,222 Bedford
15%
PA 2,841 Bedford
15%
IN 79,191 Carmel
15%
NC 135,234 Cary
15%
IL 18,271 Cary
15%
ID 44,137 Coeur d'Alene
15%
CA 152,374 Corona
15%
MI 98,153 Dearborn
15%
IL 76,122 Decatur
15%
AL 55,683 Decatur
15%
GA 19,335 Decatur
15%
IN 9,405 Decatur
15%
TX 6,042 Decatur
15%
CA 153,015 Elk Grove
15%
IL 74,486 Evanston
15%
WY 12,359 Evanston
15%
CA 105,321 Fairfield
15%
OH 42,510 Fairfield
15%
AL 11,117 Fairfield
15%
IA 9,464 Fairfield
15%
IL 5,154 Fairfield
15%
TX 2,951 Fairfield
15%
ME 2,638 Fairfield
15%
NY 2,833 Florida
15%
CA 196,069 Fontana
15%
MT 58,505 Great Falls
15%
VA 15,427 Great Falls
15%
NJ 50,005 Hoboken
15%
MO 116,830 Independence
15%
KY 24,757 Independence
15%
KS 9,483 Independence
15%
OR 8,590 Independence
15%
OH 7,133 Independence
15%
IA 5,966 Independence
15%
MN 3,504 Independence
15%
CA 109,673 Inglewood
15%
MI 74,262 Kalamazoo
15%
TX 127,921 Killeen
15%
FL 59,682 Kissimmee
15%
LA 71,993 Lake Charles
15%
MA 106,519 Lowell
15%
IN 9,276 Lowell
15%
AR 7,327 Lowell
15%
MI 3,783 Lowell
15%
NC 3,526 Lowell
15%
TX 131,117 McKinney
15%
WV 29,660 Morgantown
15%
KY 2,394 Morgantown
15%
MA 7,446 Nantucket
15%
MA 95,072 New Bedford
15%
SC 97,471 North Charleston
15%
OH 20,291 Oregon
15%
WI 9,231 Oregon
15%
IL 3,721 Oregon
15%
CA 64,403 Palo Alto
15%
CO 45,297 Parker
15%
SC 11,431 Parker
15%
FL 4,317 Parker
15%
TX 3,811 Parker
15%
AZ 3,083 Parker
15%
CA 165,269 Rancho Cucamonga
15%
CA 118,788 Roseville
15%
MI 47,299 Roseville
15%
MN 33,660 Roseville
15%
CA 150,441 Salinas
15%
MI 14,144 Sault Ste. Marie
15%
WA 89,755 Spokane Valley
15%
FL 12,975 St. Augustine
15%
MN 65,842 St. Cloud
15%
FL 35,183 St. Cloud
15%
MO 76,780 St. Joseph
15%
MI 8,365 St. Joseph
15%
MN 6,534 St. Joseph
15%
IL 3,967 St. Joseph
15%
MO 10,204 Union
15%
SC 8,393 Union
15%
OH 6,419 Union
15%
KY 5,379 Union
15%
VA 15,687 Vienna
15%
WV 10,749 Vienna
15%
GA 4,011 Vienna
15%
CA 124,442 Visalia
15%
WA 31,731 Walla Walla
15%
RI 82,672 Warwick
15%
NY 6,731 Warwick
15%
NV 27,978 Winchester
15%
VA 26,203 Winchester
15%
MA 21,374 Winchester
15%
KY 18,368 Winchester
15%
TN 8,530 Winchester
15%
IN 4,935 Winchester
15%
CA 2,534 Winchester
15%
AK 4,212 Barrow
14%
OR 89,803 Beaverton
14%
IN 5,693 Bright
14%
OH 34,255 Brunswick
14%
GA 15,383 Brunswick
14%
ME 15,175 Brunswick
14%
MD 5,870 Brunswick
14%
NV 18,297 Elko
14%
VA 24,286 Fredericksburg
14%
TX 10,530 Fredericksburg
14%
CA 135,161 Fullerton
14%
PA 14,925 Fullerton
14%
NC 52,838 Grand Forks
14%
TX 175,396 Grand Prairie
14%
AL 81,619 Hoover
14%
AR 67,263 Jonesboro
14%
GA 4,724 Jonesboro
14%
LA 4,704 Jonesboro
14%
MO 29,149 Liberty
14%
TX 8,397 Liberty
14%
NY 4,392 Liberty
14%
SC 3,269 Liberty
14%
NC 2,656 Liberty
14%
PA 2,551 Liberty
14%
OH 38,771 Lima
14%
PA 2,735 Lima
14%
MA 90,329 Lynn
14%
CA 78,958 Merced
14%
CA 193,365 Moreno Valley
14%
NY 67,292 Mount Vernon
14%
WA 31,743 Mount Vernon
14%
OH 16,990 Mount Vernon
14%
IL 15,277 Mount Vernon
14%
VA 12,416 Mount Vernon
14%
IN 6,687 Mount Vernon
14%
MO 4,575 Mount Vernon
14%
IA 4,506 Mount Vernon
14%
TX 2,662 Mount Vernon
14%
KY 2,477 Mount Vernon
14%
GA 2,451 Mount Vernon
14%
NJ 11,701 Ocean City
14%
MD 7,102 Ocean City
14%
FL 5,550 Ocean City
14%
MO 7,002 Pacific
14%
WA 6,606 Pacific
14%
CA 149,058 Pomona
14%
NJ 7,124 Pomona
14%
NY 3,103 Pomona
14%
NY 32,736 Poughkeepsie
14%
AZ 39,843 Prescott
14%
WI 4,258 Prescott
14%
AR 3,296 Prescott
14%
NY 16,258 Roosevelt
14%
UT 6,046 Roosevelt
14%
TX 99,887 Round Rock
14%
AL 9,039 Sheffield
14%
OH 3,982 Sheffield
14%
VA 27,822 Sterling
14%
IL 15,370 Sterling
14%
CO 14,777 Sterling
14%
AK 5,617 Sterling
14%
VA 84,585 Suffolk
14%
TX 78,817 Sugar Land
14%
CA 145,438 Torrance
14%
CA 106,433 Ventura
14%
CO 106,114 Westminster
14%
CA 89,701 Westminster
14%
MD 18,590 Westminster
14%
LA 3,008 Westminster
14%
SC 2,418 Westminster
14%
PA 46,320 Altoona
13%
IA 14,541 Altoona
13%
WI 6,706 Altoona
13%
NY 47,376 Binghamton
13%
NY 36,609 Brighton
13%
CO 33,352 Brighton
13%
MI 7,444 Brighton
13%
AL 2,945 Brighton
13%
TN 2,735 Brighton
13%
IL 81,055 Champaign
13%
IN 7,585 Charlestown
13%
WV 5,259 Charles Town
13%
KS 27,340 Dodge City
13%
CA 143,911 Escondido
13%
MD 39,262 Essex
13%
IL 21,495 Geneva
13%
NY 13,261 Geneva
13%
OH 6,215 Geneva
13%
AL 4,452 Geneva
13%
FL 2,940 Geneva
13%
PA 15,289 Hanover
13%
NH 8,636 Hanover
13%
IN 3,546 Hanover
13%
MN 2,938 Hanover
13%
OH 22,262 Hudson
13%
MA 14,907 Hudson
13%
WI 12,719 Hudson
13%
FL 12,158 Hudson
13%
NH 7,336 Hudson
13%
NY 6,713 Hudson
13%
TX 4,731 Hudson
13%
NC 3,776 Hudson
13%
CA 3,254 Kennedy
13%
WI 7,651 Lake Geneva
13%
VA 75,568 Lynchburg
13%
TN 6,362 Lynchburg
13%
MS 2,437 Lynchburg
13%
ID 75,092 Meridian
13%
MS 41,148 Meridian
13%
PA 3,881 Meridian
13%
CO 2,970 Meridian
13%
FL 107,167 Miami Gardens
13%
CA 85,186 Newport Beach
13%
KS 125,872 Olathe
13%
WI 66,083 Oshkosh
13%
NC 2,973 Pembroke
13%
ID 54,255 Pocatello
13%
CA 97,207 San Mateo
13%
CA 29,926 Saratoga
13%
NY 66,135 Schenectady
13%
AZ 10,031 Sedona
13%
NV 90,264 Sparks
13%
TX 4,529 Sparks
13%
CA 115,903 Victorville
13%
UT 103,712 West Jordan
13%
IL 37,648 Wheeling
13%
WV 28,486 Wheeling
13%
TX 18,353 Alamo
12%
CA 14,570 Alamo
12%
GA 2,797 Alamo
12%
TN 2,461 Alamo
12%
AR 35,301 Bentonville
12%
TX 119,097 Carrollton
12%
GA 24,388 Carrollton
12%
VA 4,574 Carrollton
12%
KY 3,938 Carrollton
12%
MO 3,784 Carrollton
12%
OH 3,241 Carrollton
12%
IL 2,484 Carrollton
12%
NC 57,233 Chapel Hill
12%
MO 47,484 Chesterfield
12%
IN 2,547 Chesterfield
12%
AL 9,708 Clay
12%
CA 95,631 Clovis
12%
NM 37,775 Clovis
12%
FL 121,096 Coral Springs
12%
CA 101,123 Daly City
12%
CT 80,893 Danbury
12%
IA 57,637 Dubuque
12%
ID 19,908 Eagle
12%
CO 6,508 Eagle
12%
PA 26,800 Easton
12%
MD 15,945 Easton
12%
PA 7,620 Gettysburg
12%
CT 12,942 Greenwich
12%
NJ 2,755 Greenwich
12%
CA 144,186 Hayward
12%
OR 91,611 Hillsboro
12%
TX 8,456 Hillsboro
12%
OH 6,605 Hillsboro
12%
IL 6,207 Hillsboro
12%
KS 2,993 Hillsboro
12%
MO 2,821 Hillsboro
12%
NY 5,886 Hilton
12%
TN 63,152 Johnson City
12%
NY 15,174 Johnson City
12%
MO 50,150 Joplin
12%
TX 80,455 Longview
12%
WA 36,648 Longview
12%
NC 4,871 Long View
12%
TX 56,368 Mansfield
12%
OH 47,821 Mansfield
12%
LA 5,001 Mansfield
12%
PA 3,625 Mansfield
12%
TX 139,824 Mesquite
12%
NV 15,276 Mesquite
12%
TX 77,058 Mission
12%
KS 9,323 Mission
12%
IL 13,636 Morris
12%
MN 5,286 Morris
12%
NY 77,062 New Rochelle
12%
CA 105,549 Norwalk
12%
CT 85,603 Norwalk
12%
OH 17,012 Norwalk
12%
IA 8,945 Norwalk
12%
FL 56,315 Ocala
12%
FL 103,190 Palm Bay
12%
OH 81,601 Parma
12%
WI 78,860 Racine
12%
TX 99,223 Richardson
12%
MI 51,508 Saginaw
12%
TX 19,806 Saginaw
12%
TX 93,200 San Angelo
12%
SC 37,013 Spartanburg
12%
PA 42,034 State College
12%
MO 65,794 St. Charles
12%
IL 32,974 St. Charles
12%
MN 3,735 St. Charles
12%
CA 140,081 Sunnyvale
12%
TX 5,130 Sunnyvale
12%
ID 44,125 Twin Falls
12%
UT 129,480 West Valley City
12%
PA 41,498 Wilkes-Barre
12%
MI 72,125 Wyoming
12%
OH 8,428 Wyoming
12%
MN 7,791 Wyoming
12%
PA 3,073 Wyoming
12%
IA 58,965 Ames
11%
CA 102,372 Antioch
11%
IL 14,430 Antioch
11%
CO 106,433 Arvada
11%
VA 42,620 Blacksburg
11%
VA 43,055 Danville
11%
CA 42,039 Danville
11%
IL 33,027 Danville
11%
KY 16,218 Danville
11%
IN 9,001 Danville
11%
PA 4,699 Danville
11%
AR 2,409 Danville
11%
IL 108,188 Elgin
11%
TX 8,135 Elgin
11%
SC 2,607 Elgin
11%
MA 88,857 Fall River
11%
KY 10,124 Fort Knox
11%
VA 9,496 George Mason
11%
MA 28,789 Gloucester
11%
AZ 65,275 Goodyear
11%
NE 48,520 Grand Island
11%
CO 92,889 Greeley
11%
CA 53,104 Highland
11%
IN 23,727 Highland
11%
UT 15,523 Highland
11%
IL 9,919 Highland
11%
NY 5,647 Highland
11%
IN 4,489 Highland
11%
FL 55,156 Jupiter
11%
AZ 52,527 Lake Havasu City
11%
AK 8,364 Lakes
11%
WY 30,816 Laramie
11%
TN 26,190 Lebanon
11%
PA 25,477 Lebanon
11%
OH 20,033 Lebanon
11%
IN 15,792 Lebanon
11%
OR 15,518 Lebanon
11%
MO 14,474 Lebanon
11%
NH 13,151 Lebanon
11%
KY 5,539 Lebanon
11%
IL 4,418 Lebanon
11%
VA 3,424 Lebanon
11%
TX 95,290 Lewisville
11%
NC 12,639 Lewisville
11%
OH 30,712 Mason
11%
MI 8,252 Mason
11%
OH 48,694 Middletown
11%
CT 47,648 Middletown
11%
NY 28,086 Middletown
11%
DE 18,871 Middletown
11%
PA 8,901 Middletown
11%
PA 7,441 Middletown
11%
KY 7,218 Middletown
11%
MD 4,136 Middletown
11%
OK 55,081 Moore
11%
CA 74,066 Mountain View
11%
HI 3,924 Mountain View
11%
NC 3,552 Mountain View
11%
AR 2,748 Mountain View
11%
MO 2,719 Mountain View
11%
SC 67,843 Mount Pleasant
11%
WI 26,197 Mount Pleasant
11%
MI 26,016 Mount Pleasant
11%
TX 15,564 Mount Pleasant
11%
IA 8,668 Mount Pleasant
11%
TN 4,561 Mount Pleasant
11%
PA 4,454 Mount Pleasant
11%
UT 3,260 Mount Pleasant
11%
MO 8,386 Nevada
11%
IA 6,798 Nevada
11%
NJ 55,181 New Brunswick
11%
FL 58,786 North Miami
11%
FL 57,357 North Port
11%
AL 23,330 Northport
11%
NY 7,401 Northport
11%
KY 57,265 Owensboro
11%
TX 91,252 Pearland
11%
FL 154,750 Pembroke Pines
11%
VA 32,420 Petersburg
11%
AK 2,948 Petersburg
11%
WV 2,467 Petersburg
11%
IN 2,383 Petersburg
11%
FL 99,845 Pompano Beach
11%
TX 4,338 Redwood
11%
OR 2,627 Redwood
11%
WA 48,058 Richland
11%
MS 6,912 Richland
11%
CA 83,781 San Marcos
11%
TX 44,894 San Marcos
11%
CA 23,219 Selma
11%
AL 20,756 Selma
11%
NC 6,073 Selma
11%
TX 5,540 Selma
11%
AR 69,797 Springdale
11%
NJ 14,518 Springdale
11%
OH 11,223 Springdale
11%
PA 3,405 Springdale
11%
MD 2,994 Springdale
11%
SC 2,636 Springdale
11%
SC 2,574 Springdale
11%
CA 13,809 Stanford
11%
KY 3,487 Stanford
11%
AR 22,791 Van Buren
11%
NY 27,023 Watertown
11%
WI 23,861 Watertown
11%
SC 21,482 Watertown
11%
MN 4,205 Watertown
11%
CT 3,574 Watertown
11%
FL 2,829 Watertown
11%
FL 29,862 Westchester
11%
PA 18,461 West Chester
11%
IL 16,718 Westchester
11%
FL 65,333 Weston
11%
WI 14,868 Weston
11%
WV 4,110 Weston
11%
NY 56,853 White Plains
11%
CA 26,801 Windsor
11%
CO 18,644 Windsor
11%
NC 3,630 Windsor
11%
WI 3,573 Windsor
11%
MO 2,901 Windsor
11%
VA 2,626 Windsor
11%
AR 2,901 Alexander
10%
OH 12,021 Amherst
10%
CT 9,549 Bethel
10%
AK 6,080 Bethel
10%
WA 3,713 Bethel
10%
OH 2,711 Bethel
10%
PA 8,770 Bradford
10%
FL 21,804 Brent
10%
AL 4,947 Brent
10%
CA 4,282 Brisbane
10%
CA 77,983 Chino
10%
NC 16,116 Clayton
10%
MO 15,939 Clayton
10%
OH 13,209 Clayton
10%
CA 10,897 Clayton
10%
NJ 8,179 Clayton
10%
AL 3,008 Clayton
10%
NM 2,980 Clayton
10%
DE 2,918 Clayton
10%
AR 58,908 Conway
10%
SC 17,103 Conway
10%
FL 13,467 Conway
10%
OR 54,462 Corvallis
10%
MD 20,859 Cumberland
10%
IN 5,169 Cumberland
10%
NC 10,944 Davidson
10%
OH 34,753 Delaware
10%
NH 22,015 Derry
10%
PA 2,688 Derry
10%
CA 111,772 Downey
10%
MI 48,579 East Lansing
10%
OK 81,405 Edmond
10%
CA 10,334 Exeter
10%
NH 9,242 Exeter
10%
PA 5,652 Exeter
10%
VA 22,565 Fairfax
10%
CA 7,441 Fairfax
10%
CA 170,883 Garden Grove
10%
NM 9,182 Grants
10%
IN 80,830 Hammond
10%
LA 20,019 Hammond
10%
VA 48,914 Harrisonburg
10%
MS 45,989 Hattiesburg
10%
NC 104,371 High Point
10%
FL 3,686 High Point
10%
AR 35,193 Hot Springs
10%
SC 3,711 Hot Springs
10%
SC 12,592 Huron
10%
OH 7,149 Huron
10%
CA 6,754 Huron
10%
CA 76,036 Indio
10%
PA 20,978 Johnstown
10%
CO 9,887 Johnstown
10%
NY 8,743 Johnstown
10%
OH 4,632 Johnstown
10%
MN 5,470 Jordan
10%
WA 73,917 Kennewick
10%
VA 7,177 Lake of the Woods
10%
AZ 4,094 Lake of the Woods
10%
IL 2,912 Lake of the Woods
10%
OK 96,867 Lawton
10%
NH 11,037 Londonderry
10%
OH 36,837 Marion
10%
IA 34,768 Marion
10%
IN 29,948 Marion
10%
IL 17,193 Marion
10%
AR 12,345 Marion
10%
NC 7,838 Marion
10%
SC 6,939 Marion
10%
VA 5,968 Marion
10%
AL 3,686 Marion
10%
KY 3,039 Marion
10%
MI 21,355 Marquette
10%
IN 31,479 Michigan City
10%
GA 32,661 Milton
10%
MA 27,003 Milton
10%
FL 8,826 Milton
10%
PA 7,042 Milton
10%
WA 6,968 Milton
10%
WI 5,546 Milton
10%
NY 3,087 Milton
10%
LA 3,030 Milton
10%
DE 2,576 Milton
10%
WV 2,423 Milton
10%
FL 122,041 Miramar
10%
IN 70,085 Muncie
10%
PA 2,477 Muncy
10%
CA 2,731 Nice
10%
CA 5,382 Palermo
10%
RI 71,148 Pawtucket
10%
HI 47,698 Pearl City
10%
WA 54,144 Redmond
10%
OR 26,215 Redmond
10%
NY 20,652 Rotterdam
10%
NC 33,662 Salisbury
10%
MD 30,343 Salisbury
10%
NY 12,093 Salisbury
10%
MA 4,869 Salisbury
10%
AK 8,881 Sitka
10%
NY 7,238 Southport
10%
NC 2,833 Southport
10%
MI 129,699 Sterling Heights
10%
FL 84,439 Sunrise
10%
WI 27,244 Superior
10%
CO 12,483 Superior
10%
AZ 2,837 Superior
10%
CA 100,097 Temecula
10%
TX 66,102 Temple
10%
GA 4,228 Temple
10%
IN 60,785 Terre Haute
10%
MS 34,546 Tupelo
10%
CA 69,516 Union City
10%
NJ 66,455 Union City
10%
GA 19,456 Union City
10%
TN 10,895 Union City
10%
IN 3,584 Union City
10%
PA 3,320 Union City
10%
CA 115,942 Vallejo
10%
AL 9,524 Valley
10%
IA 68,406 Waterloo
10%
IL 9,811 Waterloo
10%
NY 5,171 Waterloo
10%
WI 3,333 Waterloo
10%
WI 70,718 Waukesha
10%
CA 21,925 Ashland
9%
KY 21,684 Ashland
9%
OH 20,362 Ashland
9%
OR 20,078 Ashland
9%
NJ 8,302 Ashland
9%
WI 8,216 Ashland
9%
VA 7,225 Ashland
9%
MO 3,707 Ashland
9%
PA 2,817 Ashland
9%
NE 2,453 Ashland
9%
OH 21,193 Avon
9%
IN 12,446 Avon
9%
CO 6,447 Avon
9%
NY 3,394 Avon
9%
IN 7,912 Brazil
9%
OH 14,407 Bridgetown
9%
TX 7,295 Buda
9%
CA 38,572 Calexico
9%
CA 14,120 California City
9%
IA 10,103 Carroll
9%
CO 100,377 Centennial
9%
IA 5,253 Cherokee
9%
CA 58,302 Cupertino
9%
FL 91,992 Davie
9%
FL 12,305 Destin
9%
KY 28,531 Elizabethtown
9%
PA 11,545 Elizabethtown
9%
NC 3,583 Elizabethtown
9%
OK 49,379 Enid
9%
CA 15,002 Fillmore
9%
UT 2,435 Fillmore
9%
VA 9,106 Forest
9%
MS 5,684 Forest
9%
NJ 30,487 Garfield
9%
IL 5,563 Hampshire
9%
NY 53,891 Hempstead
9%
TX 5,770 Hempstead
9%
SC 37,099 Hilton Head Island
9%
MI 33,051 Holland
9%
MA 4,222 Ipswich
9%
IN 15,038 Jasper
9%
AL 14,352 Jasper
9%
TX 7,590 Jasper
9%
FL 4,546 Jasper
9%
GA 3,684 Jasper
9%
TN 3,279 Jasper
9%
FL 10,433 Key Largo
9%
WA 48,787 Kirkland
9%
AK 6,130 Kodiak
9%
WI 51,320 La Crosse
9%
CO 41,737 Littleton
9%
NH 4,412 Littleton
9%
NC 40,888 Minot
9%
CA 93,305 Mission Viejo
9%
TX 67,358 Missouri City
9%
UT 88,328 Orem
9%
NM 87,521 Rio Rancho
9%
CA 23,645 San Fernando
9%
CA 124,237 Simi Valley
9%
MA 75,754 Somerville
9%
NJ 12,098 Somerville
9%
TN 3,094 Somerville
9%
WI 9,365 St. Francis
9%
MN 7,218 St. Francis
9%
WI 10,518 Sussex
9%
MI 14,674 Traverse City
9%
CA 106,098 West Covina
9%
CT 26,391 Westport
9%
NC 4,026 Westport
9%
GA 5,334 Adel
8%
IA 3,682 Adel
8%
IL 27,865 Alton
8%
TX 12,341 Alton
8%
CA 69,135 Apple Valley
8%
MN 49,084 Apple Valley
8%
OH 5,058 Apple Valley
8%
OR 9,477 Astoria
8%
ME 8,514 Bath
8%
NY 5,786 Bath
8%
PA 2,693 Bath
8%
MI 52,347 Battle Creek
8%
MI 34,932 Bay City
8%
TX 17,614 Bay City
8%
MD 60,858 Bethesda
8%
MA 93,810 Brockton
8%
TX 76,201 Bryan
8%
OH 8,545 Bryan
8%
AZ 50,876 Buckeye
8%
IA 39,260 Cedar Falls
8%
LA 26,864 Central
8%
SC 5,159 Central
8%
KY 5,978 Central City
8%
NE 2,934 Central City
8%
MA 35,177 Chelsea
8%
AL 10,183 Chelsea
8%
MI 4,944 Chelsea
8%
MD 30,413 College Park
8%
GA 13,942 College Park
8%
FL 46,780 Coral Gables
8%
CA 109,960 Costa Mesa
8%
KY 40,640 Covington
8%
WA 17,575 Covington
8%
GA 13,118 Covington
8%
TN 9,038 Covington
8%
LA 8,765 Covington
8%
VA 5,961 Covington
8%
IN 2,645 Covington
8%
OH 2,584 Covington
8%
RI 80,387 Cranston
8%
KS 22,158 Derby
8%
CT 12,902 Derby
8%
CO 7,685 Derby
8%
IL 58,364 Des Plaines
8%
AL 65,496 Dothan
8%
MI 3,957 Dundee
8%
FL 3,717 Dundee
8%
OR 3,162 Dundee
8%
CT 2,691 East Hampton
8%
HI 49,914 East Honolulu
8%
CO 10,266 Edwards
8%
CA 99,478 El Cajon
8%
IN 76,794 Fishers
8%
IL 5,193 Genoa
8%
MD 86,395 Germantown
8%
TN 38,844 Germantown
8%
WI 19,749 Germantown
8%
OH 5,547 Germantown
8%
WY 29,087 Gillette
8%
CO 18,867 Golden
8%
WI 36,720 Greenfield
8%
IN 20,602 Greenfield
8%
CA 16,330 Greenfield
8%
OH 4,639 Greenfield
8%
CA 3,991 Greenfield
8%
MN 2,777 Greenfield
8%
OK 6,623 Grove
8%
IL 9,447 Harvard
8%
IN 44,953 Jeffersonville
8%
IA 17,278 Johnston
8%
TX 14,102 Katy
8%
TX 83,560 League City
8%
MO 3,364 Louisiana
8%
GA 56,579 Marietta
8%
OH 14,085 Marietta
8%
OK 2,626 Marietta
8%
PA 2,588 Marietta
8%
WA 60,020 Marysville
8%
OH 22,094 Marysville
8%
CA 12,072 Marysville
8%
MI 9,959 Marysville
8%
KS 3,294 Marysville
8%
PA 2,534 Marysville
8%
UT 5,046 Moab
8%
CA 103,466 Murrieta
8%
TX 57,740 New Braunfels
8%
OH 2,672 Newtown
8%
TX 2,385 Nixon
8%
CA 48,445 Palm Desert
8%
GA 13,839 Perry
8%
IA 7,702 Perry
8%
FL 7,017 Perry
8%
OK 5,126 Perry
8%
UT 4,512 Perry
8%
NY 3,673 Perry
8%
AR 49,083 Pine Bluff
8%
MA 44,737 Pittsfield
8%
IL 4,576 Pittsfield
8%
ME 3,150 Pittsfield
8%
WA 90,927 Renton
8%
MD 61,209 Rockville
8%
CT 7,474 Rockville
8%
IN 2,607 Rockville
8%
MN 2,448 Rockville
8%
TX 9,765 Roma
8%
OH 25,793 Sandusky
8%
MI 2,679 Sandusky
8%
NY 26,586 Saratoga Springs
8%
UT 17,781 Saratoga Springs
8%
TX 38,521 Sherman
8%
IL 4,148 Sherman
8%
NJ 22,083 Somerset
8%
MA 18,165 Somerset
8%
KY 11,196 Somerset
8%
PA 6,277 Somerset
8%
WI 2,635 Somerset
8%
TX 26,575 Southlake
8%
NY 6,592 Springs
8%
ID 5,793 Star
8%
IL 13,430 Swansea
8%
CA 9,327 Taft
8%
TX 3,048 Taft
8%
OK 8,929 The Village
8%
CO 118,772 Thornton
8%
NM 6,475 Truth or Consequences
8%
IL 41,250 Urbana
8%
OH 11,793 Urbana
8%
MD 9,175 Urbana
8%
CA 92,428 Vacaville
8%
GA 54,518 Valdosta
8%
MS 23,856 Vicksburg
8%
MI 2,906 Vicksburg
8%
NC 30,117 Wake Forest
8%
CA 34,399 West Hollywood
8%
CA 64,925 Yuba City
8%
CA 73,812 Alameda
7%
GA 57,551 Alpharetta
7%
TX 11,088 Andrews
7%
SC 2,861 Andrews
7%
KS 12,415 Arkansas City
7%
OH 4,097 Ashville
7%
NM 6,763 Aztec
7%
CA 22,639 Barstow
7%
MT 7,389 Belgrade
7%
MI 14,970 Berkley
7%
CO 11,207 Berkley
7%
FL 49,546 Bradenton
7%
MO 10,520 Branson
7%
MA 58,732 Brookline
7%
MI 4,456 Buchanan
7%
CA 23,058 Calabasas
7%
FL 9,912 Cape Canaveral
7%
PA 18,682 Carlisle
7%
OH 4,915 Carlisle
7%
IA 3,876 Carlisle
7%
TX 5,193 Center
7%
NJ 84,136 Clifton
7%
CO 19,889 Clifton
7%
TX 3,442 Clifton
7%
AZ 3,311 Clifton
7%
TN 2,694 Clifton
7%
AZ 4,821 Colorado City
7%
TX 4,146 Colorado City
7%
CA 47,796 Covina
7%
GA 33,128 Dalton
7%
IL 18,225 Deerfield
7%
CA 10,755 Delhi
7%
NY 3,087 Delhi
7%
LA 2,919 Delhi
7%
FL 85,182 Deltona
7%
CA 126,496 East Los Angeles
7%
NJ 64,270 East Orange
7%
RI 47,037 East Providence
7%
IL 27,006 East St. Louis
7%
IN 50,949 Elkhart
7%
NY 29,200 Elmira
7%
NY 33,198 Elmont
7%
NV 4,255 Ely
7%
MN 3,460 Ely
7%
NV 108,481 Enterprise
7%
AL 26,562 Enterprise
7%
FL 11,245 Florida City
7%
WA 3,532 Forks
7%
OR 34,533 Grants Pass
7%
TX 46,334 Grapevine
7%
LA 5,584 Gray
7%
GA 3,276 Gray
7%
OR 105,594 Gresham
7%
MD 39,662 Hagerstown
7%
IL 2,464 Henry
7%
PA 14,257 Hershey
7%
FL 60,512 Homestead
7%
PA 3,165 Homestead
7%
MA 10,293 Hull
7%
CA 14,758 Imperial
7%
MO 4,709 Imperial
7%
PA 2,541 Imperial
7%
NJ 40,684 Kearny
7%
AK 8,050 Ketchikan
7%
AZ 28,068 Kingman
7%
KS 3,177 Kingman
7%
TN 48,205 Kingsport
7%
IN 45,468 Kokomo
7%
FL 30,943 Lakeside
7%
CA 20,648 Lakeside
7%
VA 11,849 Lakeside
7%
MT 2,669 Lakeside
7%
NY 5,615 Lakeview
7%
GA 4,839 Lakeview
7%
VA 42,616 Leesburg
7%
FL 20,117 Leesburg
7%
GA 2,896 Leesburg
7%
MO 91,364 Lee's Summit
7%
UT 47,407 Lehi
7%
CA 13,058 Livingston
7%
MT 7,044 Livingston
7%
TX 5,335 Livingston
7%
TN 4,058 Livingston
7%
AL 3,485 Livingston
7%
NM 12,019 Los Alamos
7%
CO 66,859 Loveland
7%
OH 12,081 Loveland
7%
VA 37,821 Manassas
7%
TX 23,523 Marshall
7%
MN 13,680 Marshall
7%
MO 13,065 Marshall
7%
MI 7,088 Marshall
7%
IL 3,933 Marshall
7%
WI 3,862 Marshall
7%
LA 138,481 Metairie
7%
CT 51,271 Milford
7%
MA 25,055 Milford
7%
DE 9,559 Milford
7%
NH 8,835 Milford
7%
OH 6,709 Milford
7%
MI 6,175 Milford
7%
IA 2,898 Milford
7%
NY 3,326 Montauk
7%
TN 29,137 Morristown
7%
NJ 18,411 Morristown
7%
WI 24,135 Muskego
7%
IL 52,497 Normal
7%
AR 62,304 North Little Rock
7%
OR 31,859 Oregon City
7%
IL 30,355 Oswego
7%
NY 18,142 Oswego
7%
KY 25,024 Paducah
7%
IL 7,570 Park City
7%
UT 7,558 Park City
7%
KS 7,297 Park City
7%
TN 2,442 Park City
7%
WV 31,492 Parkersburg
7%
WA 35,803 Parkland
7%
FL 23,962 Parkland
7%
MI 59,515 Pontiac
7%
IL 11,931 Pontiac
7%
TX 53,818 Port Arthur
7%
IN 4,858 Porter
7%
OK 2,386 Prague
7%
ID 5,204 Preston
7%
UT 38,753 Riverton
7%
WY 10,615 Riverton
7%
WA 6,407 Riverton
7%
IL 3,455 Riverton
7%
NJ 2,779 Riverton
7%
AR 55,964 Rogers
7%
MN 8,597 Rogers
7%
UT 36,884 Roy
7%
VT 16,495 Rutland
7%
CA 63,522 San Clemente
7%
NC 20,323 Shelby
7%
OH 9,317 Shelby
7%
MT 3,376 Shelby
7%
WY 17,444 Sheridan
7%
OR 6,127 Sheridan
7%
CO 5,664 Sheridan
7%
AR 4,603 Sheridan
7%
IN 2,665 Sheridan
7%
CA 10,648 Sonoma
7%
FL 11,657 South Miami
7%
GA 17,121 St. Marys
7%
PA 13,070 St. Marys
7%
OH 8,332 St. Marys
7%
KS 2,627 St. Marys
7%
NM 5,716 Taos
7%
TX 93,847 The Woodlands
7%
CA 82,922 Tracy
7%
TX 11,002 Vernon
7%
WI 10,619 Verona
7%
VA 4,239 Verona
7%
MS 3,006 Verona
7%
PA 2,474 Verona
7%
CA 93,834 Vista
7%
AK 7,831 Wasilla
7%
IL 89,078 Waukegan
7%
NY 3,079 Westhampton
7%
CT 55,564 West Haven
7%
UT 10,272 West Haven
7%
AR 26,245 West Memphis
7%
PA 29,381 Williamsport
7%
CA 55,468 Woodland
7%
WA 5,509 Woodland
7%
IL 24,413 Zion
7%
AL 4,522 Adamsville
6%
TX 19,104 Alice
6%
CA 56,364 Arcadia
6%
FL 7,637 Arcadia
6%
WI 2,925 Arcadia
6%
LA 2,919 Arcadia
6%
SC 2,634 Arcadia
6%
AZ 10,475 Arizona City
6%
IL 75,101 Arlington Heights
6%
PA 6,333 Arlington Heights
6%
AZ 76,238 Avondale
6%
LA 4,954 Avondale
6%
NY 24,033 Baldwin
6%
PA 19,767 Baldwin
6%
WI 3,957 Baldwin
6%
GA 3,279 Baldwin
6%
LA 2,436 Baldwin
6%
NJ 63,024 Bayonne
6%
IL 44,478 Belleville
6%
MI 3,991 Belleville
6%
WI 2,385 Belleville
6%
NC 17,122 Boone
6%
IA 12,661 Boone
6%
NV 15,023 Boulder City
6%
MD 54,727 Bowie
6%
TX 5,218 Bowie
6%
IL 15,895 Bradley
6%
FL 103,483 Brandon
6%
MS 21,705 Brandon
6%
SC 8,785 Brandon
6%
GA 6,227 Bremen
6%
IN 4,588 Bremen
6%
NY 60,664 Brentwood
6%
CA 51,481 Brentwood
6%
TN 37,060 Brentwood
6%
PA 9,643 Brentwood
6%
MO 8,055 Brentwood
6%
MD 3,046 Brentwood
6%
KY 2,401 Brooks
6%
AZ 39,540 Bullhead City
6%
OR 2,806 Burns
6%
PA 13,757 Butler
6%
NJ 7,539 Butler
6%
MO 4,219 Butler
6%
IN 2,684 Butler
6%
CA 39,349 Campbell
6%
OH 8,235 Campbell
6%
FL 2,479 Campbell
6%
TX 13,303 Canyon
6%
UT 28,857 Cedar City
6%
MD 9,545 Chevy Chase
6%
MD 2,824 Chevy Chase
6%
MI 3,118 Clare
6%
SC 13,905 Clemson
6%
WY 9,520 Cody
6%
PA 4,112 Cornwall
6%
IL 43,862 DeKalb
6%
TX 18,680 Dickinson
6%
NC 17,787 Dickinson
6%
AZ 17,378 Douglas
6%
GA 11,589 Douglas
6%
WY 6,120 Douglas
6%
TX 26,248 Eagle Pass
6%
OH 4,721 East Palestine
6%
OH 8,407 Eaton
6%
CO 4,365 Eaton
6%
CA 42,598 El Centro
6%
WA 89,306 Federal Way
6%
CA 7,273 Fort Bragg
6%
MA 68,318 Framingham
6%
NY 42,860 Freeport
6%
IL 25,638 Freeport
6%
TX 12,049 Freeport
6%
MO 12,790 Fulton
6%
NY 11,896 Fulton
6%
MS 3,961 Fulton
6%
IL 3,481 Fulton
6%
KY 2,445 Fulton
6%
MD 59,933 Gaithersburg
6%
NM 21,678 Gallup
6%
MI 27,692 Garden City
6%
KS 26,658 Garden City
6%
NY 22,371 Garden City
6%
ID 10,972 Garden City
6%
SC 9,209 Garden City
6%
GA 8,778 Garden City
6%
IN 49,791 Greenwood
6%
SC 23,222 Greenwood
6%
MS 15,205 Greenwood
6%
AR 8,952 Greenwood
6%
MO 5,221 Greenwood
6%
LA 3,219 Greenwood
6%
PA 2,458 Greenwood
6%
MT 3,505 Hardin
6%
IL 3,301 Havana
6%
CA 84,293 Hawthorne
6%
NJ 18,791 Hawthorne
6%
NY 4,586 Hawthorne
6%
NV 3,269 Hawthorne
6%
TN 51,372 Hendersonville
6%
NC 13,137 Hendersonville
6%
CA 90,173 Hesperia
6%
NC 40,010 Hickory
6%
AR 10,095 Hope
6%
IL 7,399 Inverness
6%
FL 7,210 Inverness
6%
WI 63,575 Janesville
6%
MT 19,927 Kalispell
6%
HI 6,138 Laie
6%
FL 77,648 Largo
6%
MD 10,709 Largo
6%
MD 25,115 Laurel
6%
MS 18,540 Laurel
6%
VA 16,713 Laurel
6%
FL 8,171 Laurel
6%
MT 6,718 Laurel
6%
DE 3,708 Laurel
6%
UT 67,311 Layton
6%
CA 62,134 Lodi
6%
NJ 24,136 Lodi
6%
WI 3,050 Lodi
6%
OH 2,746 Lodi
6%
AZ 43,482 Maricopa
6%
NY 3,669 Marlboro
6%
OH 26,678 Medina
6%
NY 6,065 Medina
6%
MN 4,892 Medina
6%
TX 3,935 Medina
6%
TN 3,479 Medina
6%
WA 2,969 Medina
6%
WI 17,442 Middleton
6%
ID 5,524 Middleton
6%
SC 15,254 Mitchell
6%
IN 4,350 Mitchell
6%
CA 36,590 Monrovia
6%
MI 38,401 Muskegon
6%
CA 3,068 Nevada City
6%
IL 51,878 Oak Park
6%
MI 29,319 Oak Park
6%
CA 13,811 Oak Park
6%
MO 36,143 Oakville
6%
CT 9,047 Oakville
6%
MO 17,820 Ozark
6%
AL 14,907 Ozark
6%
AR 3,684 Ozark
6%
TX 18,712 Palestine
6%
AK 5,937 Palmer
6%
FL 12,018 Panama City Beach
6%
WA 59,781 Pasco
6%
NJ 69,781 Passaic
6%
FL 84,955 Plantation
6%
FL 4,919 Plantation
6%
WA 29,799 Pullman
6%
CA 76,815 Redwood City
6%
GA 15,134 Riverdale
6%
IL 13,549 Riverdale
6%
UT 8,426 Riverdale
6%
NJ 3,559 Riverdale
6%
CA 3,153 Riverdale
6%
TX 8,766 Rockport
6%
MA 4,966 Rockport
6%
GA 93,853 Sandy Springs
6%
KS 62,209 Shawnee
6%
OK 29,857 Shawnee
6%
WI 49,288 Sheboygan
6%
OH 21,229 Sidney
6%
NE 6,757 Sidney
6%
MT 5,191 Sidney
6%
NY 3,900 Sidney
6%
MD 71,452 Silver Spring
6%
MO 8,425 Smithville
6%
NJ 7,242 Smithville
6%
TN 4,530 Smithville
6%
TX 3,817 Smithville
6%
GA 51,271 Smyrna
6%
TN 39,974 Smyrna
6%
DE 10,023 Smyrna
6%
FL 3,501 South Beach
6%
NV 178,395 Spring Valley
6%
NY 31,347 Spring Valley
6%
CA 28,205 Spring Valley
6%
IL 5,558 Spring Valley
6%
MN 2,479 Spring Valley
6%
OK 45,688 Stillwater
6%
MN 18,225 Stillwater
6%
NY 13,338 St. James
6%
MN 4,605 St. James
6%
MO 4,216 St. James
6%
NC 3,165 St. James
6%
MD 2,953 St. James
6%
SC 40,524 Sumter
6%
NC 26,757 Thomasville
6%
GA 18,413 Thomasville
6%
AL 4,209 Thomasville
6%
TX 15,751 Uvalde
6%
AZ 10,208 Vail
6%
CO 5,305 Vail
6%
NJ 60,724 Vineland
6%
WI 2,549 Wales
6%
CA 29,172 Walnut
6%
ME 15,722 Waterville
6%
OH 5,523 Waterville
6%
WI 39,106 Wausau
6%
MA 41,094 Westfield
6%
NJ 30,316 Westfield
6%
IN 30,068 Westfield
6%
NY 3,224 Westfield
6%
TX 5,662 Willis
6%
NJ 19,265 Woodbridge
6%
VA 4,055 Woodbridge
6%
CA 3,984 Woodbridge
6%
IL 10,789 Worth
6%
IN 9,405 Yorktown
6%
CA 14,236 Alpine
5%
UT 9,555 Alpine
5%
TX 5,905 Alpine
5%
VT 9,052 Barre
5%
SC 12,361 Beaufort
5%
NC 4,039 Beaufort
5%
CA 25,835 Belmont
5%
MA 24,729 Belmont
5%
NC 10,076 Belmont
5%
VA 5,966 Belmont
5%
PA 2,784 Belmont
5%
AZ 5,105 Benson
5%
NC 3,311 Benson
5%
MN 3,240 Benson
5%
NM 8,112 Bloomfield
5%
IA 2,640 Bloomfield
5%
IN 2,405 Bloomfield
5%
FL 68,217 Boynton Beach
5%
NJ 4,603 Buena
5%
NJ 3,607 Cape May
5%
HI 3,429 Captain Cook
5%
IL 25,902 Carbondale
5%
PA 8,891 Carbondale
5%
CO 6,427 Carbondale
5%
MO 14,378 Carthage
5%
TX 6,779 Carthage
5%
MS 5,075 Carthage
5%
NY 3,747 Carthage
5%
IL 2,605 Carthage
5%
TX 45,028 Cedar Hill
5%
AL 3,489 Centre
5%
VA 16,000 Cherry Hill
5%
CA 74,799 Chino Hills
5%
IL 83,891 Cicero
5%
IN 4,812 Cicero
5%
CA 34,926 Claremont
5%
NH 13,355 Claremont
5%
CT 4,781 Colchester
5%
TX 56,207 Conroe
5%
IA 62,230 Council Bluffs
5%
CA 7,643 Crescent City
5%
CA 2,593 Crest
5%
GA 4,540 Dawson
5%
MA 2,407 Dennis
5%
CA 18,351 Dixon
5%
IL 15,733 Dixon
5%
CO 16,887 Durango
5%
IN 29,698 East Chicago
5%
CT 51,252 East Hartford
5%
CT 29,257 East Haven
5%
NJ 8,913 East Rutherford
5%
CA 113,475 El Monte
5%
AR 2,825 England
5%
CA 72,203 Folsom
5%
PA 8,323 Folsom
5%
WI 43,021 Fond du Lac
5%
NJ 35,345 Fort Lee
5%
VA 3,393 Fort Lee
5%
NC 71,741 Gastonia
5%
GA 2,666 Harlem
5%
FL 2,658 Harlem
5%
TX 64,849 Harlingen
5%
NE 24,907 Hastings
5%
MN 22,172 Hastings
5%
MI 7,350 Hastings
5%
TX 15,370 Hereford
5%
AK 5,003 Homer
5%
NY 3,291 Homer
5%
LA 3,237 Homer
5%
LA 33,727 Houma
5%
WI 17,399 Howard
5%
PA 7,093 Huntingdon
5%
TN 3,985 Huntingdon
5%
NE 30,787 Kearney
5%
MO 8,381 Kearney
5%
CT 8,459 Kensington
5%
CA 5,077 Kensington
5%
TX 26,213 Kingsville
5%
MD 4,318 Kingsville
5%
OR 20,840 Klamath Falls
5%
FL 12,046 Lake City
5%
SC 6,675 Lake City
5%
MN 5,063 Lake City
5%
PA 3,031 Lake City
5%
GA 2,612 Lake City
5%
MN 55,954 Lakeville
5%
GA 28,546 Lawrenceville
5%
IL 4,348 Lawrenceville
5%
NJ 3,887 Lawrenceville
5%
MI 96,942 Livonia
5%
CO 86,270 Longmont
5%
OH 64,097 Lorain
5%
PA 4,236 Lorane
5%
CA 61,416 Madera
5%
CA 35,135 Manhattan Beach
5%
WV 17,227 Martinsburg
5%
TN 27,465 Maryville
5%
MO 11,972 Maryville
5%
IL 7,487 Maryville
5%
SC 22,889 Mauldin
5%
CA 77,519 Menifee
5%
IL 43,483 Moline
5%
PA 28,386 Monroeville
5%
AL 6,519 Monroeville
5%
MN 12,759 Monticello
5%
AR 9,467 Monticello
5%
NY 6,726 Monticello
5%
KY 6,188 Monticello
5%
IL 5,548 Monticello
5%
IN 5,378 Monticello
5%
LA 5,172 Monticello
5%
IA 3,796 Monticello
5%
GA 2,657 Monticello
5%
FL 2,506 Monticello
5%
IL 4,188 Morrison
5%
TX 17,708 Murphy
5%
MO 8,690 Murphy
5%
UT 46,746 Murray
5%
KY 17,741 Murray
5%
PA 5,746 Nazareth
5%
OR 22,068 Newberg
5%
WI 39,584 New Berlin
5%
NC 29,524 New Bern
5%
TN 3,313 Newbern
5%
CT 73,206 New Britain
5%
PA 3,152 New Britain
5%
AZ 20,837 Nogales
5%
MN 27,378 Oakdale
5%
CA 20,675 Oakdale
5%
NY 7,974 Oakdale
5%
LA 7,780 Oakdale
5%
MO 79,329 O'Fallon
5%
IL 28,281 O'Fallon
5%
NY 11,393 Oneida
5%
TN 3,752 Oneida
5%
FL 75,180 Palm Coast
5%
IN 11,417 Peru
5%
IL 10,295 Peru
5%
NH 3,103 Peterborough
5%
TX 70,400 Pharr
5%
TN 5,875 Pigeon Forge
5%
NJ 49,808 Plainfield
5%
IL 39,581 Plainfield
5%
IN 27,631 Plainfield
5%
CA 70,285 Pleasanton
5%
TX 8,934 Pleasanton
5%
WA 19,038 Port Angeles
5%
MA 2,642 Provincetown
5%
MD 17,242 Redland
5%
AL 3,736 Redland
5%
CA 66,748 Redondo Beach
5%
CA 99,171 Rialto
5%
NY 13,336 Ridge
5%
IL 5,337 Robbins
5%
SC 66,154 Rock Hill
5%
MO 4,635 Rock Hill
5%
CA 56,974 Rocklin
5%
NC 57,477 Rocky Mount
5%
VA 4,799 Rocky Mount
5%
NJ 18,061 Rutherford
5%
PA 4,303 Rutherford
5%
CA 57,713 San Rafael
5%
NE 15,039 Scottsbluff
5%
TN 20,335 Shelbyville
5%
IN 19,191 Shelbyville
5%
KY 14,045 Shelbyville
5%
IL 4,700 Shelbyville
5%
NC 10,966 Smithfield
5%
UT 9,495 Smithfield
5%
VA 8,089 Smithfield
5%
VT 17,904 South Burlington
5%
CA 21,403 South Lake Tahoe
5%
CA 63,632 South San Francisco
5%
MI 2,668 St. Helen
5%
MN 16,399 St. Michael
5%
CT 51,384 Stratford
5%
NJ 7,040 Stratford
5%
SC 43,392 Summerville
5%
GA 4,534 Summerville
5%
NJ 88,791 Toms River
5%
CA 59,278 Tulare
5%
AK 4,376 Unalaska
5%
MI 23,537 Walker
5%
LA 6,138 Walker
5%
CA 64,173 Walnut Creek
5%
GA 66,588 Warner Robins
5%
CA 8,456 Waterford
5%
WI 5,368 Waterford
5%
CT 2,887 Waterford
5%
IA 56,609 West Des Moines
5%
CT 63,268 West Hartford
5%
OH 32,729 Westlake
5%
LA 4,568 Westlake
5%
FL 5,965 West Miami
5%
CA 85,331 Whittier
5%
RI 41,186 Woonsocket
5%
CA 83,089 Alhambra
4%
MI 17,579 Allendale
4%
NJ 6,505 Allendale
4%
SC 3,482 Allendale
4%
CA 42,777 Altadena
4%
MN 30,598 Andover
4%
KS 11,791 Andover
4%
MA 8,762 Andover
4%
AR 10,714 Arkadelphia
4%
MO 2,993 Ava
4%
NY 12,166 Babylon
4%
LA 4,000 Ball
4%
TX 71,802 Baytown
4%
WV 17,614 Beckley
4%
MD 10,120 Bel Air
4%
WI 36,966 Beloit
4%
KS 3,835 Beloit
4%
TX 27,282 Big Spring
4%
MN 57,186 Blaine
4%
WA 4,684 Blaine
4%
NJ 8,187 Bogota
4%
LA 61,315 Bossier City
4%
CA 39,282 Brea
4%
TX 5,780 Breckenridge
4%
CO 4,540 Breckenridge
4%
MN 3,386 Breckenridge
4%
WA 37,729 Bremerton
4%
WI 37,920 Brookfield
4%
IL 18,978 Brookfield
4%
MO 4,542 Brookfield
4%
MN 75,781 Brooklyn Park
4%
MD 14,373 Brooklyn Park
4%
CO 55,889 Broomfield
4%
FL 4,036 Buckingham
4%
TX 36,690 Burleson
4%
MI 29,999 Burton
4%
SC 6,976 Burton
4%
ID 46,237 Caldwell
4%
NJ 7,822 Caldwell
4%
TX 4,104 Caldwell
4%
MO 37,941 Cape Girardeau
4%
CO 48,231 Castle Rock
4%
OH 23,999 Centerville
4%
UT 15,335 Centerville
4%
GA 7,148 Centerville
4%
SC 6,586 Centerville
4%
IA 5,528 Centerville
4%
MN 3,792 Centerville
4%
TN 3,644 Centerville
4%
PA 3,263 Centerville
4%
IN 2,552 Centerville
4%
VA 71,135 Centreville
4%
IL 5,309 Centreville
4%
MD 4,285 Centreville
4%
AL 2,778 Centreville
4%
PA 20,268 Chambersburg
4%
IN 13,068 Chesterton
4%
PA 3,011 Churchill
4%
CA 10,866 Citrus
4%
WV 16,578 Clarksburg
4%
MD 13,766 Clarksburg
4%
CA 40,704 Coachella
4%
MS 2,586 Collins
4%
CO 24,280 Columbine
4%
CA 12,823 Commerce
4%
TX 8,078 Commerce
4%
GA 6,544 Commerce
4%
OK 2,473 Commerce
4%
KS 5,395 Concordia
4%
NJ 3,092 Concordia
4%
MO 2,450 Concordia
4%
AZ 11,825 Coolidge
4%
FL 20,978 Crestview
4%
MN 22,151 Crystal
4%
MO 3,356 Cuba
4%
CA 38,883 Culver City
4%
MD 15,257 Damascus
4%
OR 10,539 Damascus
4%
AL 21,570 Daphne
4%
SC 6,289 Darlington
4%
WI 2,451 Darlington
4%
MI 57,774 Dearborn Heights
4%
FL 75,018 Deerfield Beach
4%
CA 53,041 Delano
4%
MN 5,464 Delano
4%
FL 60,522 Delray Beach
4%
TX 35,591 Del Rio
4%
CO 8,915 Delta
4%
UT 3,436 Delta
4%
OH 3,103 Delta
4%
TX 49,047 DeSoto
4%
MO 6,400 De Soto
4%
KS 5,720 De Soto
4%
TX 15,798 Donna
4%
TN 3,005 Dresden
4%
OK 23,431 Duncan
4%
SC 3,181 Duncan
4%
MN 60,797 Eden Prairie
4%
WA 39,709 Edmonds
4%
CA 23,549 El Cerrito
4%
CA 5,100 El Cerrito
4%
IA 2,732 Eldora
4%
AR 18,884 El Dorado
4%
KS 13,021 El Dorado
4%
IL 4,122 Eldorado
4%
OH 54,533 Elyria
4%
CA 59,518 Encinitas
4%
NJ 13,835 Fairview
4%
CA 10,003 Fairview
4%
OR 8,920 Fairview
4%
TN 7,720 Fairview
4%
TX 7,248 Fairview
4%
GA 6,769 Fairview
4%
NY 5,515 Fairview
4%
NJ 3,806 Fairview
4%
NC 3,324 Fairview
4%
NY 3,099 Fairview
4%
NC 2,678 Fairview
4%
OK 2,579 Fairview
4%
VA 12,332 Falls Church
4%
TX 64,669 Flower Mound
4%
FL 41,590 Fort Pierce
4%
CO 25,846 Fountain
4%
CA 3,070 Freedom
4%
CA 58,829 Gardena
4%
TN 3,944 Gatlinburg
4%
CA 48,821 Gilroy
4%
IL 8,969 Glenwood
4%
IA 5,269 Glenwood
4%
MN 2,564 Glenwood
4%
WA 23,491 Graham
4%
NC 14,153 Graham
4%
TX 8,903 Graham
4%
WY 12,515 Green River
4%
PA 14,892 Greensburg
4%
IN 11,492 Greensburg
4%
NJ 43,010 Hackensack
4%
MI 4,634 Hancock
4%
CA 53,967 Hanford
4%
MO 10,019 Harrisonville
4%
MT 9,310 Havre
4%
KS 20,510 Hays
4%
CA 78,657 Hemet
4%
IL 29,763 Highland Park
4%
NJ 13,982 Highland Park
4%
MI 11,776 Highland Park
4%
TX 8,564 Highland Park
4%
CA 10,825 Hillsborough
4%
NC 6,087 Hillsborough
4%
IN 29,059 Hobart
4%
WA 6,221 Hobart
4%
WI 6,182 Hobart
4%
OK 3,756 Hobart
4%
NM 34,122 Hobbs
4%
MA 39,880 Holyoke
4%
MN 17,591 Hopkins
4%
SC 2,882 Hopkins
4%
TX 2,600 Howe
4%
NC 46,773 Huntersville
4%
UT 13,748 Hurricane
4%
WV 6,284 Hurricane
4%
IA 5,238 Iowa Falls
4%
FL 21,362 Jacksonville Beach
4%
TX 2,574 Junction
4%
IL 27,537 Kankakee
4%
TX 39,627 Keller
4%
LA 66,702 Kenner
4%
PA 19,936 King of Prussia
4%
TX 28,016 Kyle
4%
CA 22,723 Laguna Beach
4%
FL 3,932 Laguna Beach
4%
CA 77,264 Lake Forest
4%
IL 19,375 Lake Forest
4%
NY 2,521 Lake Placid
4%
CA 57,065 La Mesa
4%
TX 9,422 Lamesa
4%
MO 2,473 Lawson
4%
TN 11,100 Lewisburg
4%
PA 5,792 Lewisburg
4%
WV 3,830 Lewisburg
4%
KS 20,525 Liberal
4%
IL 10,729 Lyons
4%
GA 4,367 Lyons
4%
KS 3,739 Lyons
4%
NY 3,619 Lyons
4%
MA 59,450 Malden
4%
MO 4,275 Malden
4%
MN 39,309 Mankato
4%
MA 38,499 Marlborough
4%
VA 13,821 Martinsville
4%
NJ 11,980 Martinsville
4%
IN 11,828 Martinsville
4%
KY 10,024 Mayfield
4%
OH 3,460 Mayfield
4%
OH 3,263 McDonald
4%
CA 8,577 Mecca
4%
PA 8,981 Mechanicsburg
4%
NJ 13,635 Middlesex
4%
OK 54,371 Midwest City
4%
MN 49,734 Minnetonka
4%
MT 2,715 Montana City
4%
CA 36,664 Montclair
4%
VA 19,570 Montclair
4%
CO 19,132 Montrose
4%
VA 7,993 Montrose
4%
MN 2,847 Montrose
4%
NY 2,731 Montrose
4%
OK 39,223 Muskogee
4%
CT 4,205 Mystic
4%
NE 7,289 Nebraska City
4%
CA 10,224 Newman
4%
OR 9,695 North Bend
4%
WA 5,731 North Bend
4%
IL 32,574 North Chicago
4%
MN 20,007 Northfield
4%
NJ 8,624 Northfield
4%
IL 5,420 Northfield
4%
OH 3,677 Northfield
4%
IL 12,323 Northlake
4%
SC 3,745 Northlake
4%
FL 41,523 North Miami Beach
4%
NE 24,733 North Platte
4%
CA 35,432 Oakley
4%
TN 29,330 Oak Ridge
4%
FL 22,685 Oak Ridge
4%
NC 6,185 Oak Ridge
4%
OR 3,205 Oakridge
4%
OH 9,202 Oakwood
4%
GA 3,970 Oakwood
4%
OH 3,667 Oakwood
4%
CA 7,461 Ojai
4%
FL 5,621 Okeechobee
4%
SC 13,964 Orangeburg
4%
NY 4,568 Orangeburg
4%
CA 37,234 Pacifica
4%
AZ 7,247 Page
4%
NV 36,441 Pahrump
4%
CA 68,386 Perris
4%
NJ 50,814 Perth Amboy
4%
MS 10,454 Petal
4%
CA 57,941 Petaluma
4%
PA 4,335 Plains
4%
NY 26,217 Plainview
4%
TX 22,194 Plainview
4%
MN 3,340 Plainview
4%
NY 19,989 Plattsburgh
4%
OH 2,555 Poland
4%
FL 54,392 Port Charlotte
4%
CA 54,165 Porterville
4%
MD 44,965 Potomac
4%
OH 11,500 Powell
4%
WY 6,314 Powell
4%
AZ 38,822 Prescott Valley
4%
AZ 26,361 Queen Creek
4%
WA 2,882 Raymond
4%
NH 2,855 Raymond
4%
MA 51,755 Revere
4%
FL 71,050 Riverview
4%
MI 12,486 Riverview
4%
MO 2,856 Riverview
4%
DE 2,456 Riverview
4%
IA 3,142 Robins
4%
TX 10,509 Robinson
4%
IL 7,713 Robinson
4%
IL 39,018 Rock Island
4%
WY 23,036 Rock Springs
4%
OR 21,181 Roseburg
4%
OH 3,417 Ross
4%
CA 2,415 Ross
4%
KS 4,506 Russell
4%
KY 3,380 Russell
4%
CA 41,114 San Bruno
4%
CA 28,406 San Carlos
4%
AZ 4,038 San Carlos
4%
TX 3,130 San Carlos
4%
IL 7,421 Sandwich
4%
MA 2,962 Sandwich
4%
FL 53,570 Sanford
4%
NC 28,094 Sanford
4%
ME 9,761 Sanford
4%
CA 84,950 San Leandro
4%
CA 13,147 San Marino
4%
CA 3,392 San Miguel
4%
CA 29,139 San Pablo
4%
CA 72,148 San Ramon
4%
IL 74,227 Schaumburg
4%
CA 33,025 Seaside
4%
OR 6,457 Seaside
4%
FL 10,491 Sebring
4%
OH 4,420 Sebring
4%
FL 17,233 Seminole
4%
OK 7,488 Seminole
4%
TX 6,430 Seminole
4%
AZ 43,888 Sierra Vista
4%
NM 10,315 Silver City
4%
IL 64,784 Skokie
4%
LA 27,068 Slidell
4%
NY 26,470 Smithtown
4%
MS 48,982 Southaven
4%
UT 50,418 South Jordan
4%
ME 25,002 South Portland
4%
UT 34,691 Spanish Fork
4%
FL 98,621 Spring Hill
4%
TN 29,036 Spring Hill
4%
KS 5,437 Spring Hill
4%
LA 5,269 Springhill
4%
UT 29,466 Springville
4%
NY 4,296 Springville
4%
AL 4,080 Springville
4%
TX 17,693 Stafford
4%
WI 3,608 Stanley
4%
NC 3,556 Stanley
4%
VA 23,746 Staunton
4%
IL 5,139 Staunton
4%
OH 34,837 Stow
4%
AR 9,326 Stuttgart
4%
AZ 37,499 Sun City
4%
NV 189,372 Sunrise Manor
4%
AL 15,676 Talladega
4%
MA 55,874 Taunton
4%
SC 21,617 Taylors
4%
OH 3,080 The Plains
4%
FL 51,442 The Villages
4%
FL 43,761 Titusville
4%
PA 5,601 Titusville
4%
MD 55,197 Towson
4%
CO 9,096 Trinidad
4%
CA 16,180 Truckee
4%
CA 68,549 Turlock
4%
CA 25,048 Twentynine Palms
4%
CA 73,732 Upland
4%
IN 3,845 Upland
4%
PA 3,239 Upland
4%
AK 3,976 Valdez
4%
MA 60,632 Waltham
4%
KY 3,635 Walton
4%
NY 3,088 Walton
4%
AR 4,067 Ward
4%
VA 21,006 Waynesboro
4%
PA 10,568 Waynesboro
4%
GA 5,766 Waynesboro
4%
MS 5,043 Waynesboro
4%
TN 2,449 Waynesboro
4%
CA 2,967 Weed
4%
WA 31,925 Wenatchee
4%
WI 31,078 West Bend
4%
IL 27,086 West Chicago
4%
NC 25,830 West Fargo
4%
IN 29,596 West Lafayette
4%
NJ 49,708 West New York
4%
TX 3,443 West Orange
4%
MS 11,307 West Point
4%
UT 9,511 West Point
4%
NY 6,763 West Point
4%
GA 3,474 West Point
4%
NE 3,364 West Point
4%
VA 3,306 West Point
4%
AZ 5,438 Williamson
4%
WV 3,191 Williamson
4%
NY 2,495 Williamson
4%
NJ 15,567 Williamstown
4%
MA 4,325 Williamstown
4%
KY 3,925 Williamstown
4%
WV 2,908 Williamstown
4%
NY 5,300 Williamsville
4%
NV 7,396 Winnemucca
4%
AZ 9,655 Winslow
4%
ME 7,794 Winslow
4%
MN 61,961 Woodbury
4%
NY 10,686 Woodbury
4%
NJ 10,174 Woodbury
4%
NY 8,907 Woodbury
4%
TN 2,680 Woodbury
4%
IL 24,770 Woodstock
4%
GA 23,896 Woodstock
4%
VA 5,097 Woodstock
4%
OH 13,575 Worthington
4%
MN 12,764 Worthington
4%
FL 23,127 Wright
4%
OH 25,719 Xenia
4%
CA 64,234 Yorba Linda
4%
VA 7,541 Yorkshire
4%
CA 7,765 Yreka
4%
OK 22,709 Yukon
4%
OH 25,487 Zanesville
4%
LA 3,593 Addis
3%
SC 29,524 Aiken
3%
NM 30,403 Alamogordo
3%
CO 8,780 Alamosa
3%
TX 24,236 Alvin
3%
UT 26,263 American Fork
3%
IA 45,582 Ankeny
3%
AL 23,106 Anniston
3%
NM 9,360 Anthony
3%
TX 5,011 Anthony
3%
AZ 35,840 Apache Junction
3%
NC 37,476 Apex
3%
AL 8,050 Arab
3%
MD 23,106 Arnold
3%
MO 20,808 Arnold
3%
PA 5,157 Arnold
3%
CA 3,843 Arnold
3%
MN 2,960 Arnold
3%
IA 4,170 Asbury
3%
NJ 16,116 Asbury Park
3%
OH 19,124 Ashtabula
3%
CA 75,390 Baldwin Park
3%
ME 2,552 Bar Harbor
3%
MN 7,610 Baxter
3%
OH 45,193 Beavercreek
3%
OR 4,485 Beavercreek
3%
CA 76,616 Bellflower
3%
MN 13,431 Bemidji
3%
VT 9,074 Bennington
3%
MI 10,038 Benton Harbor
3%
OR 20,646 Bethany
3%
OK 19,051 Bethany
3%
MO 3,292 Bethany
3%
IA 33,217 Bettendorf
3%
CA 3,879 Bishop
3%
TX 3,134 Bishop
3%
NE 7,990 Blair
3%
MO 52,575 Blue Springs
3%
CA 20,817 Blythe
3%
CA 12,538 Bonita
3%
UT 42,552 Bountiful
3%
TX 5,528 Brady
3%
NJ 25,349 Bridgeton
3%
MO 11,550 Bridgeton
3%
MA 7,841 Bridgewater
3%
VA 5,644 Bridgewater
3%
OK 4,120 Broken Bow
3%
NE 3,559 Broken Bow
3%
MS 12,513 Brookhaven
3%
PA 8,006 Brookhaven
3%
WV 5,171 Brookhaven
3%
NY 3,451 Brookhaven
3%
SC 22,056 Brookings
3%
OR 6,336 Brookings
3%
NJ 2,383 Brownville
3%
AR 16,688 Bryant
3%
CA 80,530 Buena Park
3%
MI 6,816 Buena Vista
3%
VA 6,650 Buena Vista
3%
CO 2,617 Buena Vista
3%
IL 41,496 Buffalo Grove
3%
VA 41,055 Burke
3%
MI 10,355 Cadillac
3%
CA 65,201 Camarillo
3%
MO 9,933 Cameron
3%
TX 5,552 Cameron
3%
CA 3,722 Carmel-by-the-Sea
3%
GA 19,731 Cartersville
3%
IL 5,496 Carterville
3%
AZ 48,571 Casa Grande
3%
CA 51,200 Cathedral City
3%
TX 48,937 Cedar Park
3%
WA 16,336 Centralia
3%
IL 13,032 Centralia
3%
MO 4,027 Centralia
3%
MA 55,298 Chicopee
3%
OH 21,901 Chillicothe
3%
MO 9,515 Chillicothe
3%
IL 6,097 Chillicothe
3%
CA 83,301 Citrus Heights
3%
NY 4,358 Clarkson
3%
GA 7,554 Clarkston
3%
WA 7,229 Clarkston
3%
CA 15,250 Clearlake
3%
IA 7,777 Clear Lake
3%
OH 46,121 Cleveland Heights
3%
FL 17,140 Cocoa
3%
FL 11,231 Cocoa Beach
3%
CA 52,154 Colton
3%
CO 45,913 Commerce City
3%
OR 15,967 Coos Bay
3%
TX 19,935 Corinth
3%
MS 14,573 Corinth
3%
NY 2,559 Corinth
3%
CA 18,912 Coronado
3%
OH 49,652 Cuyahoga Falls
3%
CA 47,802 Cypress
3%
PA 10,687 Darby
3%
TX 32,010 Deer Park
3%
NY 27,745 Deer Park
3%
OH 5,736 Deer Park
3%
WA 3,652 Deer Park
3%
IL 3,200 Deer Park
3%
CA 4,161 Del Mar
3%
MD 3,003 Delmar
3%
SC 3,538 Denmark
3%
IL 2,527 Diamond
3%
SC 6,788 Dillon
3%
MT 4,134 Dillon
3%
FL 45,704 Doral
3%
FL 35,321 Dunedin
3%
NY 12,563 Dunkirk
3%
MD 2,520 Dunkirk
3%
MN 64,206 Eagan
3%
FL 30,962 East Lake
3%
OH 18,577 Eastlake
3%
MN 47,941 Edina
3%
IL 24,293 Edwardsville
3%
PA 4,816 Edwardsville
3%
KS 4,340 Edwardsville
3%
MD 15,443 Elkton
3%
VA 2,726 Elkton
3%
WA 18,174 Ellensburg
3%
KS 24,916 Emporia
3%
VA 5,927 Emporia
3%
CO 30,255 Englewood
3%
NJ 27,147 Englewood
3%
FL 14,863 Englewood
3%
OH 13,465 Englewood
3%
VT 9,271 Essex Junction
3%
OH 48,920 Euclid
3%
AL 15,326 Fairhope
3%
WV 18,704 Fairmont
3%
MN 10,666 Fairmont
3%
NC 2,663 Fairmont
3%
IL 2,459 Fairmont
3%
VA 4,274 Falmouth
3%
MA 3,799 Falmouth
3%
MI 79,740 Farmington Hills
3%
MO 21,203 Ferguson
3%
OH 41,202 Findlay
3%
TX 12,355 Forest Hill
3%
AR 15,371 Forrest City
3%
TX 8,283 Fort Stockton
3%
CA 11,926 Fortuna
3%
FL 19,507 Fort Walton Beach
3%
CA 55,313 Fountain Valley
3%
MA 5,625 Foxborough
3%
AL 36,856 Gadsden
3%
MA 20,228 Gardner
3%
KS 19,123 Gardner
3%
NY 4,910 Gates
3%
MD 67,639 Glen Burnie
3%
NC 36,437 Goldsboro
3%
UT 8,893 Grantsville
3%
KY 4,217 Grayson
3%
GA 2,666 Grayson
3%
NY 14,519 Greece
3%
WI 14,046 Greendale
3%
IN 4,520 Greendale
3%
TN 15,062 Greeneville
3%
OH 3,804 Greentown
3%
IN 2,415 Greentown
3%
AZ 21,391 Green Valley
3%
MS 13,092 Grenada
3%
OH 35,575 Grove City
3%
PA 8,322 Grove City
3%
AL 9,741 Gulf Shores
3%
NC 8,352 Half Moon
3%
CA 11,324 Half Moon Bay
3%
MI 22,423 Hamtramck
3%
DE 3,562 Harrington
3%
UT 5,567 Harrisville
3%
IL 25,282 Harvey
3%
LA 20,348 Harvey
3%
PA 25,340 Hazleton
3%
OH 10,310 Heath
3%
TX 6,921 Heath
3%
TN 8,452 Humboldt
3%
IA 4,690 Humboldt
3%
CA 58,114 Huntington Park
3%
TX 5,338 Hutchins
3%
CA 26,324 Imperial Beach
3%
MN 6,424 International Falls
3%
MO 14,712 Jennings
3%
LA 10,383 Jennings
3%
NY 13,567 Jericho
3%
MD 7,137 Jessup
3%
PA 4,676 Jessup
3%
GA 76,728 Johns Creek
3%
TX 5,910 Joshua
3%
TX 3,246 Justin
3%
HI 26,337 Kahului
3%
HI 38,635 Kailua
3%
HI 11,975 Kailua
3%
NC 42,625 Kannapolis
3%
AK 7,100 Kenai
3%
FL 75,371 Kendall
3%
MI 48,707 Kentwood
3%
TX 22,347 Kerrville
3%
OH 56,163 Kettering
3%
MD 12,790 Kettering
3%
WI 6,468 Kimberly
3%
ID 3,264 Kimberly
3%
AL 2,711 Kimberly
3%
HI 11,704 Lahaina
3%
CA 51,821 Lake Elsinore
3%
KS 35,251 Leavenworth
3%
MA 40,759 Leominster
3%
IL 20,315 Libertyville
3%
HI 6,455 Lihue
3%
MI 38,144 Lincoln Park
3%
NJ 10,521 Lincoln Park
3%
CO 3,546 Lincoln Park
3%
NJ 40,499 Linden
3%
MI 3,991 Linden
3%
AZ 2,597 Linden
3%
IL 6,939 Litchfield
3%
MN 6,726 Litchfield
3%
CA 80,968 Livermore
3%
CA 42,434 Lompoc
3%
CA 29,413 Los Gatos
3%
TX 5,166 Lucas
3%
WA 35,836 Lynnwood
3%
IL 19,288 Macomb
3%
KY 19,591 Madisonville
3%
TN 4,577 Madisonville
3%
TX 4,396 Madisonville
3%
AR 3,342 Manila
3%
MN 61,567 Maple Grove
3%
FL 8,297 Marathon
3%
FL 53,284 Margate
3%
IL 5,094 Marseilles
3%
CA 35,824 Martinez
3%
GA 35,795 Martinez
3%
KY 4,505 Massac
3%
NC 27,198 Matthews
3%
CA 32,026 Menlo Park
3%
CT 60,868 Meriden
3%
FL 13,809 Miami Springs
3%
MT 8,410 Miles City
3%
WY 3,461 Mills
3%
NJ 28,400 Millville
3%
CA 66,790 Milpitas
3%
MN 3,571 Mora
3%
KY 6,845 Morehead
3%
NC 18,576 Morrisville
3%
PA 8,728 Morrisville
3%
MN 9,052 Mound
3%
ID 14,206 Mountain Home
3%
AR 12,448 Mountain Home
3%
NC 3,622 Mountain Home
3%
IN 23,603 Munster
3%
TX 32,996 Nacogdoches
3%
MS 15,792 Natchez
3%
CA 58,582 National City
3%
IN 36,372 New Albany
3%
MS 8,034 New Albany
3%
OH 7,724 New Albany
3%
NY 28,866 Newburgh
3%
IN 3,325 Newburgh
3%
LA 30,617 New Iberia
3%
MO 3,116 New Madrid
3%
IL 29,803 Niles
3%
OH 19,266 Niles
3%
MI 11,600 Niles
3%
MA 13,708 North Adams
3%
CT 24,093 North Haven
3%
UT 16,322 North Salt Lake
3%
OH 12,085 Norton
3%
VA 3,958 Norton
3%
KS 2,928 Norton
3%
MI 2,845 Norway
3%
ME 2,748 Norway
3%
MI 55,224 Novi
3%
IL 56,690 Oak Lawn
3%
VA 34,166 Oakton
3%
CA 4,066 Oak View
3%
ME 7,840 Old Town
3%
PA 2,535 Oliver
3%
NY 13,901 Oneonta
3%
AL 6,567 Oneonta
3%
IL 56,767 Orland Park
3%
FL 38,137 Ormond Beach
3%
IL 2,739 Pawnee
3%
TX 8,780 Pecos
3%
IL 34,094 Pekin
3%
OR 16,612 Pendleton
3%
IN 4,253 Pendleton
3%
SC 2,964 Pendleton
3%
LA 14,555 Pineville
3%
NC 7,479 Pineville
3%
MI 46,292 Portage
3%
IN 36,828 Portage
3%
WI 10,324 Portage
3%
PA 2,638 Portage
3%
MI 30,184 Port Huron
3%
NY 15,846 Port Washington
3%
WI 11,250 Port Washington
3%
CA 47,811 Poway
3%
WA 37,022 Puyallup
3%
ID 25,484 Rexburg
3%
CA 27,616 Ridgecrest
3%
FL 2,558 Ridgecrest
3%
MI 70,995 Rochester Hills
3%
NC 9,558 Rockingham
3%
ME 7,297 Rockland
3%
TX 37,490 Rockwall
3%
MD 19,257 Rosedale
3%
CA 14,058 Rosedale
3%
WA 4,044 Rosedale
3%
CA 22,681 Rosemont
3%
IL 4,202 Rosemont
3%
MI 57,236 Royal Oak
3%
CA 33,371 San Dimas
3%
CA 39,718 San Gabriel
3%
CA 44,199 San Jacinto
3%
IN 2,481 Santa Claus
3%
CA 53,413 Santee
3%
AL 14,770 Scottsboro
3%
WA 26,909 SeaTac
3%
SC 8,102 Seneca
3%
NE 6,964 Seward
3%
AK 2,693 Seward
3%
CT 39,559 Shelton
3%
WA 9,834 Shelton
3%
WA 53,007 Shoreline
3%
MO 6,254 Shrewsbury
3%
PA 3,823 Shrewsbury
3%
NJ 3,809 Shrewsbury
3%
NV 5,296 Silver Springs
3%
CA 4,903 Sonora
3%
TX 3,027 Sonora
3%
WV 13,450 South Charleston
3%
MI 71,739 Southfield
3%
CA 94,396 South Gate
3%
MI 30,047 Southgate
3%
FL 7,173 Southgate
3%
KY 3,803 Southgate
3%
IN 5,282 South Haven
3%
MI 4,403 South Haven
3%
UT 23,617 South Salt Lake
3%
SC 20,493 St. Andrews
3%
CA 38,186 Stanton
3%
KY 2,733 Stanton
3%
TX 2,492 Stanton
3%
MI 5,485 St. Clair
3%
MO 4,724 St. Clair
3%
PA 3,004 St. Clair
3%
CO 12,088 Steamboat Springs
3%
WI 26,717 Stevens Point
3%
NY 13,740 Stony Brook
3%
CT 15,344 Storrs
3%
VA 6,398 Strasburg
3%
PA 2,809 Strasburg
3%
OH 2,608 Strasburg
3%
CO 2,447 Strasburg
3%
FL 15,593 Stuart
3%
MI 10,994 Sturgis
3%
SC 6,627 Sturgis
3%
LA 20,410 Sulphur
3%
OK 4,929 Sulphur
3%
FL 16,389 Sunset
3%
UT 5,122 Sunset
3%
LA 2,897 Sunset
3%
FL 13,499 Sweetwater
3%
TX 10,906 Sweetwater
3%
TN 5,764 Sweetwater
3%
IA 2,877 Tama
3%
UT 58,652 Taylorsville
3%
AL 6,130 Theodore
3%
NY 58,144 Tonawanda
3%
NY 15,130 Tonawanda
3%
FL 10,907 Trinity
3%
NC 6,614 Trinity
3%
TX 2,697 Trinity
3%
GA 27,581 Tucker
3%
AL 9,865 Tuskegee
3%
KS 6,161 Ulysses
3%
FL 41,163 University
3%
FL 31,084 University
3%
MS 4,202 University
3%
MA 3,013 Upton
3%
IN 31,730 Valparaiso
3%
FL 5,036 Valparaiso
3%
FL 15,220 Vero Beach
3%
CA 15,922 Vincent
3%
MA 24,932 Wakefield
3%
VA 11,275 Wakefield
3%
MD 67,752 Waldorf
3%
NC 3,880 Wallace
3%
MA 6,170 Ware
3%
CA 51,199 Watsonville
3%
NC 9,869 Waynesville
3%
MO 4,830 Waynesville
3%
OH 2,834 Waynesville
3%
MA 11,412 Webster
3%
TX 10,400 Webster
3%
NY 5,399 Webster
3%
WV 19,746 Weirton
3%
MI 84,094 Westland
3%
VA 22,460 West Springfield
3%
NJ 10,908 Westwood
3%
MI 8,653 Westwood
3%
KY 4,746 Westwood
3%
NC 5,394 Whiteville
3%
TN 4,638 Whiteville
3%
MO 35,517 Wildwood
3%
FL 6,709 Wildwood
3%
NJ 5,325 Wildwood
3%
NC 5,511 Williamston
3%
SC 3,934 Williamston
3%
MI 3,854 Williamston
3%
NC 14,716 Williston
3%
SC 3,139 Williston
3%
FL 2,768 Williston
3%
FL 33,874 Winter Haven
3%
FL 27,852 Winter Park
3%
WI 2,678 Wisconsin Dells
3%
FL 2,978 Woodville
3%
TX 2,586 Woodville
3%
SC 14,454 Yankton
3%
LA 8,105 Youngsville
3%
MI 19,435 Ypsilanti
3%
IN 14,160 Zionsville
3%
LA 12,257 Abbeville
2%
SC 5,237 Abbeville
2%
GA 2,908 Abbeville
2%
AL 2,688 Abbeville
2%
IL 36,942 Addison
2%
TX 13,056 Addison
2%
AL 30,352 Alabaster
2%
MN 18,016 Albert Lea
2%
NY 5,182 Albertson
2%
AL 21,160 Albertville
2%
MN 7,044 Albertville
2%
MI 8,616 Albion
2%
NY 6,056 Albion
2%
CA 47,823 Aliso Viejo
2%
MI 4,998 Allegan
2%
MI 9,383 Alma
2%
AR 5,419 Alma
2%
GA 3,466 Alma
2%
MI 10,483 Alpena
2%
OR 19,257 Altamont
2%
FL 41,496 Altamonte Springs
2%
OH 4,801 Amelia
2%
LA 2,459 Amelia
2%
NY 9,523 Amityville
2%
MT 9,298 Anaconda
2%
IN 8,612 Angola
2%
FL 41,542 Apopka
2%
OK 24,283 Ardmore
2%
PA 12,455 Ardmore
2%
AL 4,071 Argo
2%
CA 16,522 Artesia
2%
NM 11,301 Artesia
2%
VA 43,511 Ashburn
2%
GA 4,152 Ashburn
2%
NC 25,012 Asheboro
2%
PA 2,790 Ashley
2%
FL 12,655 Atlantic Beach
2%
MA 43,593 Attleboro
2%
PA 4,705 Avalon
2%
CA 3,728 Avalon
2%
FL 35,762 Aventura
2%
CA 46,361 Azusa
2%
FL 3,761 Bagdad
2%
GA 12,697 Bainbridge
2%
OH 3,267 Bainbridge
2%
OR 9,828 Baker City
2%
WI 12,048 Baraboo
2%
MA 45,193 Barnstable Town
2%
TX 3,199 Barrett
2%
IL 10,327 Barrington
2%
NJ 6,983 Barrington
2%
WI 3,423 Barron
2%
TN 54,613 Bartlett
2%
IL 41,208 Bartlett
2%
LA 11,365 Bastrop
2%
TX 7,218 Bastrop
2%
WI 4,389 Bayside
2%
NY 15,541 Beacon
2%
MN 4,538 Becker
2%
TX 12,863 Beeville
2%
NM 7,269 Belen
2%
CA 42,072 Bell Gardens
2%
TX 4,097 Bellville
2%
MO 23,116 Belton
2%
TX 18,216 Belton
2%
SC 4,134 Belton
2%
AL 27,456 Bessemer
2%
PA 32,313 Bethel Park
2%
CA 5,019 Big Bear Lake
2%
AZ 5,575 Bisbee
2%
ID 11,899 Blackfoot
2%
FL 22,711 Bloomingdale
2%
IL 22,018 Bloomingdale
2%
TN 9,888 Bloomingdale
2%
NJ 7,656 Bloomingdale
2%
GA 2,713 Bloomingdale
2%
PA 14,855 Bloomsburg
2%
WV 10,447 Bluefield
2%
VA 5,444 Bluefield
2%
TX 10,471 Boerne
2%
IL 73,366 Bolingbrook
2%
MO 10,325 Bolivar
2%
TN 5,417 Bolivar
2%
VA 16,366 Bon Air
2%
FL 43,914 Bonita Springs
2%
MS 8,743 Booneville
2%
AR 3,990 Booneville
2%
TX 13,251 Borger
2%
MN 13,590 Brainerd
2%
VT 7,414 Brattleboro
2%
TX 15,716 Brenham
2%
UT 17,899 Brigham City
2%
TX 9,657 Brownfield
2%
IN 2,947 Brownstown
2%
PA 2,816 Brownstown
2%
TX 19,288 Brownwood
2%
CA 4,828 Buellton
2%
VA 14,983 Bull Run
2%
CA 28,806 Burlingame
2%
MN 60,306 Burnsville
2%
MN 4,914 Byron
2%
GA 4,512 Byron
2%
IL 3,753 Byron
2%
ME 3,123 Calais
2%
GA 15,650 Calhoun
2%
CO 16,400 Cañon City
2%
ME 8,189 Caribou
2%
PA 7,972 Carnegie
2%
NC 5,706 Carolina Beach
2%
MN 3,724 Carver
2%
IL 2,769 Casey
2%
AZ 5,015 Cave Creek
2%
UT 9,796 Cedar Hills
2%
OR 8,300 Cedar Hills
2%
OH 4,019 Cedarville
2%
CA 49,041 Cerritos
2%
IL 11,500 Chatham
2%
NJ 8,962 Chatham
2%
IL 30,276 Chicago Heights
2%
AL 6,106 Chickasaw
2%
WI 13,661 Chippewa Falls
2%
VA 21,041 Christiansburg
2%
FL 28,742 Clermont
2%
WI 4,559 Clintonville
2%
SC 5,094 Clover
2%
OH 6,325 Clyde
2%
TX 3,713 Clyde
2%
KS 5,387 Colby
2%
KY 5,912 Cold Spring
2%
MN 4,025 Cold Spring
2%
WA 2,805 Colfax
2%
IL 25,579 Collinsville
2%
VA 7,335 Collinsville
2%
OK 5,606 Collinsville
2%
CT 3,746 Collinsville
2%
NJ 17,795 Colonia
2%
TX 18,198 Converse
2%
TN 4,278 Coopertown
2%
TX 38,659 Coppell
2%
KY 7,304 Corbin
2%
NY 11,183 Corning
2%
CA 7,663 Corning
2%
AR 3,377 Corning
2%
TX 23,770 Corsicana
2%
AZ 11,265 Cottonwood
2%
CA 3,316 Cottonwood
2%
CO 9,464 Craig
2%
IL 8,259 Crete
2%
NE 6,960 Crete
2%
MN 2,386 Crosby
2%
GA 5,430 Cumming
2%
CA 5,000 Cutler
2%
NC 3,329 Dana
2%
CA 33,351 Dana Point
2%
MA 26,493 Danvers
2%
IL 22,086 Darien
2%
CT 20,732 Darien
2%
MI 5,173 Davison
2%
FL 27,031 DeLand
2%
OK 21,332 Del City
2%
TX 22,682 Denison
2%
IA 8,298 Denison
2%
OH 2,655 Dennison
2%
MO 7,864 Dexter
2%
MI 4,067 Dexter
2%
TN 14,538 Dickson
2%
PA 8,380 Doylestown
2%
OH 3,051 Doylestown
2%
UT 42,274 Draper
2%
TX 14,691 Dumas
2%
AR 4,706 Dumas
2%
TX 38,524 Duncanville
2%
MD 63,597 Dundalk
2%
NC 9,263 Dunn
2%
GA 46,267 Dunwoody
2%
NY 19,554 Eastchester
2%
TX 3,960 Eastland
2%
IL 21,302 East Moline
2%
CA 28,155 East Palo Alto
2%
GA 33,712 East Point
2%
CA 53,668 Eastvale
2%
PA 2,391 Egypt
2%
NC 18,683 Elizabeth City
2%
MD 65,834 Ellicott City
2%
IL 44,121 Elmhurst
2%
OK 16,749 El Reno
2%
TX 5,660 Elsa
2%
CA 16,654 El Segundo
2%
NJ 7,401 Emerson
2%
CA 10,080 Emeryville
2%
NC 2,532 Enfield
2%
CO 5,858 Estes Park
2%
TX 51,277 Euless
2%
CO 9,038 Evergreen
2%
MT 7,616 Evergreen
2%
AL 3,944 Evergreen
2%
NJ 6,121 Fair Haven
2%
NJ 32,457 Fair Lawn
2%
OH 7,437 Fairlawn
2%
NY 5,353 Fairport
2%
NV 8,606 Fallon
2%
NY 8,189 Farmingdale
2%
VA 8,216 Farmville
2%
NC 4,654 Farmville
2%
FL 11,487 Fernandina Beach
2%
NV 19,368 Fernley
2%
MA 40,318 Fitchburg
2%
WI 25,260 Fitchburg
2%
IL 5,070 Flora
2%
NJ 15,187 Fords
2%
FL 13,854 Forest City
2%
NC 7,476 Forest City
2%
IA 4,151 Forest City
2%
TX 29,589 Fort Hood
2%
AL 14,012 Fort Payne
2%
LA 3,857 Franklinton
2%
NY 11,230 Fredonia
2%
KS 2,482 Fredonia
2%
VA 7,042 Galax
2%
MI 3,645 Gaylord
2%
NY 8,031 Geneseo
2%
IL 6,586 Geneseo
2%
AR 3,543 Gibson
2%
NJ 18,579 Glassboro
2%
VA 14,774 Glen Allen
2%
IL 8,723 Glencoe
2%
MN 5,631 Glencoe
2%
AL 5,160 Glencoe
2%
FL 2,582 Glencoe
2%
CA 50,073 Glendora
2%
NJ 4,750 Glendora
2%
GA 3,569 Glennville
2%
NY 14,700 Glens Falls
2%
IL 44,692 Glenview
2%
CO 9,614 Glenwood Springs
2%
MN 20,371 Golden Valley
2%
AZ 8,370 Golden Valley
2%
LA 9,781 Gonzales
2%
CA 8,187 Gonzales
2%
TX 7,237 Gonzales
2%
IN 31,719 Goshen
2%
NY 5,454 Goshen
2%
CA 3,006 Goshen
2%
NE 3,574 Gothenburg
2%
WI 11,459 Grafton
2%
OH 6,636 Grafton
2%
WV 5,164 Grafton
2%
NC 4,284 Grafton
2%
FL 37,573 Greenacres
2%
CA 5,566 Greenacres
2%
LA 17,736 Gretna
2%
NE 4,441 Gretna
2%
GA 23,643 Griffin
2%
IN 16,893 Griffith
2%
MI 5,421 Grosse Pointe
2%
CA 7,080 Guadalupe
2%
AZ 5,523 Guadalupe
2%
CO 5,854 Gunnison
2%
UT 3,285 Gunnison
2%
OK 11,442 Guymon
2%
ID 7,960 Hailey
2%
TX 42,409 Haltom City
2%
ME 4,343 Hampden
2%
MD 6,323 Hampstead
2%
NC 4,083 Hampstead
2%
IA 5,106 Harlan
2%
TN 7,870 Hartsville
2%
SC 7,764 Hartsville
2%
MA 60,879 Haverhill
2%
MD 12,952 Havre de Grace
2%
CA 24,060 Hercules
2%
CA 19,506 Hermosa Beach
2%
TX 13,549 Hewitt
2%
NY 41,547 Hicksville
2%
OH 3,581 Hicksville
2%
TX 7,522 Highlands
2%
NJ 5,005 Highlands
2%
NJ 10,219 Hillsdale
2%
MI 8,305 Hillsdale
2%
IL 8,157 Hillside
2%
GA 33,437 Hinesville
2%
NY 27,195 Holbrook
2%
MA 10,791 Holbrook
2%
AZ 5,053 Holbrook
2%
NC 24,661 Holly Springs
2%
GA 9,189 Holly Springs
2%
MS 7,699 Holly Springs
2%
MI 23,973 Holt
2%
AL 3,638 Holt
2%
AL 25,167 Homewood
2%
IL 19,323 Homewood
2%
TX 8,803 Hondo
2%
OR 7,167 Hood River
2%
VA 22,591 Hopewell
2%
KY 31,577 Hopkinsville
2%
TX 16,735 Horizon City
2%
MI 7,708 Houghton
2%
ME 4,856 Houlton
2%
MI 9,489 Howell
2%
MN 13,332 Hugo
2%
OK 5,310 Hugo
2%
KS 42,080 Hutchinson
2%
MN 14,178 Hutchinson
2%
UT 3,833 Hyde Park
2%
PA 2,528 Hyde Park
2%
IA 14,782 Indianola
2%
MS 10,683 Indianola
2%
WA 3,500 Indianola
2%
NY 6,420 Irvington
2%
NY 18,689 Islip
2%
OK 2,448 Jay
2%
PA 4,361 Jersey Shore
2%
KS 23,353 Junction City
2%
OR 5,392 Junction City
2%
NH 23,409 Keene
2%
TX 6,106 Keene
2%
ME 5,214 Kennebunk
2%
GA 29,783 Kennesaw
2%
OH 8,262 Kenton
2%
WI 3,738 Kiel
2%
CA 12,874 King City
2%
OR 3,111 King City
2%
GA 15,946 Kingsland
2%
TX 6,030 Kingsland
2%
NC 3,272 Kitty Hawk
2%
AK 3,201 Kotzebue
2%
GA 29,588 LaGrange
2%
IL 15,550 La Grange
2%
KY 8,082 La Grange
2%
TX 4,641 La Grange
2%
NC 2,873 La Grange
2%
IN 2,625 Lagrange
2%
CA 60,239 La Habra
2%
TX 26,849 Lake Jackson
2%
OR 36,619 Lake Oswego
2%
TX 11,391 Lakeway
2%
FL 34,910 Lake Worth
2%
TX 4,584 Lake Worth
2%
CO 7,804 Lamar
2%
MO 4,532 Lamar
2%
CA 48,527 La Mirada
2%
FL 31,996 Land O' Lakes
2%
MD 23,078 Landover
2%
TX 33,800 La Porte
2%
IN 22,053 La Porte
2%
CO 2,450 Laporte
2%
CA 37,467 La Quinta
2%
IL 9,609 LaSalle
2%
PA 8,338 Latrobe
2%
FL 66,887 Lauderhill
2%
NV 7,323 Laughlin
2%
KY 10,505 Lawrenceburg
2%
TN 10,428 Lawrenceburg
2%
IN 5,042 Lawrenceburg
2%
SC 3,124 Lead
2%
CO 2,602 Leadville
2%
TX 26,521 Leander
2%
KS 48,190 Lenexa
2%
SC 3,112 Lesslie
2%
PA 52,983 Levittown
2%
NY 51,881 Levittown
2%
PA 8,338 Lewistown
2%
MT 5,901 Lewistown
2%
IL 2,384 Lewistown
2%
CA 17,773 Linda
2%
CA 11,768 Lindsay
2%
OK 2,840 Lindsay
2%
CA 17,158 Live Oak
2%
TX 13,131 Live Oak
2%
CA 8,392 Live Oak
2%
FL 6,850 Live Oak
2%
IL 24,839 Lockport
2%
NY 21,165 Lockport
2%
LA 2,578 Lockport
2%
GA 10,458 Loganville
2%
NJ 30,719 Long Branch
2%
VA 7,593 Long Branch
2%
WA 3,784 Longbranch
2%
CA 28,976 Los Altos
2%
NM 14,835 Los Lunas
2%
TX 35,067 Lufkin
2%
NC 21,542 Lumberton
2%
TX 11,943 Lumberton
2%
CA 69,772 Lynwood
2%
IL 9,007 Lynwood
2%
AR 11,577 Magnolia
2%
NJ 4,341 Magnolia
2%
MS 2,420 Magnolia
2%
CA 8,234 Mammoth Lakes
2%
VA 14,273 Manassas Park
2%
TX 5,037 Manor
2%
PA 3,239 Manor
2%
CA 67,096 Manteca
2%
MN 38,018 Maplewood
2%
MO 8,046 Maplewood
2%
WA 5,138 Maplewood
2%
AZ 34,961 Marana
2%
AL 4,428 Margaret
2%
CA 19,718 Marina
2%
WI 19,118 Marshfield
2%
MO 6,633 Marshfield
2%
MA 4,335 Marshfield
2%
MD 16,093 Maryland City
2%
IA 28,079 Mason City
2%
NY 21,685 Massapequa
2%
OH 32,149 Massillon
2%
PA 19,731 McKeesport
2%
TN 5,310 McKenzie
2%
VA 48,115 McLean
2%
OR 32,187 McMinnville
2%
TN 13,605 McMinnville
2%
VA 36,348 Mechanicsville
2%
MA 26,983 Melrose
2%
MN 3,598 Melrose
2%
NY 18,985 Melville
2%
OH 47,159 Mentor
2%
TX 15,570 Mercedes
2%
IL 6,537 Metropolis
2%
TX 18,037 Midlothian
2%
IL 14,819 Midlothian
2%
FL 16,115 Midway
2%
NC 4,679 Midway
2%
UT 3,845 Midway
2%
FL 3,004 Midway
2%
NY 18,799 Mineola
2%
TX 4,515 Mineola
2%
FL 9,403 Minneola
2%
IN 48,252 Mishawaka
2%
CA 4,238 Mojave
2%
OR 9,534 Monmouth
2%
IL 9,444 Monmouth
2%
CA 8,965 Montecito
2%
CA 60,269 Monterey Park
2%
NC 32,711 Mooresville
2%
IN 9,326 Mooresville
2%
MN 38,065 Moorhead
2%
MS 2,405 Moorhead
2%
LA 12,404 Morgan City
2%
CA 37,882 Morgan Hill
2%
NC 16,918 Morganton
2%
NJ 5,040 Morganville
2%
IL 16,267 Morton
2%
MS 3,462 Morton
2%
PA 2,669 Morton
2%
WA 20,366 Moses Lake
2%
NJ 6,685 Mountainside
2%
NC 10,388 Mount Airy
2%
MD 9,288 Mount Airy
2%
NC 4,589 Mount Olive
2%
AL 4,079 Mount Olive
2%
MD 8,080 Mount Rainier
2%
AL 13,146 Muscle Shoals
2%
LA 18,323 Natchitoches
2%
TX 17,547 Nederland
2%
CA 4,844 Needles
2%
SC 10,277 Newberry
2%
FL 4,950 Newberry
2%
TX 4,550 New Boston
2%
MA 17,416 Newburyport
2%
NY 33,559 New City
2%
MN 20,339 New Hope
2%
MS 3,193 New Hope
2%
AL 2,810 New Hope
2%
PA 2,528 New Hope
2%
NY 6,818 New Paltz
2%
FL 14,911 New Port Richey
2%
FL 22,464 New Smyrna Beach
2%
GA 2,798 Nicholls
2%
OK 6,481 Noble
2%
IN 51,969 Noblesville
2%
MO 5,008 Normandy
2%
PA 34,324 Norristown
2%
PA 4,294 North East
2%
MD 3,572 North East
2%
SC 13,752 North Myrtle Beach
2%
FL 12,015 North Palm Beach
2%
TX 63,343 North Richland Hills
2%
OH 7,572 Northridge
2%
PA 3,804 Northumberland
2%
NM 11,333 North Valley
2%
OH 5,265 Northwood
2%
CA 51,904 Novato
2%
WI 34,451 Oak Creek
2%
WV 7,730 Oak Hill
2%
TN 4,529 Oak Hill
2%
FL 35,579 Ocoee
2%
NY 11,128 Ogdensburg
2%
NJ 2,410 Ogdensburg
2%
AL 26,477 Opelika
2%
AL 5,441 Orange Beach
2%
FL 10,599 Orange City
2%
IA 6,004 Orange City
2%
FL 8,412 Orange Park
2%
NY 3,246 Orchard Park
2%
AZ 41,011 Oro Valley
2%
CA 15,546 Oroville
2%
IA 3,619 Osage
2%
NY 25,060 Ossining
2%
MN 13,571 Otsego
2%
MI 3,956 Otsego
2%
IA 25,023 Ottumwa
2%
TX 2,554 Overton
2%
FL 33,342 Oviedo
2%
MO 2,676 Owensville
2%
NY 6,707 Oyster Bay
2%
IL 68,557 Palatine
2%
CO 2,692 Palisade
2%
FL 23,120 Palm City
2%
FL 12,606 Palmetto
2%
GA 4,488 Palmetto
2%
FL 57,439 Palm Harbor
2%
NJ 7,398 Palmyra
2%
PA 7,320 Palmyra
2%
MO 3,595 Palmyra
2%
NY 3,536 Palmyra
2%
TX 17,994 Pampa
2%
AZ 12,820 Paradise Valley
2%
CA 54,098 Paramount
2%
NJ 26,342 Paramus
2%
MD 30,734 Parkville
2%
PA 6,706 Parkville
2%
MO 5,554 Parkville
2%
MS 22,392 Pascagoula
2%
UT 18,294 Payson
2%
AZ 15,301 Payson
2%
MA 51,251 Peabody
2%
NY 23,583 Peekskill
2%
OK 2,831 Perkins
2%
MO 8,225 Perryville
2%
MD 4,361 Perryville
2%
TX 46,936 Pflugerville
2%
AL 32,822 Phenix City
2%
CA 62,942 Pico Rivera
2%
CA 10,667 Piedmont
2%
OK 5,720 Piedmont
2%
SC 5,103 Piedmont
2%
AL 4,878 Piedmont
2%
KY 6,903 Pikeville
2%
AZ 2,387 Pima
2%
FL 49,079 Pinellas Park
2%
CA 10,389 Placerville
2%
FL 34,721 Plant City
2%
WI 11,224 Platteville
2%
CO 2,485 Platteville
2%
NJ 20,249 Pleasantville
2%
NY 7,019 Pleasantville
2%
PA 27,126 Plum
2%
NJ 18,392 Point Pleasant
2%
WV 4,350 Point Pleasant
2%
FL 56,048 Port Orange
2%
TX 5,376 Post
2%
NY 9,428 Potsdam
2%
PA 22,377 Pottstown
2%
KS 6,835 Pratt
2%
ME 9,692 Presque Isle
2%
UT 8,715 Price
2%
TX 9,423 Prosper
2%
VA 9,086 Pulaski
2%
TN 7,870 Pulaski
2%
WI 3,539 Pulaski
2%
CT 7,214 Putnam
2%
VA 16,408 Radford
2%
MN 23,668 Ramsey
2%
NJ 14,473 Ramsey
2%
CA 41,643 Rancho Palos Verdes
2%
MA 32,112 Randolph
2%
NJ 12,206 Red Bank
2%
TN 11,651 Red Bank
2%
SC 9,617 Red Bank
2%
CA 14,076 Red Bluff
2%
TX 10,769 Red Oak
2%
IA 5,742 Red Oak
2%
NC 3,430 Red Oak
2%
MO 14,751 Republic
2%
VA 58,404 Reston
2%
MN 35,228 Richfield
2%
WI 11,300 Richfield
2%
UT 7,551 Richfield
2%
OH 3,648 Richfield
2%
NJ 11,032 Ridgefield
2%
CT 7,645 Ridgefield
2%
WA 4,763 Ridgefield
2%
NC 15,754 Roanoke Rapids
2%
TX 5,595 Rockdale
2%
MO 19,559 Rolla
2%
MI 3,596 Romeo
2%
IL 39,680 Romeoville
2%
TX 56,199 Rowlett
2%
NM 8,029 Ruidoso
2%
AR 27,920 Russellville
2%
AL 9,830 Russellville
2%
KY 6,960 Russellville
2%
LA 21,859 Ruston
2%
NY 15,720 Rye
2%
WA 45,780 Sammamish
2%
CA 2,783 San Andreas
2%
CA 4,001 San Joaquin
2%
CA 34,593 San Juan Capistrano
2%
AZ 81,321 San Tan Valley
2%
CA 29,321 Santa Paula
2%
FL 14,395 Sarasota Springs
2%
MA 26,628 Saugus
2%
CA 7,061 Sausalito
2%
ME 4,403 Scarborough
2%
NY 17,166 Scarsdale
2%
GA 10,631 Scottdale
2%
PA 4,384 Scottdale
2%
KY 4,226 Scottsville
2%
CA 24,168 Seal Beach
2%
FL 21,929 Sebastian
2%
NJ 16,264 Secaucus
2%
NY 6,681 Seneca Falls
2%
TN 14,807 Sevierville
2%
PA 14,038 Sharon
2%
MA 5,658 Sharon
2%
IA 5,188 Sheldon
2%
LA 18,399 Shenandoah
2%
IA 5,150 Shenandoah
2%
PA 5,071 Shenandoah
2%
IL 12,651 Shiloh
2%
PA 11,218 Shiloh
2%
OR 9,222 Silverton
2%
OH 4,788 Silverton
2%
NY 9,870 Sleepy Hollow
2%
IL 3,304 Sleepy Hollow
2%
CA 2,384 Sleepy Hollow
2%
IL 3,693 Smithton
2%
WA 9,098 Snohomish
2%
TX 11,202 Snyder
2%
TX 32,013 Socorro
2%
NM 9,051 Socorro
2%
AZ 14,287 Somerton
2%
CA 25,619 South Pasadena
2%
FL 4,964 South Pasadena
2%
OH 3,958 South Point
2%
NM 40,976 South Valley
2%
SC 10,494 Spearfish
2%
IA 11,233 Spencer
2%
MA 5,700 Spencer
2%
OK 3,912 Spencer
2%
NC 3,267 Spencer
2%
TX 2,658 Springtown
2%
WV 11,044 St. Albans
2%
VT 6,918 St. Albans
2%
MO 13,020 St. Ann
2%
MN 8,226 St. Anthony
2%
ID 3,542 St. Anthony
2%
FL 5,449 Starke
2%
MS 23,888 Starkville
2%
GA 28,422 Statesboro
2%
NC 24,532 Statesville
2%
TX 17,123 Stephenville
2%
OH 18,659 Steubenville
2%
CA 5,814 St. Helena
2%
OR 12,883 St. Helens
2%
MN 45,250 St. Louis Park
2%
KY 17,472 St. Matthews
2%
GA 5,802 Stone Mountain
2%
PA 2,384 Stonybrook
2%
PA 3,695 Stowe
2%
OH 44,750 Strongsville
2%
OK 2,690 Stroud
2%
MO 7,081 Sullivan
2%
IL 4,440 Sullivan
2%
IN 4,249 Sullivan
2%
TX 15,449 Sulphur Springs
2%
WV 3,572 Summersville
2%
NJ 21,457 Summit
2%
IL 11,054 Summit
2%
WA 7,985 Summit
2%
AZ 5,372 Summit
2%
WA 9,451 Sumner
2%
IL 3,174 Sumner
2%
NV 19,299 Sun Valley
2%
PA 2,399 Sun Valley
2%
CA 17,947 Susanville
2%
TX 36,328 The Colony
2%
CT 8,577 Thompsonville
2%
PA 3,520 Thompsonville
2%
GA 6,778 Thomson
2%
NY 3,382 Ticonderoga
2%
OH 17,963 Tiffin
2%
GA 16,350 Tifton
2%
OR 4,935 Tillamook
2%
CA 75,540 Tustin
2%
NC 3,879 Tyro
2%
PA 10,372 Uniontown
2%
OH 3,309 Uniontown
2%
NC 5,929 Unionville
2%
FL 26,995 University Park
2%
TX 23,068 University Park
2%
IL 7,129 University Park
2%
NM 4,192 University Park
2%
MD 2,548 University Park
2%
NE 2,737 Valentine
2%
NY 37,511 Valley Stream
2%
SC 10,571 Vermillion
2%
KY 8,568 Versailles
2%
OH 2,687 Versailles
2%
MO 2,482 Versailles
2%
CA 24,836 Vineyard
2%
NY 6,978 Walden
2%
WA 7,922 Waller
2%
VA 9,611 Warrenton
2%
MO 7,880 Warrenton
2%
OR 4,989 Warrenton
2%
FL 14,531 Warrington
2%
NY 5,899 Washingtonville
2%
WI 46,396 Wauwatosa
2%
TX 29,621 Waxahachie
2%
AL 3,038 Weaver
2%
TX 35,670 Weslaco
2%
WI 60,411 West Allis
2%
NY 15,146 Westbury
2%
RI 17,936 Westerly
2%
OH 36,120 Westerville
2%
CA 48,744 West Sacramento
2%
TX 8,832 Wharton
2%
NJ 6,522 Wharton
2%
IL 52,894 Wheaton
2%
MD 48,284 Wheaton
2%
MT 6,357 Whitefish
2%
NJ 9,494 White Horse
2%
TN 10,255 White House
2%
TX 7,660 Whitehouse
2%
OH 4,149 Whitehouse
2%
TX 16,116 White Settlement
2%
AZ 3,757 Willcox
2%
IL 27,087 Wilmette
2%
OR 19,509 Wilsonville
2%
CA 5,363 Wilton
2%
IA 2,802 Wilton
2%
CT 12,498 Windsor Locks
2%
IL 3,101 Winnebago
2%
IL 12,187 Winnetka
2%
MN 27,592 Winona
2%
MS 5,043 Winona
2%
FL 34,568 Winter Garden
2%
CA 6,624 Winters
2%
TX 2,562 Winters
2%
NC 9,269 Winterville
2%
MA 38,120 Woburn
2%
VA 7,319 Woodlake
2%
CA 7,279 Woodlake
2%
OH 26,119 Wooster
2%
TX 41,427 Wylie
2%
ME 5,869 Yarmouth
2%
IL 16,921 Yorkville
2%
NY 2,689 Yorkville
2%
AZ 6,156 Youngtown
2%
FL 11,491 Yulee
2%
LA 14,960 Zachary
2%
MI 5,504 Zeeland
2%
FL 13,288 Zephyrhills
2%
VA 8,191 Abingdon
1%
IL 3,319 Abingdon
1%
MA 15,985 Abington
1%
CA 7,596 Acton
1%
MD 15,086 Adelphi
1%
MI 21,133 Adrian
1%
CA 20,330 Agoura Hills
1%
AZ 3,304 Ajo
1%
FL 9,059 Alachua
1%
TX 7,031 Alamo Heights
1%
NC 15,903 Albemarle
1%
NY 2,605 Alden
1%
TX 15,869 Aldine
1%
AL 14,875 Alexander City
1%
NY 4,174 Alfred
1%
WI 3,167 Algoma
1%
IL 30,046 Algonquin
1%
AL 2,486 Aliceville
1%
OH 22,322 Alliance
1%
NE 8,491 Alliance
1%
OR 49,425 Aloha
1%
VA 3,450 Altavista
1%
OK 4,945 Alva
1%
FL 2,596 Alva
1%
CA 19,454 American Canyon
1%
ID 4,457 American Falls
1%
WA 15,778 Anacortes
1%
AL 9,015 Andalusia
1%
CA 3,836 Angels
1%
TX 18,862 Angleton
1%
MN 17,142 Anoka
1%
CA 45,770 Antelope
1%
AZ 21,700 Anthem
1%
WI 8,234 Antigo
1%
LA 3,635 Arabi
1%
TX 8,204 Aransas Pass
1%
CA 17,231 Arcata
1%
CA 92,186 Arden-Arcade
1%
TX 3,282 Argyle
1%
CA 19,304 Arvin
1%
AR 4,723 Ashdown
1%
CA 28,310 Atascadero
1%
KS 11,021 Atchison
1%
CA 6,914 Atherton
1%
MA 8,265 Athol
1%
AR 3,016 Atkins
1%
AL 10,194 Atmore
1%
TN 8,387 Atoka
1%
OK 3,107 Atoka
1%
AL 6,048 Attalla
1%
IN 3,245 Attica
1%
NY 2,547 Attica
1%
CA 28,168 Atwater
1%
TX 2,595 Aubrey
1%
FL 13,507 Auburndale
1%
MI 21,412 Auburn Hills
1%
NJ 8,819 Audubon
1%
PA 8,433 Audubon
1%
IN 2,401 Avilla
1%
OH 22,581 Avon Lake
1%
FL 8,836 Avon Park
1%
MA 2,868 Ayer
1%
TX 10,947 Azle
1%
PA 4,135 Baden
1%
AK 19,482 Badger
1%
WA 23,025 Bainbridge Island
1%
SC 3,607 Bamberg
1%
OR 3,066 Bandon
1%
CA 29,603 Banning
1%
OK 35,750 Bartlesville
1%
FL 17,298 Bartow
1%
IL 26,045 Batavia
1%
NY 15,465 Batavia
1%
AR 10,248 Batesville
1%
MS 7,463 Batesville
1%
IN 6,520 Batesville
1%
WA 17,571 Battle Ground
1%
NV 3,635 Battle Mountain
1%
AL 8,044 Bay Minette
1%
AL 2,558 Bayou La Batre
1%
MS 9,260 Bay St. Louis
1%
CA 2,510 Bayview
1%
NY 6,669 Bayville
1%
OH 11,953 Beachwood
1%
NJ 11,045 Beachwood
1%
NE 12,459 Beatrice
1%
WI 16,214 Beaver Dam
1%
KY 3,409 Beaver Dam
1%
PA 8,987 Beaver Falls
1%
TX 3,925 Bee Cave
1%
MI 10,232 Beecher
1%
IL 4,359 Beecher
1%
MS 3,426 Beechwood
1%
MI 3,015 Beechwood
1%
MD 47,709 Bel Air South
1%
MA 2,899 Belchertown
1%
TX 16,855 Bellaire
1%
OH 4,278 Bellaire
1%
AR 26,461 Bella Vista
1%
CA 2,781 Bella Vista
1%
FL 17,467 Belle Glade
1%
FL 4,492 Belleview
1%
TN 2,437 Bells
1%
FL 23,355 Bellview
1%
NJ 5,794 Belmar
1%
TX 21,234 Benbrook
1%
CA 26,997 Benicia
1%
NJ 26,764 Bergenfield
1%
NM 8,320 Bernalillo
1%
NJ 7,707 Bernardsville
1%
PA 10,477 Berwick
1%
LA 4,946 Berwick
1%
IL 56,657 Berwyn
1%
PA 3,631 Berwyn
1%
NY 16,429 Bethpage
1%
ME 21,277 Biddeford
1%
MN 10,060 Big Lake
1%
AK 3,350 Big Lake
1%
TX 2,936 Big Lake
1%
MI 10,601 Big Rapids
1%
WA 8,413 Birch Bay
1%
OK 20,884 Bixby
1%
WA 4,151 Black Diamond
1%
CO 13,116 Black Forest
1%
CA 9,354 Blackhawk
1%
SC 2,892 Blackhawk
1%
MO 6,929 Black Jack
1%
VA 3,621 Blackstone
1%
SC 2,406 Blackville
1%
NJ 4,545 Blackwood
1%
PA 3,412 Blairsville
1%
UT 3,375 Blanding
1%
WI 3,539 Bloomer
1%
MI 3,869 Bloomfield Hills
1%
PA 6,067 Blue Bell
1%
MN 3,353 Blue Earth
1%
VA 3,084 Blue Ridge
1%
SC 12,530 Bluffton
1%
IN 9,897 Bluffton
1%
OH 4,125 Bluffton
1%
AR 15,620 Blytheville
1%
AL 9,551 Boaz
1%
TX 10,127 Bonham
1%
NJ 8,347 Boonton
1%
MO 8,319 Boonville
1%
IN 6,246 Boonville
1%
WA 33,505 Bothell
1%
NJ 4,298 Bradley Beach
1%
MA 35,744 Braintree Town
1%
KY 2,643 Brandenburg
1%
CA 24,953 Brawley
1%
LA 8,139 Breaux Bridge
1%
NC 7,609 Brevard
1%
ME 9,482 Brewer
1%
NY 2,390 Brewster
1%
AL 5,408 Brewton
1%
PA 5,148 Bridgeville
1%
OH 3,343 Brimfield
1%
VA 3,691 Broadway
1%
NY 6,323 Bronxville
1%
NJ 9,239 Brookdale
1%
SC 4,873 Brookdale
1%
MN 30,104 Brooklyn Center
1%
OH 19,212 Brook Park
1%
DE 14,353 Brookside
1%
FL 7,719 Brooksville
1%
OH 5,884 Brookville
1%
PA 3,924 Brookville
1%
NY 3,465 Brookville
1%
IN 2,596 Brookville
1%
IN 21,285 Brownsburg
1%
CO 5,463 Brush
1%
PA 3,779 Bryn Mawr
1%
WV 5,639 Buckhannon
1%
WA 4,354 Buckley
1%
GA 12,225 Buford
1%
WA 33,313 Burien
1%
ID 10,345 Burley
1%
TX 5,987 Burnet
1%
OK 2,796 Cache
1%
TX 3,179 Cactus
1%
OH 3,353 Cadiz
1%
KY 2,558 Cadiz
1%
WI 24,705 Caledonia
1%
MN 2,868 Caledonia
1%
AL 11,620 Calera
1%
IL 37,042 Calumet City
1%
MD 17,724 Calverton
1%
NY 6,510 Calverton
1%
WA 19,355 Camas
1%
CA 6,032 Cambria
1%
KY 9,108 Campbellsville
1%
PA 3,616 Campbelltown
1%
PA 7,888 Camp Hill
1%
TX 2,649 Canadian
1%
NY 10,545 Canandaigua
1%
OH 3,674 Carey
1%
MD 29,941 Carney
1%
IL 37,691 Carpentersville
1%
CA 13,040 Carpinteria
1%
TX 5,368 Carrizo Springs
1%
NJ 22,844 Carteret
1%
AZ 66,795 Casas Adobes
1%
AZ 7,569 Catalina
1%
AZ 50,796 Catalina Foothills
1%
MD 41,567 Catonsville
1%
WI 11,412 Cedarburg
1%
MI 3,509 Cedar Springs
1%
GA 9,750 Cedartown
1%
FL 7,427 Celebration
1%
OH 10,400 Celina
1%
TX 6,028 Celina
1%
AL 16,921 Center Point
1%
IA 2,421 Center Point
1%
AR 9,515 Centerton
1%
NY 34,450 Central Islip
1%
CA 45,417 Ceres
1%
LA 16,751 Chalmette
1%
SC 2,387 Chamberlain
1%
MN 22,952 Chanhassen
1%
VA 23,039 Chantilly
1%
NM 14,631 Chaparral
1%
MN 23,770 Chaska
1%
FL 3,652 Chattahoochee
1%
MI 4,867 Cheboygan
1%
NY 75,178 Cheektowaga
1%
WA 7,259 Chehalis
1%
WA 3,890 Chelan
1%
WA 10,590 Cheney
1%
MD 5,753 Chesapeake Beach
1%
MD 5,252 Chestertown
1%
IL 14,305 Chicago Ridge
1%
OK 16,036 Chickasha
1%
AL 5,175 Childersburg
1%
TX 6,105 Childress
1%
NC 3,563 China Grove
1%
FL 3,605 Chipley
1%
OK 11,146 Choctaw
1%
CA 18,720 Chowchilla
1%
PA 4,128 Churchville
1%
TX 15,349 Cibolo
1%
OH 13,314 Circleville
1%
AL 3,905 Citronelle
1%
FL 24,252 Citrus Park
1%
AZ 4,028 Citrus Park
1%
AL 8,619 Clanton
1%
NY 2,646 Clarence
1%
PA 5,276 Clarion
1%
IA 2,850 Clarion
1%
AZ 4,097 Clarkdale
1%
MS 17,962 Clarksdale
1%
MI 11,825 Clawson
1%
UT 30,112 Clearfield
1%
PA 6,215 Clearfield
1%
WA 3,324 Clearview
1%
TX 29,337 Cleburne
1%
VA 3,884 Clifton Forge
1%
TX 11,211 Clute
1%
CA 13,380 Coalinga
1%
FL 52,909 Coconut Creek
1%
KS 10,295 Coffeyville
1%
NY 5,070 Cold Spring Harbor
1%
NV 8,544 Cold Springs
1%
TX 4,709 Coleman
1%
MD 14,647 Colesville
1%
WA 8,765 College Place
1%
PA 5,089 Collegeville
1%
TX 22,807 Colleyville
1%
TN 43,965 Collierville
1%
NJ 13,926 Collingswood
1%
VA 17,411 Colonial Heights
1%
TN 6,934 Colonial Heights
1%
NY 7,793 Colonie
1%
MT 4,688 Columbia Falls
1%
OH 6,384 Columbiana
1%
AL 4,197 Columbiana
1%
WA 4,673 Colville
1%
TX 4,335 Comanche
1%
WI 2,631 Como
1%
OH 12,841 Conneaut
1%
MT 2,570 Conrad
1%
TN 30,435 Cookeville
1%
MN 61,476 Coon Rapids
1%
MI 4,275 Coopersville
1%
TX 32,032 Copperas Cove
1%
IA 18,907 Coralville
1%
NC 24,866 Cornelius
1%
OR 11,869 Cornelius
1%
CA 2,608 Coronita
1%
CO 8,482 Cortez
1%
FL 4,241 Cortez
1%
NY 19,204 Cortland
1%
OH 7,104 Cortland
1%
IL 4,270 Cortland
1%
MN 34,589 Cottage Grove
1%
OR 9,686 Cottage Grove
1%
WI 6,192 Cottage Grove
1%
IN 15,915 Crawfordsville
1%
FL 3,702 Crawfordville
1%
MO 11,912 Crestwood
1%
IL 10,950 Crestwood
1%
KY 4,531 Crestwood
1%
TX 6,950 Crockett
1%
CA 3,094 Crockett
1%
TN 10,795 Crossville
1%
LA 13,265 Crowley
1%
TX 12,838 Crowley
1%
TX 7,138 Crystal City
1%
MO 4,855 Crystal City
1%
IL 40,743 Crystal Lake
1%
FL 5,514 Crystal Lake
1%
FL 3,108 Crystal River
1%
CA 23,805 Cudahy
1%
WI 18,267 Cudahy
1%
TX 6,841 Cuero
1%
AL 14,775 Cullman
1%
VA 16,379 Culpeper
1%
FL 40,286 Cutler Bay
1%
FL 6,437 Dade City
1%
AL 3,230 Dadeville
1%
AL 5,295 Daleville
1%
VA 2,557 Daleville
1%
TX 7,930 Dalhart
1%
FL 29,639 Dania Beach
1%
CT 4,051 Danielson
1%
GA 2,536 Dawsonville
1%
FL 4,247 Daytona Beach Shores
1%
MD 4,945 Deale
1%
MA 24,729 Dedham
1%
MT 3,111 Deer Lodge
1%
OH 16,494 Defiance
1%
PA 2,686 Delmont
1%
IN 2,893 Delphi
1%
NM 14,855 Deming
1%
AL 7,483 Demopolis
1%
TX 4,479 Denver City
1%
WI 23,800 De Pere
1%
CA 25,938 Desert Hot Springs
1%
OK 3,432 Dewey
1%
IA 5,322 De Witt
1%
MI 4,507 DeWitt
1%
AR 3,292 DeWitt
1%
CA 55,544 Diamond Bar
1%
GA 30,961 Douglasville
1%
IL 47,833 Downers Grove
1%
PA 7,891 Downingtown
1%
AZ 27,749 Drexel Heights
1%
CA 21,321 Duarte
1%
PA 7,794 DuBois
1%
VA 4,961 Dumfries
1%
WV 7,907 Dunbar
1%
PA 14,057 Dunmore
1%
IL 4,138 Dupo
1%
WA 8,199 DuPont
1%
PA 2,711 Dupont
1%
PA 5,565 Duquesne
1%
OK 15,856 Durant
1%
MS 2,673 Durant
1%
WA 6,695 Duvall
1%
IL 4,260 Dwight
1%
IN 16,390 Dyer
1%
TN 17,145 Dyersburg
1%
AZ 4,885 Eagar
1%
UT 21,415 Eagle Mountain
1%
OR 8,469 Eagle Point
1%
PA 4,800 Eagleville
1%
IL 6,301 East Alton
1%
AL 2,478 East Brewton
1%
OH 17,843 East Cleveland
1%
MN 8,601 East Grand Forks
1%
MI 10,694 East Grand Rapids
1%
NY 6,955 East Hills
1%
NY 14,475 East Islip
1%
OH 11,195 East Liverpool
1%
IL 23,402 East Peoria
1%
TN 20,979 East Ridge
1%
NY 6,587 East Rochester
1%
PA 9,840 East Stroudsburg
1%
WA 13,190 East Wenatchee
1%
MI 6,340 Eastwood
1%
LA 4,093 Eastwood
1%
MI 5,214 Eaton Rapids
1%
WA 2,758 Eatonville
1%
NC 5,004 Edenton
1%
FL 20,750 Edgewater
1%
NJ 11,513 Edgewater
1%
MD 9,023 Edgewater
1%
CO 5,170 Edgewater
1%
MD 25,562 Edgewood
1%
WA 9,387 Edgewood
1%
KY 8,575 Edgewood
1%
OH 4,432 Edgewood
1%
NM 3,735 Edgewood
1%
PA 3,118 Edgewood
1%
FL 2,503 Edgewood
1%
PA 2,384 Edgewood
1%
PA 6,438 Edinboro
1%
TX 5,499 Edna
1%
IL 12,328 Effingham
1%
AL 3,940 Elba
1%
TX 11,602 El Campo
1%
CA 42,108 El Dorado Hills
1%
TN 14,176 Elizabethton
1%
OK 11,693 Elk City
1%
NC 4,001 Elkin
1%
WV 7,094 Elkins
1%
AR 2,648 Elkins
1%
MD 15,593 Elkridge
1%
UT 2,436 Elk Ridge
1%
NY 4,135 Ellenville
1%
ME 7,741 Ellsworth
1%
WI 3,284 Ellsworth
1%
KS 3,120 Ellsworth
1%
WI 5,934 Elm Grove
1%
AZ 31,797 El Mirage
1%
LA 4,635 Elmwood
1%
NC 9,419 Elon
1%
AZ 16,631 Eloy
1%
NY 11,177 Elwood
1%
IN 8,614 Elwood
1%
ID 6,557 Emmett
1%
TX 18,513 Ennis
1%
UT 5,803 Enoch
1%
WA 10,669 Enumclaw
1%
MI 12,616 Escanaba
1%
NM 10,224 Espanola
1%
AK 2,422 Ester
1%
PA 3,451 Etna
1%
AL 13,137 Eufaula
1%
OK 2,813 Eufaula
1%
AL 2,934 Eutaw
1%
HI 22,690 Ewa Gentry
1%
OH 32,352 Fairborn
1%
GA 12,950 Fairburn
1%
NY 10,224 Fairmount
1%
CO 7,559 Fairmount
1%
IN 2,954 Fairmount
1%
TN 2,825 Fairmount
1%
CA 30,912 Fair Oaks
1%
VA 30,223 Fair Oaks
1%
GA 8,225 Fair Oaks
1%
CA 30,534 Fallbrook
1%
MD 8,958 Fallston
1%
TX 28,616 Farmers Branch
1%
CA 10,588 Farmersville
1%
TX 3,301 Farmersville
1%
TX 6,357 Fate
1%
FL 5,197 Fellsmere
1%
MI 11,756 Fenton
1%
MO 4,022 Fenton
1%
MN 13,138 Fergus Falls
1%
MI 19,900 Ferndale
1%
MD 16,746 Ferndale
1%
WA 11,415 Ferndale
1%
LA 3,511 Ferriday
1%
MO 11,602 Festus
1%
WA 6,012 Finley
1%
CA 7,549 Firebaugh
1%
AK 4,679 Fishhook
1%
NY 4,472 Flanders
1%
NJ 4,581 Flemington
1%
NC 7,187 Fletcher
1%
NY 15,863 Floral Park
1%
VA 8,375 Floris
1%
MO 52,158 Florissant
1%
AL 14,618 Foley
1%
MN 2,603 Foley
1%
GA 2,502 Folkston
1%
MI 25,867 Forest Hills
1%
PA 6,518 Forest Hills
1%
TN 4,812 Forest Hills
1%
MN 18,375 Forest Lake
1%
OH 18,720 Forest Park
1%
GA 18,468 Forest Park
1%
IL 14,167 Forest Park
1%
MD 12,353 Forestville
1%
OH 10,532 Forestville
1%
CA 3,293 Forestville
1%
TX 14,661 Forney
1%
GA 3,788 Forsyth
1%
IL 3,490 Forsyth
1%
TX 8,591 Fort Bliss
1%
CO 13,813 Fort Carson
1%
AZ 3,624 Fort Defiance
1%
IA 25,206 Fort Dodge
1%
WA 11,046 Fort Lewis
1%
SC 10,811 Fort Mill
1%
KY 8,207 Fort Mitchell
1%
AZ 14,364 Fort Mohave
1%
CO 11,315 Fort Morgan
1%
GA 4,924 Fort Stewart
1%
IN 3,929 Fortville
1%
MD 23,717 Fort Washington
1%
PA 5,446 Fort Washington
1%
FL 26,116 Four Corners
1%
OR 15,947 Four Corners
1%
TX 12,382 Four Corners
1%
MD 7,945 Four Corners
1%
MT 3,146 Four Corners
1%
NJ 10,590 Franklin Lakes
1%
MA 31,635 Franklin Town
1%
MI 14,480 Fraser
1%
WA 18,719 Frederickson
1%
MO 3,985 Fredericktown
1%
OH 2,493 Fredericktown
1%
MD 9,250 Friendly
1%
TX 35,805 Friendswood
1%
VA 14,440 Front Royal
1%
MD 9,002 Frostburg
1%
FL 2,992 Frostproof
1%
CO 12,646 Fruita
1%
MD 4,866 Fruitland
1%
ID 4,684 Fruitland
1%
FL 13,224 Fruitville
1%
AL 8,380 Fultondale
1%
NC 17,937 Fuquay-Varina
1%
IL 3,429 Galena
1%
KS 3,085 Galena
1%
TX 10,887 Galena Park
1%
IL 32,195 Galesburg
1%
TN 30,278 Gallatin
1%
CA 23,647 Galt
1%
IL 2,589 Galva
1%
AL 13,893 Gardendale
1%
ME 5,800 Gardiner
1%
NC 25,745 Garner
1%
IA 3,129 Garner
1%
IN 6,286 Garrett
1%
MD 8,823 Garrison
1%
TX 15,751 Gatesville
1%
FL 8,401 Gateway
1%
AK 5,552 Gateway
1%
TX 4,881 Giddings
1%
FL 9,590 Gifford
1%
WA 7,126 Gig Harbor
1%
IL 6,879 Gilberts
1%
PA 4,832 Gilbertsville
1%
OH 9,958 Girard
1%
PA 3,104 Girard
1%
KS 2,789 Girard
1%
TX 6,441 Gladewater
1%
MO 25,410 Gladstone
1%
OR 11,497 Gladstone
1%
MI 4,973 Gladstone
1%
NY 26,964 Glen Cove
1%
MD 13,529 Glenmont
1%
MD 13,466 Glenn Dale
1%
TX 11,278 Glenn Heights
1%
NJ 11,601 Glen Rock
1%
WY 2,576 Glenrock
1%
PA 8,384 Glenside
1%
AZ 7,532 Globe
1%
KS 4,344 Goddard
1%
FL 23,961 Golden Gate
1%
AK 3,557 Goldstream
1%
CA 29,888 Goleta
1%
FL 13,273 Gonzalez
1%
SC 35,938 Goose Creek
1%
ME 6,882 Gorham
1%
TX 7,978 Granbury
1%
MI 10,412 Grand Haven
1%
MO 24,475 Grandview
1%
WA 10,862 Grandview
1%
MI 15,378 Grandville
1%
IN 30,465 Granger
1%
WA 3,246 Granger
1%
GA 3,041 Grantville
1%
OH 5,646 Granville
1%
NY 2,543 Granville
1%
CA 12,860 Grass Valley
1%
KS 15,995 Great Bend
1%
MD 23,068 Greenbelt
1%
VA 8,166 Greenbriar
1%
FL 2,502 Greenbriar
1%
IN 10,326 Greencastle
1%
PA 3,996 Greencastle
1%
TN 6,618 Green Hill
1%
MO 2,622 Green Park
1%
CO 13,925 Greenwood Village
1%
SC 25,515 Greer
1%
CT 10,389 Groton
1%
FL 8,729 Groveland
1%
TX 16,144 Groves
1%
VA 14,598 Groveton
1%
CO 9,263 Gunbarrel
1%
IL 31,295 Gurnee
1%
OK 10,191 Guthrie
1%
CA 54,038 Hacienda Heights
1%
NJ 9,724 Hackettstown
1%
NJ 11,593 Haddonfield
1%
FL 20,535 Haines City
1%
NJ 8,318 Haledon
1%
FL 37,113 Hallandale Beach
1%
NC 6,495 Hamlet
1%
NY 5,521 Hamlin
1%
NY 13,603 Hampton Bays
1%
MO 17,916 Hannibal
1%
IL 37,973 Hanover Park
1%
OR 13,903 Happy Valley
1%
OR 2,391 Harbor
1%
SC 2,952 Hardeeville
1%
GA 3,930 Hardwick
1%
TX 26,700 Harker Heights
1%
WI 9,110 Hartland
1%
AL 5,281 Harvest
1%
AR 3,990 Haskell
1%
TX 3,322 Haskell
1%
MI 19,220 Haslett
1%
PA 3,290 Hatfield
1%
NY 20,882 Hauppauge
1%
CA 14,254 Hawaiian Gardens
1%
ID 13,294 Hayden
1%
OR 19,936 Hayesville
1%
KS 10,826 Haysville
1%
KY 4,456 Hazard
1%
AL 3,630 Hazel Green
1%
MO 25,703 Hazelwood
1%
AL 4,510 Headland
1%
CA 11,254 Healdsburg
1%
UT 11,362 Heber
1%
CA 4,275 Heber
1%
KY 5,929 Hebron
1%
IN 3,724 Hebron
1%
TX 7,341 Helotes
1%
TX 3,141 Henrietta
1%
NY 7,743 Herkimer
1%
OR 16,745 Hermiston
1%
PA 16,220 Hermitage
1%
MS 14,090 Hernando
1%
FL 9,054 Hernando
1%
VA 23,292 Herndon
1%
FL 21,744 Hialeah Gardens
1%
MN 16,361 Hibbing
1%
TX 11,198 Hidalgo
1%
IN 5,387 Hidden Valley
1%
CO 96,713 Highlands Ranch
1%
TX 15,056 Highland Village
1%
OH 28,435 Hilliard
1%
FL 3,086 Hilliard
1%
OK 3,196 Hinton
1%
WV 2,676 Hinton
1%
IL 51,895 Hoffman Estates
1%
NJ 4,078 Ho-Ho-Kus
1%
OK 5,771 Holdenville
1%
FL 22,403 Holiday
1%
CA 34,928 Hollister
1%
MO 4,426 Hollister
1%
FL 11,659 Holly Hill
1%
KS 3,329 Holton
1%
CA 5,969 Homeland
1%
FL 2,578 Homosassa
1%
FL 13,791 Homosassa Springs
1%
UT 7,218 Hooper
1%
MA 2,550 Hopkinton
1%
NY 6,461 Horseheads
1%
PA 14,842 Horsham
1%
MI 3,427 Houghton Lake
1%
OH 38,101 Huber Heights
1%
MI 7,116 Hudsonville
1%
CA 6,640 Hughson
1%
TX 15,133 Humble
1%
NY 3,458 Hurley
1%
TX 37,337 Hurst
1%
TX 14,698 Hutto
1%
MD 17,557 Hyattsville
1%
OK 7,010 Idabel
1%
MD 3,844 Indian Head
1%
NV 5,627 Indian Hills
1%
KY 2,868 Indian Hills
1%
TX 2,591 Indian Hills
1%
CA 4,958 Indian Wells
1%
MI 25,369 Inkster
1%
NY 9,792 Inwood
1%
FL 6,403 Inwood
1%
WV 2,954 Inwood
1%
MI 11,394 Ionia
1%
AL 12,349 Irondale
1%
GA 7,446 Irondale
1%
OH 11,129 Ironton
1%
PA 3,973 Irwin
1%
WA 30,434 Issaquah
1%
TX 10,553 Jacinto City
1%
NJ 5,915 Jamesburg
1%
NC 5,899 James City
1%
CA 6,163 Jamul
1%
KY 26,595 Jeffersontown
1%
LA 3,398 Jena
1%
OK 16,924 Jenks
1%
FL 11,707 Jensen Beach
1%
ID 10,890 Jerome
1%
GA 10,214 Jesup
1%
IA 2,520 Jesup
1%
PA 4,781 Jim Thorpe
1%
IL 3,543 Johnston City
1%
CA 7,414 Joshua Tree
1%
FL 3,176 Juno Beach
1%
IL 12,926 Justice
1%
AZ 2,622 Kachina Village
1%
PA 3,730 Kane
1%
HI 10,699 Kapaa
1%
TX 6,703 Kaufman
1%
AZ 5,189 Kayenta
1%
UT 35,731 Kearns
1%
WA 11,925 Kelso
1%
FL 56,148 Kendale Lakes
1%
TX 3,296 Kenedy
1%
NJ 7,914 Kenilworth
1%
IL 2,513 Kenilworth
1%
WA 20,460 Kenmore
1%
NY 15,423 Kenmore
1%
MO 10,932 Kennett
1%
IA 10,780 Keokuk
1%
NC 23,123 Kernersville
1%
ID 2,689 Ketchum
1%
FL 12,344 Key Biscayne
1%
WV 5,439 Keyser
1%
FL 24,039 Keystone
1%
HI 20,881 Kihei
1%
TX 12,975 Kilgore
1%
NC 6,683 Kill Devil Hills
1%
LA 2,477 Kinder
1%
CA 3,796 Kings Beach
1%
CA 11,382 Kingsburg
1%
NC 10,296 Kings Mountain
1%
NY 17,282 Kings Park
1%
VA 4,333 Kings Park
1%
WV 2,939 Kingwood
1%
NJ 10,248 Kinnelon
1%
NC 21,677 Kinston
1%
TX 8,000 Kirby
1%
MO 17,505 Kirksville
1%
MO 27,540 Kirkwood
1%
NY 20,175 Kiryas Joel
1%
AK 14,923 Knik-Fairview
1%
MS 7,402 Kosciusko
1%
CA 20,246 La Cañada Flintridge
1%
WA 42,393 Lacey
1%
NY 18,141 Lackawanna
1%
NH 15,951 Laconia
1%
WI 3,414 Ladysmith
1%
OR 13,082 La Grande
1%
CA 30,344 Laguna Hills
1%
CA 62,979 Laguna Niguel
1%
CA 5,325 La Habra Heights
1%
CO 7,077 La Junta
1%
FL 13,822 Lake Mary
1%
CA 4,753 Lakeport
1%
MD 19,477 Lake Shore
1%
WA 6,571 Lake Shore
1%
TX 14,509 La Marque
1%
MI 9,953 Lambertville
1%
NJ 3,906 Lambertville
1%
TX 6,681 Lampasas
1%
WY 7,487 Lander
1%
PA 16,269 Lansdale
1%
CA 15,568 La Palma
1%
MD 8,753 La Plata
1%
CA 39,816 La Puente
1%
NY 5,864 Larchmont
1%
CA 11,926 Larkspur
1%
CA 18,023 Lathrop
1%
MS 6,079 Latimer
1%
FL 32,593 Lauderdale Lakes
1%
SC 9,139 Laurens
1%
CA 31,063 La Verne
1%
CA 32,769 Lawndale
1%
LA 6,612 Leesville
1%
FL 86,784 Lehigh Acres
1%
CA 25,320 Lemon Grove
1%
IL 2,912 Lena
1%
CA 22,753 Lennox
1%
NJ 2,757 Leonardo
1%
TX 10,151 Leon Valley
1%
NY 4,391 Le Roy
1%
IL 3,560 Le Roy
1%
TX 13,542 Levelland
1%
DE 2,747 Lewes
1%
MT 2,628 Libby
1%
WA 7,591 Liberty Lake
1%
IN 4,405 Ligonier
1%
IL 7,275 Lincolnshire
1%
NC 10,486 Lincolnton
1%
TX 4,818 Lindale
1%
GA 4,191 Lindale
1%
UT 10,070 Lindon
1%
MD 10,324 Linthicum
1%
AZ 5,476 Litchfield Park
1%
MN 9,773 Little Canada
1%
TX 25,898 Little Elm
1%
TX 6,372 Littlefield
1%
FL 13,060 Lockhart
1%
TX 12,698 Lockhart
1%
NC 2,930 Locust
1%
IN 18,396 Logansport
1%
IL 43,165 Lombard
1%
FL 6,888 Longboat Key
1%
MA 15,784 Longmeadow
1%
CA 11,449 Los Alamitos
1%
CA 7,922 Los Altos Hills
1%
CA 35,972 Los Banos
1%
TN 5,381 Loudon
1%
KY 2,467 Louisa
1%
KS 4,315 Louisburg
1%
NC 3,359 Louisburg
1%
NM 11,009 Lovington
1%
CA 3,067 Lucerne
1%
KY 4,407 Ludlow
1%
VA 4,895 Luray
1%
FL 19,344 Lutz
1%
WI 2,515 Luxemburg
1%
WA 11,951 Lynden
1%
KY 11,002 Lyndon
1%
MA 11,596 Lynnfield
1%
OH 11,188 Macedonia
1%
OH 8,726 Madeira
1%
FL 4,263 Madeira Beach
1%
MI 29,694 Madison Heights
1%
VA 11,285 Madison Heights
1%
OR 6,046 Madras
1%
IL 7,258 Mahomet
1%
NC 3,310 Maiden
1%
NY 5,911 Malone
1%
AR 10,318 Malvern
1%
PA 2,998 Malvern
1%
NC 18,331 Mandan
1%
LA 11,560 Mandeville
1%
NY 8,080 Manhasset
1%
PA 4,858 Manheim
1%
WI 33,736 Manitowoc
1%
SC 4,108 Manning
1%
VA 7,135 Mantua
1%
TX 5,179 Manvel
1%
NJ 10,344 Manville
1%
UT 7,979 Mapleton
1%
TX 6,077 Marble Falls
1%
MA 19,808 Marblehead
1%
FL 16,413 Marco Island
1%
IL 7,648 Marengo
1%
IA 2,528 Marengo
1%
FL 6,102 Marianna
1%
AR 4,115 Marianna
1%
WI 10,968 Marinette
1%
TX 5,967 Marlin
1%
IA 27,552 Marshalltown
1%
MO 27,472 Maryland Heights
1%
TN 2,411 Mascot
1%
NY 10,936 Massena
1%
IL 18,555 Mattoon
1%
WI 4,423 Mauston
1%
MD 8,298 Mayo
1%
CA 27,395 Maywood
1%
IL 24,090 Maywood
1%
NJ 9,555 Maywood
1%
OK 18,383 McAlester
1%
ID 2,991 McCall
1%
MS 12,790 McComb
1%
NE 7,698 McCook
1%
IL 26,992 McHenry
1%
CA 15,177 McKinleyville
1%
KS 13,155 McPherson
1%
NM 4,708 Meadow Lake
1%
AK 7,570 Meadow Lakes
1%
PA 13,388 Meadville
1%
PA 5,327 Media
1%
FL 3,101 Melbourne Beach
1%
TX 4,695 Melissa
1%
CA 11,014 Mendota
1%
IL 7,372 Mendota
1%
MI 8,599 Menominee
1%
WI 35,626 Menomonee Falls
1%
WI 16,264 Menomonie
1%
WI 23,132 Mequon
1%
WI 9,661 Merrill
1%
FL 34,743 Merritt Island
1%
NJ 13,574 Metuchen
1%
FL 29,361 Miami Lakes
1%
OH 20,181 Miamisburg
1%
FL 10,493 Miami Shores
1%
FL 13,008 Middleburg
1%
VT 6,588 Middlebury
1%
IN 3,420 Middlebury
1%
KY 10,334 Middlesborough
1%
AL 5,365 Midfield
1%
UT 27,964 Midvale
1%
CA 21,532 Millbrae
1%
UT 62,139 Millcreek
1%
WA 18,244 Mill Creek
1%
GA 17,715 Milledgeville
1%
OH 3,025 Millersburg
1%
PA 2,557 Millersburg
1%
PA 8,168 Millersville
1%
TN 6,440 Millersville
1%
ME 4,466 Millinocket
1%
NJ 6,893 Milltown
1%
FL 7,058 Mims
1%
LA 13,082 Minden
1%
NV 3,001 Minden
1%
NE 2,923 Minden
1%
TX 16,788 Mineral Wells
1%
PA 4,397 Minersville
1%
WA 9,771 Minnehaha
1%
OH 2,805 Minster
1%
NY 2,731 Mohawk
1%
TX 6,953 Monahans
1%
PA 7,720 Monessen
1%
MO 2,531 Monroe City
1%
TX 3,835 Mont Belvieu
1%
CA 62,500 Montebello
1%
NY 4,526 Montebello
1%
WA 3,976 Montesano
1%
MN 5,383 Montevideo
1%
WV 2,544 Moorefield
1%
CA 34,421 Moorpark
1%
MN 2,751 Moose Lake
1%
CA 16,016 Moraga
1%
NC 8,661 Morehead City
1%
NJ 5,532 Morris Plains
1%
CA 10,234 Morro Bay
1%
WI 3,988 Mosinee
1%
AL 3,471 Moulton
1%
WV 9,318 Moundsville
1%
AL 2,427 Moundville
1%
TN 2,531 Mountain City
1%
NJ 4,160 Mountain Lakes
1%
NC 13,656 Mount Holly
1%
IL 54,167 Mount Prospect
1%
IL 5,833 Mount Zion
1%
IA 22,886 Muscatine
1%
OK 17,395 Mustang
1%
NC 2,757 Nags Head
1%
OH 8,749 Napoleon
1%
CT 31,862 Naugatuck
1%
FL 31,378 Navarre
1%
MA 28,886 Needham
1%
OH 5,392 Nelsonville
1%
UT 5,389 Nephi
1%
OH 2,978 New Bremen
1%
PA 5,378 New Holland
1%
CT 30,562 Newington
1%
VA 12,943 Newington
1%
WI 2,554 New Lisbon
1%
NH 5,297 Newmarket
1%
NJ 16,341 New Milford
1%
CT 6,523 New Milford
1%
GA 33,039 Newnan
1%
OH 17,288 New Philadelphia
1%
MN 7,321 New Prague
1%
WI 8,375 New Richmond
1%
OH 2,582 New Richmond
1%
AZ 14,952 New River
1%
MN 13,522 New Ulm
1%
FL 12,749 Niceville
1%
MS 3,092 Nicholson
1%
WV 7,178 Nitro
1%
MO 19,022 Nixa
1%
TX 4,259 Nolanville
1%
CA 27,063 Norco
1%
LA 3,074 Norco
1%
GA 9,116 Norcross
1%
SC 21,348 North Augusta
1%
MD 43,828 North Bethesda
1%
MA 6,167 Northborough
1%
IL 33,170 Northbrook
1%
OH 10,668 Northbrook
1%
OH 17,488 North Canton
1%
CO 35,789 Northglenn
1%
FL 41,023 North Lauderdale
1%
IA 13,374 North Liberty
1%
UT 17,357 North Ogden
1%
NJ 21,936 North Plainfield
1%
CA 3,477 North Shore
1%
VA 3,094 North Shore
1%
VA 7,274 North Springfield
1%
NY 31,568 North Tonawanda
1%
CA 24,917 North Tustin
1%
IN 6,728 North Vernon
1%
MI 14,541 Northview
1%
MI 5,970 Northville
1%
NC 4,245 North Wilkesboro
1%
MA 28,602 Norwood
1%
OH 19,207 Norwood
1%
PA 5,890 Norwood
1%
NJ 5,711 Norwood
1%
IN 5,973 Notre Dame
1%
CA 6,447 Nuevo
1%
NY 6,765 Nyack
1%
KY 9,036 Oakbrook
1%
IL 7,883 Oak Brook
1%
OR 16,629 Oak Grove
1%
SC 10,291 Oak Grove
1%
MN 8,031 Oak Grove
1%
MO 7,795 Oak Grove
1%
KY 7,489 Oak Grove
1%
TN 4,425 Oak Grove
1%
OR 11,333 Oak Hills
1%
CA 8,879 Oak Hills
1%
NJ 3,995 Oakhurst
1%
CA 2,829 Oakhurst
1%
NC 6,783 Oak Island
1%
FL 41,363 Oakland Park
1%
NJ 4,038 Oaklyn
1%
PA 6,303 Oakmont
1%
NJ 3,483 Oak Valley
1%
OH 8,286 Oberlin
1%
WI 15,759 Oconomowoc
1%
MD 37,132 Odenton
1%
NE 4,737 Ogallala
1%
PA 3,533 Ohioville
1%
PA 10,557 Oil City
1%
CA 32,684 Oildale
1%
NJ 23,753 Old Bridge
1%
NY 4,671 Old Westbury
1%
MS 33,484 Olive Branch
1%
MN 2,484 Olivia
1%
MD 33,844 Olney
1%
IL 9,115 Olney
1%
TX 3,285 Olney
1%
WA 4,845 Omak
1%
WI 17,736 Onalaska
1%
NE 3,705 O'Neill
1%
FL 15,219 Opa-locka
1%
LA 16,634 Opelousas
1%
AL 6,659 Opp
1%
CA 33,960 Orangevale
1%
CA 17,643 Orinda
1%
ME 9,474 Orono
1%
MN 7,437 Orono
1%
OH 8,380 Orrville
1%
AR 7,757 Osceola
1%
IA 4,929 Osceola
1%
WI 2,568 Osceola
1%
IN 2,463 Osceola
1%
OK 28,915 Owasso
1%
NY 3,896 Owego
1%
MD 30,622 Owings Mills
1%
FL 5,649 Pahokee
1%
OH 19,563 Painesville
1%
KY 3,459 Paintsville
1%
FL 10,558 Palatka
1%
FL 48,452 Palm Beach Gardens
1%
TX 5,460 Palmview
1%
AR 26,113 Paragould
1%
IL 37,480 Park Ridge
1%
NJ 8,645 Park Ridge
1%
IA 2,389 Park View
1%
CA 14,670 Parkway
1%
WA 7,126 Parkwood
1%
MD 15,922 Parole
1%
KS 10,500 Parsons
1%
CA 29,793 Paso Robles
1%
NY 11,798 Patchogue
1%
IL 4,473 Paxton
1%
GA 34,364 Peachtree City
1%
NY 15,876 Pearl River
1%
MS 3,601 Pearl River
1%
LA 2,506 Pearl River
1%
AL 21,352 Pelham
1%
NY 6,910 Pelham
1%
GA 3,898 Pelham
1%
NJ 2,585 Pennington
1%
OH 20,623 Perrysburg
1%
TX 8,802 Perryton
1%
WV 2,966 Philippi
1%
PA 2,770 Philipsburg
1%
NJ 14,950 Phillipsburg
1%
KS 2,581 Phillipsburg
1%
PA 16,440 Phoenixville
1%
MD 30,764 Pikesville
1%
MN 3,123 Pine City
1%
FL 18,223 Pinecrest
1%
TN 2,388 Pine Crest
1%
NJ 10,233 Pine Hill
1%
FL 60,076 Pine Hills
1%
CA 3,131 Pine Hills
1%
NC 13,124 Pinehurst
1%
MA 7,152 Pinehurst
1%
TX 4,624 Pinehurst
1%
FL 9,598 Pine Ridge
1%
SC 3,308 Pine Ridge
1%
PA 2,707 Pine Ridge
1%
FL 16,520 Pinewood
1%
CA 18,390 Pinole
1%
OH 20,522 Piqua
1%
CA 7,655 Pismo Beach
1%
PA 7,739 Pittston
1%
CA 50,533 Placentia
1%
MO 4,691 Platte City
1%
UT 33,509 Pleasant Grove
1%
AL 10,110 Pleasant Grove
1%
CA 33,152 Pleasant Hill
1%
IA 8,785 Pleasant Hill
1%
MO 8,113 Pleasant Hill
1%
PA 2,643 Pleasant Hill
1%
AR 6,608 Pocahontas
1%
IA 3,418 Polk City
1%
OK 25,387 Ponca City
1%
GA 19,140 Pooler
1%
MD 4,883 Poolesville
1%
MO 17,023 Poplar Bluff
1%
VA 12,150 Poquoson
1%
NM 12,280 Portales
1%
TX 3,480 Port Aransas
1%
NY 28,967 Port Chester
1%
CA 21,723 Port Hueneme
1%
NY 7,750 Port Jefferson
1%
NY 8,828 Port Jervis
1%
TX 12,248 Port Lavaca
1%
TX 13,040 Port Neches
1%
WA 11,144 Port Orchard
1%
WA 9,113 Port Townsend
1%
ID 27,574 Post Falls
1%
MI 2,617 Potterville
1%
PA 14,324 Pottsville
1%
AR 2,838 Pottsville
1%
TX 5,576 Prairie View
1%
LA 26,895 Prairieville
1%
AL 33,960 Prattville
1%
TX 4,426 Presidio
1%
NJ 2,465 Princeton Junction
1%
MN 22,796 Prior Lake
1%
KY 4,698 Prospect
1%
FL 16,641 Punta Gorda
1%
PA 5,962 Punxsutawney
1%
OK 5,884 Purcell
1%
PA 8,979 Quakertown
1%
CA 10,912 Quartz Hill
1%
KY 21,688 Radcliff
1%
NJ 27,346 Rahway
1%
AL 4,948 Rainsville
1%
CA 20,292 Ramona
1%
CA 64,776 Rancho Cordova
1%
CA 17,218 Rancho Mirage
1%
CA 47,853 Rancho Santa Margarita
1%
TX 2,468 Ranger
1%
NM 6,885 Raton
1%
OH 11,724 Ravenna
1%
WY 9,259 Rawlins
1%
TX 11,284 Raymondville
1%
LA 3,695 Rayville
1%
AL 3,158 Red Bay
1%
SC 13,223 Red Hill
1%
PA 2,383 Red Hill
1%
CA 68,747 Redlands
1%
CO 8,685 Redlands
1%
PA 6,373 Red Lion
1%
TX 2,890 Refugio
1%
TX 12,552 Rendon
1%
NY 9,392 Rensselaer
1%
IN 5,859 Rensselaer
1%
OH 35,893 Reynoldsburg
1%
NY 2,657 Rhinebeck
1%
WI 7,798 Rhinelander
1%
PA 6,563 Richboro
1%
TX 7,801 Richland Hills
1%
OH 10,546 Richmond Heights
1%
MO 8,603 Richmond Heights
1%
FL 8,541 Richmond Heights
1%
GA 9,281 Richmond Hill
1%
NJ 24,958 Ridgewood
1%
CO 9,172 Rifle
1%
ID 3,945 Rigby
1%
GA 3,580 Ringgold
1%
TX 13,834 Rio Grande City
1%
AZ 18,962 Rio Rico
1%
TN 8,445 Ripley
1%
MS 5,395 Ripley
1%
WV 3,252 Ripley
1%
CA 14,297 Ripon
1%
WI 7,733 Ripon
1%
CA 22,678 Riverbank
1%
WI 15,000 River Falls
1%
IL 11,172 River Forest
1%
NY 13,299 Riverhead
1%
MI 7,903 River Rouge
1%
NJ 3,041 Robbinsville
1%
NJ 11,297 Robertsville
1%
TX 11,487 Robstown
1%
IL 9,574 Rochelle
1%
IL 9,266 Rock Falls
1%
FL 24,926 Rockledge
1%
PA 2,543 Rockledge
1%
IL 7,685 Rockton
1%
CA 8,679 Rodeo
1%
CA 40,971 Rohnert Park
1%
OK 3,169 Roland
1%
CA 8,067 Rolling Hills Estates
1%
MI 23,989 Romulus
1%
MN 2,633 Roseau
1%
CA 6,325 Roseland
1%
NJ 5,819 Roseland
1%
CA 53,764 Rosemead
1%
MN 21,874 Rosemount
1%
TX 30,618 Rosenberg
1%
TX 2,704 Rosita
1%
NY 2,770 Roslyn
1%
IL 18,289 Round Lake
1%
IL 28,175 Round Lake Beach
1%
NC 8,362 Roxboro
1%
FL 34,140 Royal Palm Beach
1%
TX 9,349 Royse City
1%
NC 2,876 Rugby
1%
TX 5,551 Rusk
1%
FL 17,208 Ruskin
1%
TX 20,329 Sachse
1%
ME 18,482 Saco
1%
AZ 9,566 Safford
1%
MI 8,810 Saline
1%
ID 3,112 Salmon
1%
CA 3,763 Salton City
1%
TX 24,250 San Benito
1%
ID 7,365 Sandpoint
1%
OK 18,906 Sand Springs
1%
CA 24,270 Sanger
1%
TX 6,916 Sanger
1%
FL 6,469 Sanibel
1%
AZ 3,551 San Manuel
1%
CA 7,027 San Martin
1%
TX 3,099 San Saba
1%
CA 16,223 Santa Fe Springs
1%
NM 4,258 Santa Teresa
1%
OK 20,544 Sapulpa
1%
AL 13,405 Saraland
1%
WI 3,410 Sauk City
1%
SC 3,424 Saxon
1%
PA 5,587 Sayre
1%
OK 4,375 Sayre
1%
NJ 42,704 Sayreville
1%
TX 31,465 Schertz
1%
IN 6,747 Scottsburg
1%
MD 17,287 Seabrook
1%
TX 11,952 Seabrook
1%
NY 15,294 Seaford
1%
DE 6,928 Seaford
1%
TX 14,835 Seagoville
1%
TX 6,019 Sealy
1%
AR 22,858 Searcy
1%
CA 7,379 Sebastopol
1%
MO 21,387 Sedalia
1%
TX 25,175 Seguin
1%
AZ 2,495 Sells
1%
WA 6,606 Sequim
1%
IN 17,503 Seymour
1%
TN 10,919 Seymour
1%
WI 3,451 Seymour
1%
TX 2,740 Seymour
1%
OH 28,448 Shaker Heights
1%
MN 37,076 Shakopee
1%
PA 3,446 Sharpsburg
1%
AR 29,523 Sherwood
1%
OR 18,194 Sherwood
1%
OH 3,719 Sherwood
1%
WI 2,713 Sherwood
1%
PA 5,492 Shippensburg
1%
NM 8,295 Shiprock
1%
NY 27,854 Shirley
1%
NJ 13,165 Short Hills
1%
AZ 10,660 Show Low
1%
CA 10,917 Sierra Madre
1%
FL 6,565 Siesta Key
1%
CA 11,016 Signal Hill
1%
NC 5,598 Silver Lake
1%
NJ 4,243 Silver Lake
1%
OH 2,519 Silver Lake
1%
WI 2,411 Silver Lake
1%
CO 3,887 Silverthorne
1%
SC 18,238 Simpsonville
1%
KY 2,484 Simpsonville
1%
IA 7,048 Sioux Center
1%
NY 3,661 Sloan
1%
AL 4,926 Smiths Station
1%
WA 10,670 Snoqualmie
1%
CA 12,867 Solana Beach
1%
AK 4,163 Soldotna
1%
CA 25,738 Soledad
1%
OH 23,348 Solon
1%
CA 5,245 Solvang
1%
FL 4,876 South Bay
1%
VA 8,142 South Boston
1%
CA 20,116 South El Monte
1%
NY 3,243 South Hempstead
1%
WA 52,431 South Hill
1%
NY 6,673 South Hill
1%
VA 4,650 South Hill
1%
TX 16,983 South Houston
1%
WI 21,156 South Milwaukee
1%
TX 2,816 South Padre Island
1%
NJ 23,385 South Plainfield
1%
NJ 16,008 South River
1%
AL 8,412 Southside
1%
NE 13,353 South Sioux City
1%
AZ 5,652 South Tucson
1%
AL 6,798 Spanish Fort
1%
IN 11,812 Speedway
1%
PA 3,323 Spring City
1%
NC 11,964 Spring Lake
1%
NJ 2,993 Spring Lake
1%
ME 3,292 Springvale
1%
FL 6,176 St. Augustine Beach
1%
MI 59,715 St. Clair Shores
1%
AK 6,662 Steele Creek
1%
MO 4,410 Ste. Genevieve
1%
LA 6,677 St. Gabriel
1%
OH 2,427 St. Henry
1%
MS 7,730 St. Martin
1%
GA 25,636 Stockbridge
1%
WI 12,611 Stoughton
1%
MO 4,340 St. Robert
1%
LA 8,122 St. Rose
1%
PA 5,567 Stroudsburg
1%
GA 12,743 St. Simons
1%
NC 8,759 St. Stephens
1%
WI 9,144 Sturgeon Bay
1%
MD 10,898 Summerfield
1%
NC 10,232 Summerfield
1%
NV 24,085 Summerlin South
1%
PA 9,905 Sunbury
1%
OH 4,389 Sunbury
1%
AZ 24,535 Sun City West
1%
FL 20,832 Sunny Isles Beach
1%
WA 15,858 Sunnyside
1%
CA 4,235 Sunnyside
1%
WI 29,364 Sun Prairie
1%
FL 5,744 Surfside
1%
GA 15,355 Suwanee
1%
NJ 2,584 Swedesboro
1%
IL 17,519 Sycamore
1%
NC 2,588 Sylva
1%
OH 18,965 Sylvania
1%
GA 2,956 Sylvania
1%
GA 3,170 Tallapoosa
1%
AL 4,819 Tallassee
1%
FL 60,427 Tamarac
1%
FL 23,484 Tarpon Springs
1%
AL 6,397 Tarrant
1%
NY 11,277 Tarrytown
1%
IL 11,246 Taylorville
1%
VA 4,627 Tazewell
1%
SC 3,806 Tea
1%
CA 14,414 Tehachapi
1%
PA 4,872 Telford
1%
CA 35,558 Temple City
1%
FL 24,541 Temple Terrace
1%
CA 7,674 Templeton
1%
TX 15,816 Terrell
1%
OR 13,620 The Dalles
1%
FL 3,994 The Meadows
1%
CA 2,865 Thermal
1%
WY 3,009 Thermopolis
1%
LA 14,566 Thibodaux
1%
GA 9,170 Thomaston
1%
NY 2,617 Thomaston
1%
MI 7,811 Three Rivers
1%
OR 3,014 Three Rivers
1%
CA 8,962 Tiburon
1%
OR 48,035 Tigard
1%
IL 56,703 Tinley Park
1%
IN 5,106 Tipton
1%
MO 3,262 Tipton
1%
IA 3,221 Tipton
1%
CA 2,543 Tipton
1%
RI 7,557 Tiverton
1%
AZ 6,545 Tolleson
1%
WI 9,093 Tomah
1%
TX 10,753 Tomball
1%
NV 2,478 Tonopah
1%
CA 8,289 Topanga
1%
CT 36,383 Torrington
1%
WY 6,501 Torrington
1%
NJ 10,804 Totowa
1%
FL 78,442 Town 'n' Country
1%
FL 6,705 Treasure Island
1%
OR 15,962 Troutdale
1%
CT 36,018 Trumbull
1%
AZ 8,611 Tuba City
1%
WA 19,107 Tukwila
1%
TN 18,655 Tullahoma
1%
WA 17,371 Tumwater
1%
NJ 3,742 Turnersville
1%
NJ 7,443 Twin Rivers
1%
WI 11,712 Two Rivers
1%
GA 2,990 Tybee Island
1%
GA 6,879 Tyrone
1%
PA 5,477 Tyrone
1%
VA 19,627 Tysons Corner
1%
CA 16,075 Ukiah
1%
NY 24,759 Uniondale
1%
TX 18,530 Universal City
1%
OH 13,539 University Heights
1%
WA 31,144 University Place
1%
OH 33,771 Upper Arlington
1%
IA 39,463 Urbandale
1%
NC 6,585 Valley City
1%
PA 2,817 Valley View
1%
OH 15,246 Vandalia
1%
IL 7,042 Vandalia
1%
MO 3,899 Vandalia
1%
TX 2,960 Venus
1%
UT 9,089 Vernal
1%
IL 25,113 Vernon Hills
1%
AL 34,033 Vestavia Hills
1%
GA 10,473 Vidalia
1%
LA 4,299 Vidalia
1%
TX 10,579 Vidor
1%
IL 21,904 Villa Park
1%
CA 5,812 Villa Park
1%
IN 18,423 Vincennes
1%
LA 4,973 Violet
1%
HI 2,575 Volcano
1%
IN 10,666 Wabash
1%
NC 7,766 Wahpeton
1%
HI 9,212 Waimea
1%
HI 38,216 Waipahu
1%
CO 3,068 Walsenburg
1%
OK 2,551 Walters
1%
GA 4,111 Walthourville
1%
WA 2,692 Warden
1%
OR 2,945 Warm Springs
1%
CA 2,676 Warm Springs
1%
MO 18,838 Warrensburg
1%
NY 3,103 Warrensburg
1%
CA 25,545 Wasco
1%
OH 14,192 Washington Court House
1%
IL 4,196 Washington Park
1%
IA 13,790 Waukee
1%
MI 23,925 Waverly
1%
IA 9,874 Waverly
1%
NY 4,444 Waverly
1%
TN 4,105 Waverly
1%
NE 3,277 Waverly
1%
NC 9,859 Waxhaw
1%
GA 14,649 Waycross
1%
PA 4,176 Waynesburg
1%
TX 25,250 Weatherford
1%
OK 10,833 Weatherford
1%
CA 3,600 Weaverville
1%
NC 3,120 Weaverville
1%
WV 2,406 Welch
1%
MA 27,982 Wellesley
1%
AZ 2,882 Wellton
1%
LA 3,226 Welsh
1%
MO 29,070 Wentzville
1%
FL 44,092 Wesley Chapel
1%
NC 7,463 Wesley Chapel
1%
NY 43,213 West Babylon
1%
MA 4,045 Westborough
1%
ME 17,494 Westbrook
1%
NY 18,862 West Hempstead
1%
NY 5,592 West Hills
1%
NY 28,335 West Islip
1%
OR 25,109 West Linn
1%
LA 13,065 West Monroe
1%
MI 3,503 West Monroe
1%
TX 22,707 West Odessa
1%
FL 14,156 West Park
1%
NY 4,963 Westvale
1%
IN 5,853 Westville
1%
NJ 4,288 Westville
1%
IL 3,202 Westville
1%
NV 4,410 West Wendover
1%
PA 4,617 West York
1%
MA 53,743 Weymouth Town
1%
WY 3,627 Wheatland
1%
CA 3,456 Wheatland
1%
OR 7,975 White City
1%
UT 5,407 White City
1%
FL 3,719 White City
1%
OH 18,062 Whitehall
1%
PA 13,944 Whitehall
1%
AR 5,526 White Hall
1%
MI 2,706 Whitehall
1%
NY 2,614 Whitehall
1%
IL 2,520 White Hall
1%
MD 9,513 White Marsh
1%
OH 19,167 White Oak
1%
MD 17,403 White Oak
1%
PA 7,862 White Oak
1%
TX 6,469 White Oak
1%
AZ 4,104 Whiteriver
1%
NM 5,725 White Rock
1%
WI 14,390 Whitewater
1%
IN 4,997 Whiting
1%
NV 38,585 Whitney
1%
AZ 6,363 Wickenburg
1%
MA 3,915 Wilbraham
1%
KY 3,035 Wilder
1%
NC 3,413 Wilkesboro
1%
OH 6,236 Willard
1%
MO 5,288 Willard
1%
CA 4,888 Willits
1%
MN 19,610 Willmar
1%
CA 35,983 Willowbrook
1%
IL 8,540 Willowbrook
1%
CA 6,166 Willows
1%
IL 5,524 Willow Springs
1%
AZ 2,712 Window Rock
1%
KS 12,301 Winfield
1%
IL 9,080 Winfield
1%
AL 4,717 Winfield
1%
IN 4,383 Winfield
1%
LA 4,840 Winnfield
1%
TX 3,254 Winnie
1%
LA 4,910 Winnsboro
1%
SC 3,550 Winnsboro
1%
TX 3,434 Winnsboro
1%
FL 33,282 Winter Springs
1%
ME 2,650 Winthrop
1%
CA 10,613 Winton
1%
MT 2,621 Wolf Point
1%
NJ 11,819 Woodland Park
1%
CO 7,200 Woodland Park
1%
MD 37,879 Woodlawn
1%
VA 20,804 Woodlawn
1%
MD 6,334 Woodlawn
1%
OH 3,294 Woodlawn
1%
IL 32,971 Woodridge
1%
NJ 7,626 Wood-Ridge
1%
SC 4,090 Woodruff
1%
CA 5,287 Woodside
1%
PA 2,425 Woodside
1%
NJ 3,505 Woodstown
1%
OK 12,051 Woodward
1%
WY 5,487 Worland
1%
MI 25,883 Wyandotte
1%
VA 8,211 Wytheville
1%
PA 2,434 Yardley
1%
MS 11,403 Yazoo City
1%
OH 3,487 Yellow Springs
1%
CA 2,933 Yountville
1%
CA 51,367 Yucaipa
1%
TX 5,089 Zapata
1%
MN 5,228 Zimmerman
1%
TX 2,805 Abernathy
0%
NJ 8,411 Absecon
0%
MD 10,573 Accokeek
0%
CO 3,007 Acres Green
0%
MA 3,073 Acushnet Center
0%
GA 20,425 Acworth
0%
GA 4,648 Adairsville
0%
CA 31,765 Adelanto
0%
MO 20,307 Affton
0%
MN 2,886 Afton
0%
MA 28,438 Agawam Town
0%
CA 3,342 Agua Dulce
0%
TX 3,014 Agua Dulce
0%
NM 2,800 Agua Fria
0%
NC 5,039 Ahoskie
0%
WA 3,601 Ahtanum
0%
HI 8,810 Ahuimanu
0%
HI 9,338 Aiea
0%
HI 2,965 Ainaloa
0%
CO 6,680 Air Force Academy
0%
NY 8,628 Airmont
0%
WA 6,114 Airway Heights
0%
FL 78,113 Alafaya
0%
IA 3,766 Albia
0%
TN 8,449 Alcoa
0%
PA 4,152 Aldan
0%
WA 2,893 Alderton
0%
WA 8,442 Alderwood Manor
0%
IL 3,640 Aledo
0%
TX 2,716 Aledo
0%
IA 5,560 Algona
0%
WA 3,014 Algona
0%
MI 4,110 Algonac
0%
TN 3,495 Algood
0%
PA 9,438 Aliquippa
0%
MI 28,210 Allen Park
0%
PA 21,552 Allison Park
0%
WI 13,975 Allouez
0%
MI 2,674 Almont
0%
CA 8,592 Alondra Park
0%
IL 19,277 Alsip
0%
CA 6,911 Alta Sierra
0%
FL 4,185 Alturas
0%
CA 2,827 Alturas
0%
OK 19,813 Altus
0%
CA 15,536 Alum Rock
0%
TX 3,785 Alvarado
0%
OH 3,585 Amberley
0%
PA 6,417 Ambler
0%
IL 2,500 Amboy
0%
PA 7,050 Ambridge
0%
GA 17,041 Americus
0%
WI 2,902 Amery
0%
MA 16,283 Amesbury Town
0%
CA 3,478 Amesti
0%
MA 19,065 Amherst Center
0%
LA 4,141 Amite City
0%
PA 3,402 Amity Gardens
0%
ID 13,816 Ammon
0%
MS 7,316 Amory
0%
OK 6,762 Anadarko
0%
IA 5,533 Anamosa
0%
PA 6,661 Ancient Oaks
0%
MD 2,973 Andrews AFB
0%
NC 4,350 Angier
0%
CA 3,051 Angwin
0%
VA 41,008 Annandale
0%
MN 3,228 Annandale
0%
MD 10,950 Annapolis Neck
0%
PA 4,767 Annville
0%
TX 2,430 Anson
0%
CT 19,249 Ansonia
0%
OK 2,453 Antlers
0%
CA 3,014 Anza
0%
TN 2,469 Apison
0%
FL 14,055 Apollo Beach
0%
CO 7,160 Applewood
0%
CA 6,220 Aptos
0%
NY 2,438 Aquebogue
0%
VA 6,727 Aquia Harbour
0%
CA 3,028 Arbuckle
0%
MD 20,483 Arbutus
0%
PA 6,984 Archbald
0%
OH 4,346 Archbold
0%
NC 11,415 Archdale
0%
NC 4,292 Archer Lodge
0%
IL 2,916 Arcola
0%
MN 9,552 Arden Hills
0%
NY 4,452 Ardsley
0%
MI 2,525 Argentine
0%
SC 2,543 Arial
0%
CA 4,156 Armona
0%
NY 4,330 Armonk
0%
CA 2,650 Aromas
0%
CA 17,252 Arroyo Grande
0%
WA 12,653 Artondale
0%
FL 8,700 Asbury Lake
0%
TN 4,541 Ashland City
0%
MD 5,628 Ashton-Sandy Spring
0%
WI 16,963 Ashwaubenon
0%
MD 48,759 Aspen Hill
0%
PA 2,801 Aspinwall
0%
TX 65,844 Atascocita
0%
NJ 4,385 Atlantic Highlands
0%
CA 3,426 Auburn Lake Trails
0%
OR 3,584 Aumsville
0%
GA 6,581 Austell
0%
OH 29,677 Austintown
0%
CA 15,505 Avenal
0%
NJ 17,011 Avenel
0%
AZ 4,176 Avenue B and C
0%
PA 2,661 Avoca
0%
CA 15,411 Avocado Heights
0%
GA 2,960 Avondale Estates
0%
AZ 6,050 Avra Valley
0%
NC 4,932 Ayden
0%
FL 12,556 Azalea Park
0%
TX 8,619 Bacliff
0%
MI 3,129 Bad Axe
0%
VA 23,643 Bailey's Crossroads
0%
TX 23,728 Balch Springs
0%
TX 2,941 Balcones Heights
0%
AR 2,897 Bald Knob
0%
KS 4,515 Baldwin City
0%
NY 8,102 Baldwin Harbor
0%
NY 7,378 Baldwinsville
0%
MS 3,297 Baldwyn
0%
FL 2,513 Bal Harbour
0%
MD 18,274 Ballenger Creek
0%
TX 3,767 Ballinger
0%
NY 5,409 Ballston Spa
0%
OH 2,976 Ballville
0%
MO 30,404 Ballwin
0%
NY 3,178 Balmville
0%
MD 7,019 Baltimore Highlands
0%
WA 6,054 Bangor Base
0%
OH 26,550 Barberton
0%
WA 5,661 Barberton
0%
WV 3,964 Barboursville
0%
KY 3,165 Barbourville
0%
NJ 4,428 Barclay
0%
FL 9,732 Bardmoor
0%
NY 4,108 Bardonia
0%
KY 11,700 Bardstown
0%
IN 4,013 Bargersville
0%
AR 4,649 Barling
0%
NJ 2,817 Barnegat
0%
GA 6,755 Barnesville
0%
OH 4,193 Barnesville
0%
MN 2,563 Barnesville
0%
MO 5,682 Barnhart
0%
NY 2,414 Barnum Island
0%
SC 4,750 Barnwell
0%
IL 4,209 Barrington Hills
0%
RI 16,310 Barrington Town
0%
TX 3,077 Barton Creek
0%
IL 6,471 Bartonville
0%
CO 3,857 Basalt
0%
KS 4,613 Basehor
0%
SC 5,362 Batesburg-Leesville
0%
MO 5,590 Battlefield
0%
CO 4,471 Battlement Mesa
0%
LA 3,588 Bawcomville
0%
GA 4,400 Baxley
0%
KS 4,238 Baxter Springs
0%
FL 5,628 Bay Harbor Islands
0%
FL 4,884 Bay Hill
0%
FL 23,467 Bayonet Point
0%
LA 12,352 Bayou Blue
0%
LA 19,355 Bayou Cane
0%
LA 4,652 Bayou Vista
0%
FL 2,931 Bay Pines
0%
CA 21,349 Bay Point
0%
NY 8,896 Bayport
0%
MN 3,471 Bayport
0%
NY 26,337 Bay Shore
0%
NC 3,393 Bayshore
0%
FL 16,323 Bayshore Gardens
0%
OH 15,651 Bay Village
0%
NY 7,350 Baywood
0%
NJ 3,896 Beach Haven West
0%
IL 13,638 Beach Park
0%
FL 7,224 Beacon Square
0%
VA 4,435 Bealeton
0%
TN 2,826 Bean Station
0%
IL 6,123 Beardstown
0%
CA 5,172 Bear Valley Springs
0%
NJ 4,554 Beattystown
0%
NJ 4,847 Beckett
0%
OH 9,187 Beckett Ridge
0%
OH 10,751 Bedford Heights
0%
NY 3,001 Bedford Hills
0%
AR 7,315 Beebe
0%
IN 14,192 Beech Grove
0%
OH 3,020 Beechwood Trails
0%
FL 9,598 Bee Ridge
0%
KS 6,769 Bel Aire
0%
MD 30,568 Bel Air North
0%
MI 5,757 Belding
0%
WA 3,931 Belfair
0%
FL 13,343 Bellair-Meadowbrook Terrace
0%
OH 6,943 Bellbrook
0%
FL 3,869 Belleair
0%
LA 12,679 Belle Chasse
0%
OH 13,370 Bellefontaine
0%
MO 10,860 Bellefontaine Neighbors
0%
PA 6,187 Bellefonte
0%
SC 5,594 Belle Fourche
0%
VA 6,518 Belle Haven
0%
FL 5,988 Belle Isle
0%
TN 2,912 Belle Meade
0%
MN 6,661 Belle Plaine
0%
IA 2,534 Belle Plaine
0%
NJ 11,583 Bellmawr
0%
TX 9,901 Bellmead
0%
NY 16,218 Bellmore
0%
VT 3,148 Bellows Falls
0%
IL 19,071 Bellwood
0%
VA 6,352 Bellwood
0%
OH 6,441 Belpre
0%
MO 2,737 Bel-Ridge
0%
MD 16,772 Beltsville
0%
SC 5,792 Belvedere
0%
GA 15,152 Belvedere Park
0%
IL 25,585 Belvidere
0%
NJ 2,681 Belvidere
0%
CA 6,234 Ben Lomond
0%
SC 9,069 Bennettsville
0%
IL 18,352 Bensenville
0%
VA 5,819 Bensley
0%
MD 11,923 Bensville
0%
PA 2,581 Bentleyville
0%
WA 3,038 Benton City
0%
MI 4,084 Benton Heights
0%
OH 19,093 Berea
0%
SC 14,295 Berea
0%
KY 13,561 Berea
0%
NJ 13,183 Berkeley Heights Township
0%
CA 7,282 Bermuda Dunes
0%
IN 3,999 Berne
0%
AR 5,356 Berryville
0%
VA 4,185 Berryville
0%
CO 5,105 Berthoud
0%
CA 2,436 Bertsch-Oceanview
0%
MD 3,123 Berwyn Heights
0%
NC 5,340 Bessemer City
0%
IL 9,521 Bethalto
0%
OK 2,895 Bethel Acres
0%
VA 3,792 Bethel Manor
0%
NC 3,121 Beulah
0%
OH 13,057 Bexley
0%
IN 2,915 Bicknell
0%
CA 12,304 Big Bear City
0%
FL 2,458 Big Coppitt Key
0%
NY 5,277 Big Flats
0%
MT 4,270 Bigfork
0%
FL 4,252 Big Pine Key
0%
VA 5,614 Big Stone Gap
0%
NY 6,177 Binghamton University
0%
PA 5,163 Birdsboro
0%
FL 3,055 Biscayne Park
0%
SC 3,471 Bishopville
0%
FL 8,268 Bithlo
0%
AZ 2,837 Black Canyon City
0%
OH 8,682 Blacklick Estates
0%
NC 7,848 Black Mountain
0%
WI 3,622 Black River Falls
0%
GA 3,445 Blackshear
0%
OK 7,092 Blackwell
0%
MD 9,148 Bladensburg
0%
PA 6,564 Blakely
0%
GA 5,068 Blakely
0%
OK 7,670 Blanchard
0%
LA 2,899 Blanchard
0%
OH 4,243 Blanchester
0%
PA 7,152 Blandon
0%
NY 2,553 Blasdell
0%
NY 5,689 Blauvelt
0%
WV 3,089 Blennerhassett
0%
MA 5,280 Bliss Corner
0%
MI 3,340 Blissfield
0%
MI 41,070 Bloomfield Township
0%
FL 2,514 Blountstown
0%
TN 3,074 Blountville
0%
OH 12,114 Blue Ash
0%
CT 2,901 Blue Hills
0%
IL 23,706 Blue Island
0%
TX 2,394 Blue Mound
0%
NY 4,773 Blue Point
0%
UT 7,598 Bluffdale
0%
PA 3,722 Boalsburg
0%
OH 35,376 Boardman
0%
OR 3,220 Boardman
0%
LA 12,232 Bogalusa
0%
NY 10,180 Bohemia
0%
WI 2,444 Bohners Lake
0%
NC 5,372 Boiling Spring Lakes
0%
SC 8,219 Boiling Springs
0%
NC 4,647 Boiling Springs
0%
PA 3,225 Boiling Springs
0%
TX 2,417 Bolivar Peninsula
0%
CA 8,569 Bonadelle Ranchos-Madera Ranchos
0%
GA 3,135 Bonanza
0%
IA 3,860 Bondurant
0%
FL 2,793 Bonifay
0%
ID 2,543 Bonners Ferry
0%
KS 7,314 Bonner Springs
0%
MO 6,864 Bonne Terre
0%
WA 17,374 Bonney Lake
0%
CA 2,678 Bonny Doon
0%
CA 3,982 Bonsall
0%
MD 3,336 Boonsboro
0%
PA 4,933 Boothwyn
0%
NJ 3,924 Bordentown
0%
CA 3,429 Borrego Springs
0%
WI 3,231 Boscobel
0%
NM 3,904 Bosque Farms
0%
CA 15,379 Bostonia
0%
WA 8,018 Bothell East
0%
WA 16,607 Bothell West
0%
CA 4,923 Boulder Creek
0%
IL 8,108 Boulder Hill
0%
WA 5,287 Boulevard Park
0%
NJ 10,402 Bound Brook
0%
IL 18,631 Bourbonnais
0%
LA 2,579 Bourg
0%
LA 3,075 Boutte
0%
MD 6,755 Bowleys Quarters
0%
SC 7,800 Box Elder
0%
PA 4,055 Boyertown
0%
CA 6,656 Boyes Hot Springs
0%
MI 3,735 Boyne City
0%
PA 3,260 Brackenridge
0%
MD 2,608 Braddock Heights
0%
NJ 14,206 Bradley Gardens
0%
IL 6,191 Braidwood
0%
VA 9,845 Brambleton
0%
VA 13,173 Brandermill
0%
MD 6,719 Brandywine
0%
CT 5,819 Branford Center
0%
GA 7,511 Braselton
0%
TX 3,019 Brazoria
0%
MO 4,746 Breckenridge Hills
0%
OH 13,656 Brecksville
0%
IL 4,442 Breese
0%
PA 4,138 Breinigsville
0%
CA 5,152 Bret Harte
0%
NY 4,029 Brewerton
0%
TX 5,665 Briar
0%
NY 7,867 Briarcliff Manor
0%
NC 3,073 Brices Creek
0%
TX 7,840 Bridge City
0%
LA 7,706 Bridge City
0%
IL 16,446 Bridgeview
0%
NJ 4,774 Brielle
0%
WA 6,087 Brier
0%
NJ 9,450 Brigantine
0%
NY 3,103 Brightwaters
0%
WI 3,148 Brillion
0%
NY 2,900 Brinckerhoff
0%
AR 3,188 Brinkley
0%
RI 22,954 Bristol Town
0%
OK 4,222 Bristow
0%
PA 3,695 Brittany Farms-The Highlands
0%
CT 4,069 Broad Brook
0%
VA 12,313 Broadlands
0%
CA 4,176 Broadmoor
0%
IL 7,932 Broadview
0%
OH 19,400 Broadview Heights
0%
FL 7,125 Broadview Park
0%
MD 9,552 Brock Hall
0%
NY 8,366 Brockport
0%
WI 3,293 Brodhead
0%
NC 2,633 Brogden
0%
AL 6,746 Brook Highland
0%
MD 3,468 Brookmont
0%
FL 4,420 Brookridge
0%
TX 4,702 Brookshire
0%
CA 3,235 Brooktrails
0%
PA 10,789 Broomall
0%
LA 8,197 Broussard
0%
WI 11,999 Brown Deer
0%
LA 5,401 Brownfields
0%
NJ 11,223 Browns Mills
0%
WA 2,652 Brush Prairie
0%
TX 21,764 Brushy Creek
0%
LA 2,589 Brusly
0%
MD 7,244 Bryans Road
0%
WA 15,645 Bryn Mawr-Skyway
0%
OH 2,746 Buckeye Lake
0%
VA 16,293 Buckhall
0%
CA 2,429 Buckhorn
0%
KY 5,837 Buckner
0%
MO 3,076 Buckner
0%
ME 2,885 Bucksport
0%
OH 12,362 Bucyrus
0%
NJ 8,968 Budd Lake
0%
FL 26,079 Buenaventura Lakes
0%
ID 4,122 Buhl
0%
NC 2,942 Buies Creek
0%
TX 2,463 Bullard
0%
OR 9,133 Bull Mountain
0%
TX 4,630 Bulverde
0%
TX 3,633 Bunker Hill Village
0%
WA 3,570 Bunk Foss
0%
LA 4,171 Bunkie
0%
FL 2,676 Bunnell
0%
NC 3,872 Burgaw
0%
TX 10,811 Burkburnett
0%
VA 17,326 Burke Centre
0%
SC 2,673 Burnettown
0%
CA 3,154 Burney
0%
IL 4,206 Burnham
0%
IL 10,559 Burr Ridge
0%
MD 8,323 Burtonsville
0%
IL 3,117 Bushnell
0%
FL 2,418 Bushnell
0%
FL 4,951 Butler Beach
0%
NC 7,591 Butner
0%
MT 33,525 Butte-Silver Bow
0%
MA 3,859 Buzzards Bay
0%
OH 2,438 Byesville
0%
MS 11,489 Byram
0%
CT 4,146 Byram
0%
MO 2,781 Byrnes Mill
0%
MI 5,822 Byron Center
0%
CA 4,008 Bystrom
0%
FL 2,391 Cabana Colony
0%
CA 2,535 Cabazon
0%
AR 23,776 Cabot
0%
IL 15,241 Cahokia
0%
NC 2,823 Cajah's Mountain
0%
NY 3,491 Calcium
0%
OH 3,742 Calcutta
0%
CA 7,879 Calimesa
0%
CA 7,705 Calipatria
0%
CA 5,155 Calistoga
0%
FL 14,405 Callaway
0%
IL 7,835 Calumet Park
0%
KY 2,566 Calvert City
0%
IA 4,448 Camanche
0%
CA 3,282 Cambrian Park
0%
PA 2,595 Cambridge Springs
0%
MO 3,718 Camdenton
0%
CA 18,228 Cameron Park
0%
TX 6,963 Cameron Park
0%
GA 5,360 Camilla
0%
WI 3,665 Camp Lake
0%
CA 2,684 Campo
0%
CA 5,200 Camp Pendleton North
0%
CA 10,616 Camp Pendleton South
0%
MD 19,096 Camp Springs
0%
TX 6,383 Camp Swift
0%
IL 11,131 Campton Hills
0%
AZ 10,873 Camp Verde
0%
MI 2,756 Canadian Lakes
0%
OH 5,479 Canal Fulton
0%
OH 7,101 Canal Winchester
0%
NY 4,804 Canastota
0%
OR 15,829 Canby
0%
GA 23,025 Candler-McAfee
0%
OH 7,515 Canfield
0%
MN 4,083 Cannon Falls
0%
PA 8,992 Canonsburg
0%
WA 3,079 Canterwood
0%
MI 90,173 Canton Township
0%
TX 6,321 Canutillo
0%
WA 3,200 Canyon Creek
0%
TX 21,262 Canyon Lake
0%
CA 10,561 Canyon Lake
0%
NJ 5,338 Cape May Court House
0%
ME 2,568 Cape Neddick
0%
MD 8,747 Cape St. Claire
0%
CA 9,918 Capitola
0%
MD 4,337 Capitol Heights
0%
AZ 3,363 Carefree
0%
LA 7,526 Carencro
0%
NY 4,981 Carle Place
0%
IL 5,917 Carlinville
0%
MO 7,445 Carl Junction
0%
NJ 6,127 Carlstadt
0%
IL 3,281 Carlyle
0%
LA 4,670 Carlyss
0%
NY 6,817 Carmel Hamlet
0%
CA 4,407 Carmel Valley Village
0%
IL 5,240 Carmi
0%
CA 61,762 Carmichael
0%
NJ 7,382 Carneys Point
0%
PA 11,372 Carnot-Moon
0%
NC 3,048 Carolina Shores
0%
IL 39,711 Carol Stream
0%
FL 2,778 Carrabelle
0%
NC 19,582 Carrboro
0%
PA 3,876 Carroll Valley
0%
FL 33,365 Carrollwood
0%
IA 3,785 Carter Lake
0%
CA 2,497 Caruthers
0%
MO 6,168 Caruthersville
0%
CA 3,249 Casa Conejo
0%
CA 18,762 Casa de Oro-Mount Helix
0%
VA 11,912 Cascades
0%
IL 4,245 Caseyville
0%
WA 3,063 Cashmere
0%
MI 2,428 Cass City
0%
FL 26,241 Casselberry
0%
MO 3,266 Cassville
0%
CA 19,015 Castaic
0%
TX 4,116 Castle Hills
0%
CO 3,614 Castle Pines
0%
CO 10,360 Castle Pines North
0%
MO 3,962 Castle Point
0%
PA 8,316 Castle Shannon
0%
CA 61,388 Castro Valley
0%
CA 6,481 Castroville
0%
TX 2,680 Castroville
0%
PA 6,436 Catasauqua
0%
WA 2,458 Cathcart
0%
OK 7,151 Catoosa
0%
NY 4,081 Catskill
0%
WA 4,660 Cavalero
0%
VA 24,922 Cave Spring
0%
SC 12,528 Cayce
0%
CA 2,592 Cayucos
0%
NY 3,729 Cayuga Heights
0%
NY 2,835 Cazenovia
0%
PA 2,476 Cecil-Bishop
0%
FL 3,397 Cedar Grove
0%
NJ 12,411 Cedar Grove Township
0%
NY 6,592 Cedarhurst
0%
IN 11,560 Cedar Lake
0%
OR 14,546 Cedar Mill
0%
NY 31,578 Centereach
0%
MI 8,257 Center Line
0%
NY 7,580 Center Moriches
0%
NY 5,508 Centerport
0%
RI 19,376 Central Falls
0%
TX 4,347 Central Gardens
0%
AZ 2,534 Central Heights-Midland City
0%
WA 2,685 Central Park
0%
OR 17,169 Central Point
0%
LA 5,177 Chackbay
0%
NE 5,851 Chadron
0%
MO 2,955 Chaffee
0%
OH 4,113 Chagrin Falls
0%
WA 3,741 Chain Lake
0%
NE 10,994 Chalco
0%
PA 4,009 Chalfont
0%
VA 5,456 Chamberlayne
0%
GA 9,892 Chamblee
0%
OH 6,498 Champion Heights
0%
MN 23,089 Champlin
0%
IL 12,560 Channahon
0%
CA 3,103 Channel Islands Beach
0%
TX 38,289 Channelview
0%
KS 9,119 Chanute
0%
OH 5,148 Chardon
0%
IA 4,321 Chariton
0%
PA 4,120 Charleroi
0%
IA 7,652 Charles City
0%
MI 2,513 Charlevoix
0%
FL 3,714 Charlotte Harbor
0%
CA 9,310 Charter Oak
0%
MN 2,779 Chatfield
0%
GA 4,299 Chatsworth
0%
GA 3,846 Chattanooga Valley
0%
LA 2,912 Chauvin
0%
WV 7,988 Cheat Lake
0%
OK 3,335 Checotah
0%
NY 2,883 Chenango Bridge
0%
AK 5,791 Chena Ridge
0%
SC 5,851 Cheraw
0%
AR 4,671 Cherokee Village
0%
CO 11,120 Cherry Creek
0%
OH 4,378 Cherry Grove
0%
NJ 14,171 Cherry Hill Mall
0%
CO 5,987 Cherry Hills Village
0%
CA 14,728 Cherryland
0%
SC 2,496 Cherryvale
0%
CA 6,362 Cherry Valley
0%
IL 3,162 Cherry Valley
0%
NC 5,760 Cherryville
0%
MI 2,394 Chesaning
0%
MD 10,519 Chesapeake Ranch Estates
0%
CT 5,786 Cheshire Village
0%
PA 4,589 Chesterbrook
0%
PA 2,531 Chester Heights
0%
OH 2,521 Chesterland
0%
PA 3,940 Chester Township
0%
NY 7,916 Chestnut Ridge
0%
FL 10,702 Cheval
0%
MD 6,173 Cheverly
0%
OH 8,375 Cheviot
0%
WA 2,607 Chewelah
0%
GA 3,101 Chickamauga
0%
MD 33,513 Chillum
0%
WI 3,933 Chilton
0%
NM 3,177 Chimayo
0%
VA 2,941 Chincoteague
0%
AZ 4,518 Chinle
0%
AZ 10,817 Chino Valley
0%
MN 4,967 Chisago City
0%
MN 4,976 Chisholm
0%
NY 5,081 Chittenango
0%
AL 2,804 Choccolocco
0%
ID 13,922 Chubbuck
0%
FL 2,483 Chuluota
0%
TN 6,737 Church Hill
0%
LA 4,560 Church Point
0%
TX 3,424 Cienegas Terrace
0%
CO 16,161 Cimarron Hills
0%
TX 18,274 Cinco Ranch
0%
TX 2,393 Circle D-KC Estates
0%
MN 4,918 Circle Pines
0%
TX 3,899 Cisco
0%
FL 7,470 Citrus Hills
0%
FL 8,622 Citrus Springs
0%
NJ 30,134 City of Orange Township
0%
LA 11,507 Claiborne
0%
PA 6,796 Clairton
0%
FL 2,990 Clarcona
0%
OK 18,581 Claremore
0%
IL 8,427 Clarendon Hills
0%
IA 5,572 Clarinda
0%
MO 2,632 Clarkson Valley
0%
PA 5,116 Clarks Summit
0%
WA 6,326 Clarkston Heights-Vineland
0%
NJ 14,756 Clark Township
0%
GA 2,746 Claxton
0%
KS 4,334 Clay Center
0%
DE 8,253 Claymont
0%
NJ 2,667 Clearbrook Park
0%
CA 3,090 Clearlake Riviera
0%
NJ 5,000 Clementon
0%
NC 18,627 Clemmons
0%
OH 3,234 Cleves
0%
FL 7,155 Clewiston
0%
NJ 23,594 Cliffside Park
0%
NJ 3,194 Cliffwood Beach
0%
PA 6,652 Clifton Heights
0%
MI 96,796 Clinton Township
0%
MI 2,646 Clio
0%
IA 15,447 Clive
0%
MN 12,124 Cloquet
0%
NJ 8,373 Closter
0%
WA 6,522 Clover Creek
0%
CA 8,618 Cloverdale
0%
VA 3,119 Cloverdale
0%
TX 22,942 Cloverleaf
0%
MD 15,126 Cloverly
0%
WA 2,984 Clyde Hill
0%
IL 5,587 Coal City
0%
CO 2,400 Coal Creek
0%
TN 2,463 Coalfield
0%
IL 3,743 Coal Valley
0%
PA 13,100 Coatesville
0%
NY 4,678 Cobleskill
0%
MA 6,569 Cochituate
0%
GA 5,150 Cochran
0%
MD 20,776 Cockeysville
0%
TX 4,193 Cockrell Hill
0%
FL 5,925 Cocoa West
0%
MN 2,698 Cohasset
0%
NY 16,168 Cohoes
0%
MN 2,694 Cokato
0%
MI 10,945 Coldwater
0%
OH 4,427 Coldwater
0%
TN 8,282 Collegedale
0%
PA 8,786 Collingdale
0%
IL 5,099 Colona
0%
VA 3,542 Colonial Beach
0%
PA 13,229 Colonial Park
0%
SC 2,493 Colonial Pine Hills
0%
IN 8,750 Columbia City
0%
MN 19,496 Columbia Heights
0%
CA 5,971 Colusa
0%
PA 2,546 Colwyn
0%
FL 5,577 Combee Settlement
0%
TX 2,895 Combes
0%
WI 3,328 Combined Locks
0%
NY 36,124 Commack
0%
MI 5,455 Comstock Northwest
0%
MI 10,088 Comstock Park
0%
NY 2,584 Conesus Lake
0%
NY 8,363 Congers
0%
GA 6,228 Conley
0%
PA 2,395 Conneaut Lakeshore
0%
WA 4,209 Connell
0%
PA 7,637 Connellsville
0%
IN 13,481 Connersville
0%
CT 8,834 Conning Towers Nautilus Park
0%
NC 8,165 Conover
0%
PA 7,833 Conshohocken
0%
CA 5,364 Contra Costa Centre
0%
GA 15,195 Conyers
0%
FL 28,547 Cooper City
0%
PA 2,386 Coopersburg
0%
NY 22,993 Copiague
0%
PA 3,192 Coplay
0%
CA 3,671 Copperopolis
0%
OR 3,866 Coquille
0%
MD 9,895 Coral Hills
0%
FL 24,376 Coral Terrace
0%
NY 39,113 Coram
0%
PA 5,677 Coraopolis
0%
CA 24,813 Corcoran
0%
MN 5,379 Corcoran
0%
MA 2,650 Cordaville
0%
GA 11,147 Cordele
0%
AZ 2,633 Cordes Lakes
0%
GA 4,160 Cornelia
0%
AZ 3,280 Cornville
0%
NY 3,018 Cornwall-on-Hudson
0%
AZ 5,675 Corona de Tucson
0%
NM 8,329 Corrales
0%
PA 6,605 Corry
0%
CA 9,253 Corte Madera
0%
MI 3,497 Corunna
0%
IN 3,122 Corydon
0%
CT 6,770 Cos Cob
0%
OH 11,216 Coshocton
0%
CA 7,265 Cotati
0%
CA 14,866 Coto de Caza
0%
WA 22,494 Cottage Lake
0%
MO 3,075 Cottleville
0%
UT 33,433 Cottonwood Heights
0%
TX 3,603 Cotulla
0%
PA 2,546 Coudersport
0%
FL 47,105 Country Club
0%
CA 9,379 Country Club
0%
MO 2,449 Country Club
0%
GA 8,545 Country Club Estates
0%
IL 16,541 Country Club Hills
0%
WA 5,841 Country Homes
0%
NJ 3,943 Country Lake Estates
0%
VA 10,072 Countryside
0%
IL 5,895 Countryside
0%
IN 3,571 Country Squire Lakes
0%
FL 15,997 Country Walk
0%
VA 3,270 County Center
0%
OH 6,447 Covedale
0%
CT 2,990 Coventry Lake
0%
OK 9,943 Coweta
0%
NY 2,813 Coxsackie
0%
NE 3,977 Cozad
0%
WV 2,678 Crab Orchard
0%
PA 5,951 Crafton
0%
NC 4,165 Cramerton
0%
TX 2,858 Crandall
0%
TX 3,353 Crane
0%
NJ 22,625 Cranford Township
0%
NC 4,124 Creedmoor
0%
MD 4,592 Cresaptown
0%
KY 3,801 Crescent Springs
0%
IA 3,868 Cresco
0%
NJ 8,573 Cresskill
0%
IL 20,837 Crest Hill
0%
CA 10,770 Crestline
0%
OH 4,630 Crestline
0%
IA 7,834 Creston
0%
KY 3,148 Crestview Hills
0%
NJ 7,907 Crestwood Village
0%
OR 5,031 Creswell
0%
MO 17,833 Creve Coeur
0%
IL 5,451 Creve Coeur
0%
MD 2,726 Crisfield
0%
KY 3,815 Crittenden
0%
MD 27,348 Crofton
0%
MN 7,891 Crookston
0%
OH 2,534 Crooksville
0%
MD 2,631 Croom
0%
AR 5,507 Crossett
0%
WV 9,995 Cross Lanes
0%
TX 3,124 Cross Mountain
0%
WI 3,538 Cross Plains
0%
VA 5,802 Crosspointe
0%
MI 2,447 Croswell
0%
NY 8,070 Croton-on-Hudson
0%
NY 2,840 Crown Heights
0%
IN 27,317 Crown Point
0%
PA 9,950 Croydon
0%
VA 5,565 Crozet
0%
MS 5,044 Crystal Springs
0%
WV 3,061 Culloden
0%
NC 6,228 Cullowhee
0%
ME 2,499 Cumberland Center
0%
RI 7,934 Cumberland Hill
0%
PA 2,542 Curwensville
0%
OK 7,826 Cushing
0%
GA 11,267 Cusseta
0%
MT 2,869 Cut Bank
0%
NY 3,349 Cutchogue
0%
GA 3,873 Cuthbert
0%
MI 14,370 Cutlerville
0%
LA 5,976 Cut Off
0%
CA 3,108 Cutten
0%
KY 6,402 Cynthiana
0%
FL 8,917 Cypress Gardens
0%
FL 11,846 Cypress Lake
0%
CO 4,152 Dacono
0%
GA 4,442 Dacula
0%
FL 3,113 Dade City North
0%
VA 2,653 Dahlgren
0%
GA 5,242 Dahlonega
0%
TX 2,560 Daingerfield
0%
SC 2,540 Dakota Dunes
0%
CO 32,005 Dakota Ridge
0%
VA 65,969 Dale City
0%
PA 4,049 Dallastown
0%
SC 3,059 Dalzell
0%
TN 2,812 Dandridge
0%
NY 3,936 Dannemora
0%
NY 4,719 Dansville
0%
PA 9,264 Darby Township
0%
AR 4,745 Dardanelle
0%
MO 11,494 Dardenne Prairie
0%
MD 6,802 Darnestown
0%
NE 2,906 David City
0%
KY 2,764 Dawson Springs
0%
OH 2,620 Day Heights
0%
CA 3,409 Day Valley
0%
FL 19,320 DeBary
0%
IA 8,127 Decorah
0%
TX 2,683 DeCordova
0%
MN 3,642 Deephaven
0%
CT 2,484 Deep River Center
0%
WI 8,936 DeForest
0%
FL 5,177 DeFuniak Springs
0%
WI 7,085 Delafield
0%
CA 10,001 Del Aire
0%
WI 8,463 Delavan
0%
WI 2,649 Delavan Lake
0%
FL 2,614 De Leon Springs
0%
OH 5,259 Delhi Hills
0%
SC 3,633 Dell Rapids
0%
MO 5,025 Dellwood
0%
CA 4,514 Del Monte Forest
0%
OH 7,101 Delphos
0%
OH 3,180 Delshire
0%
NJ 4,881 Demarest
0%
IN 3,814 De Motte
0%
CA 4,404 Denair
0%
LA 10,215 Denham Springs
0%
MA 3,162 Dennis Port
0%
SC 14,062 Dentsville
0%
NY 15,303 Depew
0%
AR 6,594 De Queen
0%
LA 3,235 DeQuincy
0%
LA 10,578 DeRidder
0%
LA 2,505 Des Allemands
0%
OR 5,077 Deschutes River Woods
0%
CA 3,822 Desert Edge
0%
CA 6,957 Desert Palms
0%
MO 5,054 Desloge
0%
FL 3,646 Desoto Lakes
0%
MO 8,373 Des Peres
0%
LA 11,535 Destrehan
0%
MN 8,569 Detroit Lakes
0%
NC 7,141 Devils Lake
0%
TX 4,350 Devine
0%
OH 2,652 Devola
0%
AZ 3,894 Dewey-Humboldt
0%
MS 8,425 Diamondhead
0%
CA 11,037 Diamond Springs
0%
MS 9,486 D'Iberville
0%
TX 4,776 Diboll
0%
PA 6,070 Dickson City
0%
TX 3,894 Dilley
0%
OH 3,474 Dillonvale
0%
PA 2,563 Dillsburg
0%
MN 4,024 Dilworth
0%
TX 4,393 Dimmitt
0%
CA 21,453 Dinuba
0%
CA 13,352 Discovery Bay
0%
MD 5,837 District Heights
0%
NY 26,892 Dix Hills
0%
IL 3,644 Dixmoor
0%
CA 2,645 Dixon Lane-Meadow Creek
0%
NY 10,875 Dobbs Ferry
0%
GA 7,721 Dock Junction
0%
FL 10,981 Doctor Phillips
0%
MN 2,670 Dodge Center
0%
WI 4,693 Dodgeville
0%
TX 5,091 Doffing
0%
CA 2,506 Dogtown
0%
IL 23,153 Dolton
0%
LA 7,436 Donaldsonville
0%
GA 2,650 Donalsonville
0%
AZ 5,395 Doney Park
0%
PA 4,781 Donora
0%
TX 2,769 Doolittle
0%
GA 8,330 Doraville
0%
PA 8,593 Dormont
0%
PA 4,406 Dorneyville
0%
CA 4,950 Dos Palos
0%
TX 2,867 Double Oak
0%
KY 5,484 Douglass Hills
0%
DE 3,450 Dover Base Housing
0%
ME 2,528 Dover-Foxcroft
0%
CO 5,243 Dove Valley
0%
MI 5,879 Dowagiac
0%
VA 11,921 Dranesville
0%
PA 28,043 Drexel Hill
0%
GA 14,568 Druid Hills
0%
MD 2,731 Drum Point
0%
OK 2,907 Drumright
0%
OH 2,782 Dry Ridge
0%
OH 7,281 Dry Run
0%
NM 2,743 Dulce
0%
VA 4,601 Dulles Town Center
0%
VA 7,879 Dumbarton
0%
NJ 17,479 Dumont
0%
SC 3,671 Dunean
0%
NJ 7,227 Dunellen
0%
IN 6,235 Dunlap
0%
TN 4,815 Dunlap
0%
VA 8,803 Dunn Loring
0%
IL 6,109 Du Quoin
0%
MI 3,446 Durand
0%
PA 4,917 Duryea
0%
IA 4,058 Dyersville
0%
IA 3,583 Eagle Grove
0%
TX 3,639 Eagle Lake
0%
MN 2,422 Eagle Lake
0%
TN 5,052 Eagleton Village
0%
AR 2,414 Earle
0%
CA 8,537 Earlimart
0%
TX 2,762 Early
0%
SC 19,993 Easley
0%
NY 6,236 East Aurora
0%
MN 11,626 East Bethel
0%
NJ 47,512 East Brunswick Township
0%
MA 2,753 East Dennis
0%
MA 2,557 East Douglas
0%
GA 2,441 East Dublin
0%
IL 2,860 East Dundee
0%
AR 6,998 East End
0%
MA 6,038 East Falmouth
0%
NY 6,484 East Farmingdale
0%
NC 4,995 East Flat Rock
0%
CA 8,269 East Foothills
0%
NJ 8,669 East Franklin
0%
NJ 4,894 East Freehold
0%
SC 3,085 East Gaffney
0%
NY 6,208 East Garden City
0%
WA 4,958 Eastgate
0%
NY 6,616 East Glenville
0%
NY 4,487 East Greenbush
0%
PA 2,951 East Greenville
0%
NY 4,142 East Hampton North
0%
MA 16,053 Easthampton Town
0%
MA 4,872 East Harwich
0%
CA 17,418 East Hemet
0%
VA 14,796 East Highland Park
0%
WA 29,878 East Hill-Meridian
0%
FL 22,753 East Lake-Orient Park
0%
PA 2,668 East Lansdowne
0%
PA 3,307 Eastlawn Gardens
0%
GA 4,962 Eastman
0%
NY 19,069 East Massapequa
0%
NY 38,132 East Meadow
0%
NH 4,197 East Merrimack
0%
FL 11,074 East Milton
0%
WA 20,101 Eastmont
0%
NY 5,249 East Moriches
0%
NJ 2,406 East Newark
0%
PA 13,590 East Norriton Township
0%
NY 20,217 East Northport
0%
NY 2,709 East Norwich
0%
CA 2,762 East Oakdale
0%
NC 3,628 Eastover
0%
CA 6,144 East Pasadena
0%
NY 22,469 East Patchogue
0%
PA 4,506 East Petersburg
0%
MI 32,442 Eastpointe
0%
CA 6,767 East Porterville
0%
WA 5,919 East Port Orchard
0%
MO 3,176 East Prairie
0%
CA 2,489 East Quincy
0%
NY 4,757 East Quogue
0%
CA 15,135 East Rancho Dominguez
0%
WA 11,140 East Renton Highlands
0%
CA 3,280 East Richmond Heights
0%
MD 15,509 East Riverdale
0%
NY 9,818 East Rockaway
0%
NC 3,736 East Rockingham
0%
MA 3,940 East Sandwich
0%
CA 14,874 East San Gabriel
0%
NY 6,666 East Shoreham
0%
NY 3,084 East Syracuse
0%
MI 2,808 East Tawas
0%
WI 4,281 East Troy
0%
PA 2,419 East Uniontown
0%
CA 9,757 East Whittier
0%
NY 2,556 East Williston
0%
PA 8,777 East York
0%
GA 6,480 Eatonton
0%
NJ 12,709 Eatontown
0%
PA 3,351 Ebensburg
0%
NJ 10,743 Echelon
0%
PA 8,970 Economy
0%
MI 9,512 Ecorse
0%
TX 3,161 Edcouch
0%
PA 2,410 Eddystone
0%
KY 2,554 Eddyville
0%
LA 7,041 Eden Isle
0%
LA 2,441 Edgard
0%
TX 2,776 Edgecliff Village
0%
SC 4,750 Edgefield
0%
MD 8,669 Edgemere
0%
DE 5,677 Edgemoor
0%
WI 5,461 Edgerton
0%
NJ 99,967 Edison Township
0%
SC 2,559 Edisto
0%
NY 15,019 Eggertsville
0%
NJ 4,243 Egg Harbor City
0%
FL 35,282 Egypt Lake-Leto
0%
TX 8,960 Eidson Road
0%
AK 2,647 Eielson AFB
0%
GA 4,653 Elberton
0%
IL 5,602 Elburn
0%
TX 3,273 El Cenizo
0%
NM 2,953 El Cerro
0%
NM 4,657 El Cerro Mission
0%
MD 30,531 Eldersburg
0%
MO 4,567 Eldon
0%
NM 6,130 Eldorado at Santa Fe
0%
MO 3,593 El Dorado Springs
0%
IA 5,651 Eldridge
0%
TX 2,791 Electra
0%
HI 2,390 Eleele
0%
FL 13,986 Elfers
0%
CA 5,467 El Granada
0%
PA 3,727 Elim
0%
CO 3,801 El Jebel
0%
IL 33,127 Elk Grove Village
0%
WI 10,084 Elkhorn
0%
MN 4,110 Elko New Market
0%
WA 14,205 Elk Plain
0%
MN 22,974 Elk River
0%
TX 2,706 El Lago
0%
FL 4,275 Ellenton
0%
IN 6,378 Ellettsville
0%
NJ 4,413 Ellisburg
0%
MO 9,133 Ellisville
0%
MS 4,448 Ellisville
0%
PA 7,921 Ellwood City
0%
WA 3,107 Elma
0%
NY 2,571 Elma Center
0%
TX 2,469 Elm Creek
0%
NY 4,097 Elmira Heights
0%
NY 4,664 Elmsford
0%
IL 24,883 Elmwood Park
0%
NJ 19,403 Elmwood Park
0%
CA 7,198 El Rio
0%
NC 3,869 Elroy
0%
KY 8,451 Elsmere
0%
DE 6,131 Elsmere
0%
CA 12,723 El Sobrante
0%
CA 12,669 El Sobrante
0%
CA 4,123 El Verano
0%
CA 5,492 Elverta
0%
NC 3,655 Emerald Isle
0%
CA 4,278 Emerald Lake Hills
0%
PA 2,886 Emerald Lakes
0%
AL 2,561 Emerald Mountain
0%
PA 2,672 Emigsville
0%
KY 2,498 Eminence
0%
PA 11,211 Emmaus
0%
IA 3,904 Emmetsburg
0%
MD 2,814 Emmitsburg
0%
CA 4,189 Empire
0%
PA 2,449 Emsworth
0%
NY 13,392 Endicott
0%
NY 11,446 Endwell
0%
NJ 5,281 Englewood Cliffs
0%
NC 2,925 Enochville
0%
PA 6,111 Enola
0%
VA 3,466 Enon
0%
OH 2,415 Enon
0%
FL 20,602 Ensley
0%
UT 6,135 Ephraim
0%
PA 13,394 Ephrata
0%
WA 7,664 Ephrata
0%
UT 4,642 Erda
0%
WA 2,935 Erlands Point-Kitsap Lake
0%
KY 18,082 Erlanger
0%
TN 6,097 Erwin
0%
NC 4,405 Erwin
0%
CA 7,132 Escalon
0%
MS 3,722 Escatawpa
0%
CA 3,108 Esparto
0%
WA 3,601 Esperance
0%
CT 2,495 Essex Village
0%
MI 3,478 Essexville
0%
OR 2,695 Estacada
0%
LA 16,377 Estelle
0%
FL 22,612 Estero
0%
IA 6,360 Estherville
0%
NC 6,944 Etowah
0%
TN 3,490 Etowah
0%
VA 6,682 Ettrick
0%
CA 5,313 Eucalyptus Hills
0%
KS 6,136 Eudora
0%
GA 4,136 Euharlee
0%
LA 10,398 Eunice
0%
NM 2,922 Eunice
0%
FL 18,558 Eustis
0%
IA 4,751 Evansdale
0%
MN 3,718 Eveleth
0%
OH 2,767 Evendale
0%
IL 19,852 Evergreen Park
0%
TX 6,108 Everman
0%
WA 2,481 Everson
0%
HI 14,955 Ewa Beach
0%
HI 6,108 Ewa Villages
0%
NJ 35,790 Ewing Township
0%
MO 11,084 Excelsior Springs
0%
GA 2,894 Experiment
0%
PA 4,842 Exton
0%
TX 8,257 Fabens
0%
CA 3,148 Fairbanks Ranch
0%
NE 3,942 Fairbury
0%
IL 3,757 Fairbury
0%
WA 2,776 Fairchild AFB
0%
VA 12,030 Fairfax Station
0%
TN 6,989 Fairfield Glade
0%
NC 2,952 Fairfield Harbour
0%
NJ 7,466 Fairfield Township
0%
VA 7,942 Fair Lakes
0%
MD 23,681 Fairland
0%
PA 8,466 Fairless Hills
0%
IL 2,635 Fairmont City
0%
TX 5,986 Fair Oaks Ranch
0%
MI 7,631 Fair Plain
0%
OH 3,109 Fairport Harbor
0%
IL 17,078 Fairview Heights
0%
OH 16,826 Fairview Park
0%
FL 10,239 Fairview Shores
0%
KS 3,882 Fairway
0%
WA 19,102 Fairwood
0%
WA 7,905 Fairwood
0%
MD 5,031 Fairwood
0%
NY 2,420 Falconer
0%
MN 5,321 Falcon Heights
0%
TX 4,981 Falfurrias
0%
NE 4,325 Falls City
0%
NJ 7,318 Fanwood
0%
MN 23,352 Faribault
0%
KY 4,701 Farley
0%
AK 4,853 Farmers Loop
0%
LA 3,860 Farmerville
0%
NY 15,481 Farmingville
0%
TN 20,676 Farragut
0%
PA 5,111 Farrell
0%
UT 5,928 Farr West
0%
PA 3,074 Feasterville
0%
FL 3,420 Feather Sound
0%
CO 11,467 Federal Heights
0%
MD 2,739 Federalsburg
0%
WA 7,385 Felida
0%
CA 4,057 Felton
0%
WI 2,497 Fennimore
0%
FL 7,704 Fern Park
0%
PA 12,414 Fernway
0%
TX 2,436 Ferris
0%
FL 28,921 Ferry Pass
0%
MI 2,892 Ferrysburg
0%
CA 4,144 Fetters Hot Springs-Agua Caliente
0%
WA 9,173 Fife
0%
TX 2,486 Fifth Street
0%
ID 2,508 Filer
0%
NJ 5,600 Finderne
0%
OH 12,741 Finneytown
0%
WA 6,497 Fircrest
0%
CO 10,147 Firestone
0%
NY 4,949 Firthcliffe
0%
VA 7,462 Fishersville
0%
FL 14,087 Fish Hawk
0%
MA 2,583 Fiskdale
0%
GA 9,053 Fitzgerald
0%
WA 18,159 Five Corners
0%
SC 14,140 Five Forks
0%
FL 4,484 Flagler Beach
0%
FL 3,215 Flagler Estates
0%
MI 9,878 Flat Rock
0%
NC 3,114 Flat Rock
0%
KY 7,423 Flatwoods
0%
PA 4,085 Fleetwood
0%
FL 27,126 Fleming Island
0%
KY 2,658 Flemingsburg
0%
FL 5,217 Floral City
0%
CA 63,387 Florence-Graham
0%
TX 6,448 Floresville
0%
NJ 11,696 Florham Park
0%
FL 18,164 Florida Ridge
0%
IL 9,464 Flossmoor
0%
PA 4,538 Flourtown
0%
NY 4,665 Flower Hill
0%
GA 5,679 Flowery Branch
0%
AZ 16,419 Flowing Wells
0%
MS 7,823 Flowood
0%
TX 3,038 Floydada
0%
MI 8,389 Flushing
0%
PA 2,568 Flying Hills
0%
WA 2,418 Fobes Hill
0%
PA 6,606 Folcroft
0%
WV 2,986 Follansbee
0%
SC 2,617 Folly Beach
0%
CA 33,121 Foothill Farms
0%
CA 4,278 Ford City
0%
PA 2,991 Ford City
0%
IL 2,763 Ford Heights
0%
AR 4,300 Fordyce
0%
SC 10,361 Forest Acres
0%
SC 4,612 Forestbrook
0%
AL 10,162 Forestdale
0%
MA 4,099 Forestdale
0%
MD 6,582 Forest Glen
0%
OR 21,083 Forest Grove
0%
MD 2,447 Forest Heights
0%
NC 3,890 Forest Oaks
0%
NJ 5,244 Forked River
0%
WI 12,368 Fort Atkinson
0%
VA 7,100 Fort Belvoir
0%
IN 2,771 Fort Branch
0%
KY 13,685 Fort Campbell North
0%
NJ 7,716 Fort Dix
0%
NY 12,955 Fort Drum
0%
NY 3,375 Fort Edward
0%
OK 4,154 Fort Gibson
0%
ID 3,201 Fort Hall
0%
VA 16,045 Fort Hunt
0%
CA 8,845 Fort Irwin
0%
ME 2,488 Fort Kent
0%
MO 15,061 Fort Leonard Wood
0%
CO 7,377 Fort Lupton
0%
IA 11,051 Fort Madison
0%
MD 9,327 Fort Meade
0%
FL 5,626 Fort Meade
0%
FL 6,277 Fort Myers Beach
0%
FL 5,487 Fort Myers Shores
0%
GA 9,263 Fort Oglethorpe
0%
FL 6,474 Fort Pierce North
0%
FL 5,062 Fort Pierce South
0%
LA 2,864 Fort Polk North
0%
LA 9,038 Fort Polk South
0%
KS 7,761 Fort Riley
0%
AL 4,636 Fort Rucker
0%
NY 10,008 Fort Salonga
0%
KS 8,087 Fort Scott
0%
OH 3,726 Fort Shawnee
0%
KY 16,325 Fort Thomas
0%
AZ 26,265 Fortuna Foothills
0%
GA 9,815 Fort Valley
0%
KY 5,723 Fort Wright
0%
PA 4,214 Forty Fort
0%
CA 30,567 Foster City
0%
OH 13,441 Fostoria
0%
FL 59,764 Fountainebleau
0%
MD 5,666 Fountainhead-Orchard Hills
0%
PA 4,597 Fountain Hill
0%
AZ 22,489 Fountain Hills
0%
SC 7,799 Fountain Inn
0%
OH 2,919 Four Bridges
0%
CA 5,570 Fowler
0%
MI 2,886 Fowlerville
0%
PA 5,388 Fox Chapel
0%
WY 3,647 Fox Farm-College
0%
WA 3,633 Fox Island
0%
IL 10,579 Fox Lake
0%
IL 2,591 Fox Lake Hills
0%
WI 6,701 Fox Point
0%
IL 4,854 Fox River Grove
0%
PA 3,282 Fox Run
0%
PA 3,805 Frackville
0%
KY 7,944 Francisville
0%
VA 18,245 Franconia
0%
MI 4,944 Frankenmuth
0%
IL 9,276 Frankfort Square
0%
NJ 4,460 Franklin Center
0%
VA 19,288 Franklin Farm
0%
IL 18,333 Franklin Park
0%
PA 13,470 Franklin Park
0%
NJ 13,295 Franklin Park
0%
NY 29,320 Franklin Square
0%
CA 2,691 Frazier Park
0%
IL 4,354 Freeburg
0%
NJ 12,052 Freehold
0%
MI 6,969 Freeland
0%
PA 3,531 Freeland
0%
PA 2,636 Freemansburg
0%
TX 2,818 Freer
0%
CA 3,376 French Camp
0%
WI 4,207 French Island
0%
CA 23,067 French Valley
0%
MN 27,208 Fridley
0%
MD 4,698 Friendship Heights Village
0%
TX 4,123 Friona
0%
MO 3,482 Frontenac
0%
KS 3,437 Frontenac
0%
FL 29,362 Fruit Cove
0%
UT 4,987 Fruit Heights
0%
OH 3,755 Fruit Hill
0%
FL 4,078 Fruitland Park
0%
CA 5,800 Fruitridge Pocket
0%
CO 7,675 Fruitvale
0%
FL 8,758 Fuller Heights
0%
FL 5,561 Fussels Corner
0%
SC 12,414 Gaffney
0%
IL 10,198 Gages Lake
0%
OH 33,248 Gahanna
0%
NY 4,617 Galeville
0%
OH 10,512 Galion
0%
LA 7,676 Galliano
0%
OH 3,641 Gallipolis
0%
OH 2,391 Gambier
0%
MD 2,800 Gambrills
0%
NC 4,051 Gamewell
0%
NY 4,185 Gang Mills
0%
SC 14,229 Gantt
0%
CA 10,648 Garden Acres
0%
NY 7,806 Garden City Park
0%
NY 4,024 Garden City South
0%
OR 6,674 Garden Home-Whitford
0%
TX 3,259 Garden Ridge
0%
PA 2,503 Garden View
0%
LA 10,580 Gardere
0%
NY 4,373 Gardnertown
0%
NV 5,656 Gardnerville
0%
NV 11,312 Gardnerville Ranchos
0%
OH 28,849 Garfield Heights
0%
CA 7,543 Garnet
0%
KS 3,415 Garnett
0%
NJ 4,226 Garwood
0%
LA 2,811 Garyville
0%
IN 5,965 Gas City
0%
PA 2,818 Gastonville
0%
MS 18,572 Gautier
0%
PA 2,467 Geistown
0%
CO 3,609 Genesee
0%
WI 3,042 Genoa City
0%
AR 3,158 Gentry
0%
TX 2,445 George West
0%
NE 8,500 Gering
0%
IL 3,438 Germantown Hills
0%
OR 2,464 Gervais
0%
NJ 3,739 Gibbstown
0%
MI 4,656 Gibraltar
0%
OH 2,581 Gibsonburg
0%
IL 3,407 Gibson City
0%
PA 2,733 Gibsonia
0%
FL 14,234 Gibsonton
0%
NC 6,410 Gibsonville
0%
IL 3,319 Gillespie
0%
TX 4,905 Gilmer
0%
FL 11,535 Gladeview
0%
MI 2,933 Gladwin
0%
MO 5,429 Glasgow Village
0%
MD 17,295 Glassmanor
0%
PA 4,483 Glassport
0%
CT 7,387 Glastonbury Center
0%
WA 2,906 Gleed
0%
MD 6,000 Glenarden
0%
CA 20,199 Glen Avon
0%
IL 12,934 Glen Carbon
0%
IL 34,208 Glendale Heights
0%
MT 4,935 Glendive
0%
CO 6,611 Gleneagle
0%
IL 27,450 Glen Ellyn
0%
NY 4,697 Glen Head
0%
PA 7,153 Glenolden
0%
OK 10,808 Glenpool
0%
NC 2,750 Glen Raven
0%
NJ 7,527 Glen Ridge
0%
TX 2,444 Glen Rose
0%
NY 8,443 Glens Falls North
0%
PA 8,981 Glenshaw
0%
FL 16,898 Glenvar Heights
0%
NY 3,779 Glenwood Landing
0%
NJ 11,456 Gloucester City
0%
VA 2,951 Gloucester Courthouse
0%
VA 9,402 Gloucester Point
0%
NY 15,665 Gloversville
0%
SC 2,831 Gloverville
0%
IL 17,982 Godfrey
0%
NH 3,196 Goffstown
0%
AZ 10,159 Gold Canyon
0%
MD 3,796 Golden Beach
0%
WA 3,407 Goldendale
0%
FL 33,145 Golden Glades
0%
SC 2,467 Golden Grove
0%
CA 8,656 Golden Hills
0%
FL 12,039 Goldenrod
0%
NJ 4,145 Golden Triangle
0%
CA 7,912 Gold River
0%
OH 3,611 Golf Manor
0%
CA 9,192 Good Hope
0%
ID 3,567 Gooding
0%
KS 4,489 Goodland
0%
TN 15,921 Goodlettsville
0%
MN 4,036 Goodview
0%
NY 4,042 Gordon Heights
0%
AR 3,548 Gosnell
0%
FL 4,102 Goulding
0%
FL 10,103 Goulds
0%
NY 3,949 Gouverneur
0%
NY 2,709 Gowanda
0%
MO 12,854 Grain Valley
0%
LA 4,949 Grambling
0%
LA 3,613 Gramercy
0%
AL 3,672 Grand Bay
0%
MI 8,276 Grand Blanc
0%
MI 7,786 Grand Ledge
0%
WA 2,981 Grand Mound
0%
LA 2,473 Grand Point
0%
TX 3,136 Grand Saline
0%
CA 12,040 Grand Terrace
0%
OH 6,536 Grandview Heights
0%
IL 5,202 Grandwood Park
0%
NY 4,629 Grandyle Village
0%
ID 3,141 Grangeville
0%
CA 20,402 Granite Bay
0%
IL 29,849 Granite City
0%
NC 4,722 Granite Falls
0%
WA 3,364 Granite Falls
0%
MN 2,897 Granite Falls
0%
CA 3,035 Granite Hills
0%
NC 2,930 Granite Quarry
0%
TX 4,910 Granite Shoals
0%
SC 2,614 Graniteville
0%
PA 3,628 Grantley
0%
FL 3,850 Grant-Valkaria
0%
TX 3,154 Grape Creek
0%
MD 3,425 Grasonville
0%
KY 2,870 Graymoor-Devondale
0%
IL 20,957 Grayslake
0%
AL 5,736 Grayson Valley
0%
MO 2,701 Gray Summit
0%
NY 9,989 Great Neck
0%
NY 2,761 Great Neck Estates
0%
NY 6,707 Great Neck Plaza
0%
TX 11,538 Greatwood
0%
TN 6,433 Greenbrier
0%
AR 4,706 Greenbrier
0%
FL 6,908 Green Cove Springs
0%
MA 17,456 Greenfield Town
0%
AR 2,761 Green Forest
0%
MA 2,609 Green Harbor-Cedar Crest
0%
OH 3,615 Greenhills
0%
NY 2,620 Green Island
0%
NJ 6,200 Green Knoll
0%
NY 13,742 Greenlawn
0%
IL 3,866 Green Oaks
0%
NJ 11,367 Greentree
0%
PA 4,432 Green Tree
0%
NY 3,154 Greenwood Lake
0%
GA 7,432 Gresham Park
0%
CA 6,584 Gridley
0%
NC 2,617 Grifton
0%
IA 8,246 Grimes
0%
IA 9,218 Grinnell
0%
IN 5,537 Grissom AFB
0%
OH 6,788 Groesbeck
0%
TX 4,328 Groesbeck
0%
MI 10,371 Grosse Ile Township
0%
MI 9,479 Grosse Pointe Farms
0%
MI 11,555 Grosse Pointe Park
0%
MI 16,135 Grosse Pointe Woods
0%
VA 2,668 Grottoes
0%
OH 5,363 Groveport
0%
CA 13,156 Grover Beach
0%
GA 11,216 Grovetown
0%
NJ 2,945 Groveville
0%
IA 2,706 Grundy Center
0%
CA 4,534 Guerneville
0%
CT 2,597 Guilford Center
0%
FL 5,763 Gulf Breeze
0%
FL 10,911 Gulf Gate Estates
0%
MS 7,144 Gulf Hills
0%
MS 5,719 Gulf Park Estates
0%
TX 5,672 Gun Barrel City
0%
AL 8,197 Guntersville
0%
CA 5,520 Gustine
0%
NJ 11,176 Guttenberg
0%
CO 6,477 Gypsum
0%
NJ 7,473 Haddon Heights
0%
GA 2,737 Hahira
0%
LA 3,344 Hahnville
0%
HI 8,118 Haiku-Pauwela
0%
IL 3,597 Hainesville
0%
HI 14,014 Halawa
0%
HI 3,970 Haleiwa
0%
WI 7,692 Hales Corners
0%
NY 2,498 Halesite
0%
AL 4,173 Haleyville
0%
MD 10,701 Halfway
0%
PA 2,881 Halfway House
0%
PA 2,673 Hallam
0%
TX 2,550 Hallettsville
0%
TX 3,577 Hallsville
0%
NJ 12,784 Hamilton Square
0%
MN 15,296 Ham Lake
0%
NJ 14,791 Hammonton
0%
NY 2,417 Hampton Manor
0%
SC 17,997 Hanahan
0%
HI 3,835 Hanamaulu
0%
HI 2,638 Hanapepe
0%
AL 2,982 Hanceville
0%
GA 3,298 Hannahs Mill
0%
WA 3,091 Hansville
0%
GA 6,373 Hapeville
0%
LA 9,277 Harahan
0%
CA 3,841 Harbison Canyon
0%
FL 2,860 Harbor Bluffs
0%
FL 2,987 Harbour Heights
0%
PA 9,286 Harleysville
0%
PA 3,197 Harmony Township
0%
MI 14,236 Harper Woods
0%
OK 5,095 Harrah
0%
TN 6,350 Harriman
0%
NY 2,424 Harriman
0%
NJ 4,664 Harrington Park
0%
NY 5,508 Harris Hill
0%
MI 24,587 Harrison Township
0%
PA 10,461 Harrison Township
0%
KY 8,340 Harrodsburg
0%
TN 4,389 Harrogate
0%
IN 6,220 Hartford City
0%
CA 2,510 Hartley
0%
NY 5,293 Hartsdale
0%
AL 14,255 Hartselle
0%
OH 2,944 Hartville
0%
GA 4,469 Hartwell
0%
PA 2,791 Harveys Lake
0%
IL 8,612 Harwood Heights
0%
NJ 11,842 Hasbrouck Heights
0%
NY 7,849 Hastings-on-Hudson
0%
PA 7,360 Hatboro
0%
LA 3,454 Haughton
0%
HI 4,148 Hauula
0%
NC 20,735 Havelock
0%
NY 11,910 Haverstraw
0%
NY 3,634 Haviland
0%
HI 2,700 Hawaiian Acres
0%
HI 4,280 Hawaiian Beaches
0%
HI 4,437 Hawaiian Ocean View
0%
HI 11,404 Hawaiian Paradise Park
0%
IA 2,546 Hawarden
0%
GA 4,589 Hawkinsville
0%
NJ 3,382 Haworth
0%
IL 7,663 Hawthorn Woods
0%
VA 3,909 Hayfield
0%
MO 2,939 Hayti
0%
CT 4,599 Hazardville
0%
IL 14,100 Hazel Crest
0%
WA 19,435 Hazel Dell
0%
MI 16,422 Hazel Park
0%
NC 2,411 Hazen
0%
GA 4,226 Hazlehurst
0%
MS 4,009 Hazlehurst
0%
OK 2,788 Healdton
0%
TX 4,459 Hearne
0%
NJ 5,821 Heathcote
0%
FL 5,896 Heathrow
0%
OK 3,414 Heavener
0%
TX 4,558 Hebbronville
0%
AZ 2,822 Heber-Overgaard
0%
AR 7,165 Heber Springs
0%
TX 2,557 Hedwig Village
0%
HI 4,963 Heeia
0%
AL 3,480 Heflin
0%
MT 2,995 Helena Valley Northeast
0%
MT 3,482 Helena Valley Northwest
0%
MT 8,227 Helena Valley Southeast
0%
MT 7,883 Helena Valley West Central
0%
AR 12,282 Helena-West Helena
0%
PA 5,898 Hellertown
0%
PA 3,271 Hemlock Farms
0%
KY 4,687 Hendron
0%
OK 5,927 Henryetta
0%
GA 4,011 Hephzibah
0%
MD 2,603 Herald Harbor
0%
MO 3,468 Herculaneum
0%
KS 2,526 Herington
0%
NY 3,975 Heritage Hills
0%
IN 2,880 Heritage Lake
0%
CT 3,736 Heritage Village
0%
MO 2,431 Hermann
0%
MN 9,414 Hermantown
0%
GA 3,384 Heron Bay
0%
NY 4,295 Herricks
0%
UT 21,785 Herriman
0%
IL 12,501 Herrin
0%
KS 3,709 Hesston
0%
NY 6,819 Hewlett
0%
ID 3,089 Heyburn
0%
IL 2,841 Heyworth
0%
IA 7,024 Hiawatha
0%
KS 3,172 Hiawatha
0%
HI 6,920 Hickam Housing
0%
KY 2,395 Hickman
0%
TX 3,247 Hickory Creek
0%
IL 14,049 Hickory Hills
0%
CA 3,485 Hidden Meadows
0%
CA 5,579 Hidden Valley Lake
0%
TX 3,083 Hideaway
0%
MO 4,797 Higginsville
0%
NJ 3,648 High Bridge
0%
WA 2,994 High Bridge
0%
CA 3,988 Highgrove
0%
DE 3,459 Highland Acres
0%
FL 3,539 Highland Beach
0%
FL 10,834 Highland City
0%
NY 3,900 Highland Falls
0%
OH 8,345 Highland Heights
0%
KY 6,923 Highland Heights
0%
NJ 4,933 Highland Lake
0%
AL 3,926 Highland Lakes
0%
CA 4,027 Highlands-Baywood Park
0%
VA 15,711 Highland Springs
0%
MO 4,305 High Ridge
0%
PA 2,399 Highspire
0%
FL 5,350 High Springs
0%
NJ 5,494 Hightstown
0%
IL 5,405 Highwood
0%
UT 2,726 Hildale
0%
MD 6,043 Hillandale
0%
NY 7,558 Hillcrest
0%
MD 16,469 Hillcrest Heights
0%
NJ 21,404 Hillside Township
0%
VA 2,681 Hillsville
0%
KY 8,172 Hillview
0%
CA 5,197 Hilmar-Irwin
0%
MA 5,650 Hingham
0%
IL 16,816 Hinsdale
0%
GA 3,546 Hiram
0%
TX 6,961 Hitchcock
0%
FL 11,521 Hobe Sound
0%
DE 13,527 Hockessin
0%
WA 4,771 Hockinson
0%
KY 3,206 Hodgenville
0%
GA 3,060 Hogansville
0%
TN 3,757 Hohenwald
0%
KS 2,706 Hoisington
0%
PA 3,378 Hokendauqua
0%
AL 4,286 Hokes Bluff
0%
FL 3,679 Holden Heights
0%
NE 5,495 Holdrege
0%
NJ 12,831 Holiday City-Berkeley
0%
NJ 3,689 Holiday City South
0%
IL 2,882 Holiday Shores
0%
UT 26,472 Holladay
0%
MS 2,702 Hollandale
0%
PA 5,791 Hollidaysburg
0%
VA 14,673 Hollins
0%
NM 3,054 Holloman AFB
0%
CO 2,521 Holly Hills
0%
TX 2,774 Holly Lake Ranch
0%
VA 7,690 Hollymead
0%
TX 3,062 Hollywood Park
0%
WI 9,005 Holmen
0%
FL 3,836 Holmes Beach
0%
MO 3,247 Holts Summit
0%
NY 19,714 Holtsville
0%
CA 5,939 Holtville
0%
AL 4,096 Holtville
0%
HI 8,538 Holualoa
0%
PA 6,906 Homeacre-Lyndora
0%
ID 2,633 Homedale
0%
CA 11,570 Home Gardens
0%
SC 6,296 Homeland Park
0%
IL 24,220 Homer Glen
0%
GA 2,456 Homerville
0%
TX 5,124 Homestead Meadows North
0%
TX 7,247 Homestead Meadows South
0%
CA 3,032 Homestead Valley
0%
IL 4,349 Hometown
0%
OK 3,565 Hominy
0%
HI 2,423 Honalo
0%
HI 2,567 Honaunau-Napoopoo
0%
SC 3,597 Honea Path
0%
NY 2,674 Honeoye Falls
0%
PA 4,480 Honesdale
0%
TX 2,769 Hooks
0%
NH 4,147 Hooksett
0%
IL 5,351 Hoopeston
0%
NY 3,501 Hoosick Falls
0%
WV 2,590 Hooverson Heights
0%
NJ 15,147 Hopatcong
0%
MA 3,753 Hopedale
0%
NC 15,176 Hope Mills
0%
WA 8,726 Hoquiam
0%
NC 2,430 Horace
0%
WI 3,655 Horicon
0%
FL 14,000 Horizon West
0%
NY 8,563 Hornell
0%
MS 26,066 Horn Lake
0%
TX 6,791 Hornsby Bend
0%
NY 2,843 Horseheads North
0%
TX 3,418 Horseshoe Bay
0%
WI 2,711 Hortonville
0%
AR 12,807 Hot Springs Village
0%
WI 3,188 Howards Grove
0%
OH 6,351 Howland Center
0%
AR 2,780 Hoxie
0%
OH 7,874 Hubbard
0%
OR 3,173 Hubbard
0%
OH 4,604 Huber Ridge
0%
TX 2,981 Hudson Bend
0%
NY 7,281 Hudson Falls
0%
AL 16,105 Hueytown
0%
KS 3,904 Hugoton
0%
AL 2,540 Huguley
0%
CA 3,414 Humboldt Hill
0%
PA 4,538 Hummelstown
0%
FL 14,321 Hunters Creek
0%
TX 4,367 Hunters Creek Village
0%
IN 4,810 Huntertown
0%
IN 6,057 Huntingburg
0%
NY 33,029 Huntington Station
0%
MI 6,238 Huntington Woods
0%
MD 3,311 Huntingtown
0%
IL 24,291 Huntley
0%
KY 4,216 Hurstbourne
0%
FL 5,201 Hutchinson Island South
0%
IA 3,317 Huxley
0%
VA 15,801 Hybla Valley
0%
FL 2,588 Hypoluxo
0%
UT 7,609 Hyrum
0%
NC 2,664 Icard
0%
CA 3,874 Idyllwild-Pine Cove
0%
VA 17,288 Idylwood
0%
MD 23,476 Ilchester
0%
NY 8,053 Ilion
0%
MI 3,597 Imlay City
0%
FL 24,154 Immokalee
0%
NV 8,777 Incline Village
0%
VA 7,419 Independent Hill
0%
SC 3,328 India Hook
0%
FL 2,720 Indialantic
0%
FL 8,225 Indian Harbour Beach
0%
IL 3,809 Indian Head Park
0%
IN 3,011 Indian Heights
0%
PA 4,372 Indian Mountain Lake
0%
FL 6,220 Indian River Estates
0%
FL 3,901 Indian River Shores
0%
FL 4,113 Indian Rocks Beach
0%
FL 6,083 Indiantown
0%
NC 33,518 Indian Trail
0%
IN 2,394 Ingalls
0%
IL 3,314 Ingalls Park
0%
TX 9,387 Ingleside
0%
WA 22,707 Inglewood-Finn Hill
0%
PA 3,330 Ingram
0%
LA 6,180 Inniswold
0%
VA 7,753 Innsbrook
0%
CA 7,321 Interlaken
0%
MN 33,880 Inver Grove Heights
0%
FL 2,401 Inverness Highlands North
0%
FL 6,542 Inverness Highlands South
0%
KS 5,704 Iola
0%
FL 15,369 Iona
0%
CA 7,918 Ione
0%
TX 6,355 Iowa Park
0%
SC 11,097 Irmo
0%
NY 51,692 Irondequoit
0%
MI 7,624 Iron Mountain
0%
MI 3,029 Iron River
0%
MI 5,387 Ironwood
0%
HI 3,374 Iroquois Point
0%
NJ 53,926 Irvington Township
0%
MN 5,251 Isanti
0%
NJ 18,695 Iselin
0%
MI 6,470 Ishpeming
0%
FL 6,119 Islamorada
0%
NY 3,335 Islandia
0%
IL 8,080 Island Lake
0%
NY 4,655 Island Park
0%
FL 3,035 Island Walk
0%
CA 23,096 Isla Vista
0%
GA 2,402 Isle of Hope
0%
SC 4,133 Isle of Palms
0%
NY 5,389 Islip Terrace
0%
IL 8,649 Itasca
0%
MS 3,028 Iuka
0%
CA 4,495 Ivanhoe
0%
FL 19,525 Ives Estates
0%
UT 6,753 Ivins
0%
TX 4,511 Jacksboro
0%
PA 3,393 Jacksonwald
0%
NH 2,757 Jaffrey
0%
NY 2,408 Jamestown West
0%
FL 5,573 Jan Phyl Village
0%
NM 2,475 Jarales
0%
MD 2,916 Jarrettsville
0%
FL 18,989 Jasmine Estates
0%
LA 5,530 Jeanerette
0%
PA 9,654 Jeannette
0%
PA 10,619 Jefferson Hills
0%
NY 14,142 Jefferson Valley-Yorktown
0%
AL 2,585 Jemison
0%
MI 16,538 Jenison
0%
PA 4,422 Jenkintown
0%
OR 7,315 Jennings Lodge
0%
TX 7,620 Jersey Village
0%
IL 8,465 Jerseyville
0%
CT 3,487 Jewett City
0%
IL 6,337 Johnsburg
0%
PA 2,483 Johnsonburg
0%
WI 2,738 Johnson Creek
0%
NV 6,490 Johnson Lane
0%
TX 16,151 Jollyville
0%
TN 5,051 Jonesborough
0%
MD 12,616 Joppatowne
0%
TX 3,871 Jourdanton
0%
FL 4,094 June Park
0%
FL 11,994 Jupiter Farms
0%
HI 4,738 Kahaluu
0%
HI 3,549 Kahaluu-Keauhou
0%
HI 2,614 Kahuku
0%
HI 4,595 Kalaheo
0%
HI 9,644 Kalaoa
0%
AK 7,850 Kalifornsky
0%
UT 4,312 Kanab
0%
HI 34,597 Kaneohe
0%
HI 9,517 Kaneohe Station
0%
LA 4,600 Kaplan
0%
HI 15,186 Kapolei
0%
TX 3,042 Karnes City
0%
NY 4,724 Kaser
0%
MN 5,931 Kasson
0%
FL 6,332 Kathleen
0%
WI 15,462 Kaukauna
0%
HI 3,425 Kaunakakai
0%
UT 27,300 Kaysville
0%
NJ 10,105 Keansburg
0%
MI 2,970 Keego Harbor
0%
OR 36,478 Keizer
0%
HI 3,537 Kekaha
0%
CA 2,544 Kelly Ridge
0%
CA 3,353 Kelseyville
0%
WY 2,656 Kemmerer
0%
MD 12,564 Kemp Mill
0%
CO 32,438 Ken Caryl
0%
NJ 9,339 Kendall Park
0%
IN 9,862 Kendallville
0%
FL 36,154 Kendall West
0%
PA 2,877 Kenhorst
0%
PA 4,124 Kenmar
0%
TX 6,763 Kennedale
0%
PA 7,672 Kennedy Township
0%
FL 4,980 Kenneth City
0%
PA 6,072 Kennett Square
0%
WV 3,216 Kenova
0%
FL 3,901 Kensington Park
0%
CA 6,485 Kentfield
0%
NJ 3,009 Kenvil
0%
OH 6,981 Kenwood
0%
CA 13,544 Kerman
0%
TX 5,708 Kermit
0%
IL 12,916 Kewanee
0%
WI 4,004 Kewaskum
0%
WI 2,952 Kewaunee
0%
WA 3,692 Key Center
0%
CA 5,601 Keyes
0%
NJ 7,240 Keyport
0%
HI 2,803 Kilauea
0%
IL 3,968 Kildeer
0%
NE 2,496 Kimball
0%
MO 2,400 Kimberling City
0%
OK 4,633 Kingfisher
0%
VA 4,457 King George
0%
MI 5,133 Kingsford
0%
WA 13,065 Kingsgate
0%
NC 8,113 Kings Grant
0%
VA 13,390 Kings Park West
0%
NY 5,005 Kings Point
0%
NJ 5,685 Kingston Estates
0%
TN 2,756 Kingston Springs
0%
VA 15,556 Kingstowne
0%
SC 3,328 Kingstree
0%
NM 7,875 Kirtland
0%
OH 6,866 Kirtland
0%
MI 2,624 K. I. Sawyer
0%
PA 4,044 Kittanning
0%
ME 4,562 Kittery
0%
WA 10,674 Klahanie
0%
NC 11,401 Knightdale
0%
MO 2,709 Knob Noster
0%
MD 2,527 Konterra
0%
WI 7,210 Kronenwetter
0%
TX 4,157 Krum
0%
HI 6,452 Kula
0%
PA 2,924 Kulpmont
0%
PA 8,194 Kulpsville
0%
ID 15,210 Kuna
0%
PA 5,012 Kutztown
0%
PA 2,918 Kutztown University
0%
FL 4,640 Labelle
0%
TX 2,488 La Blanca
0%
WA 2,800 La Center
0%
NM 3,819 La Cienega
0%
TX 9,918 Lackland AFB
0%
LA 8,679 Lacombe
0%
MN 4,830 La Crescent
0%
CA 19,653 La Crescenta-Montrose
0%
TX 6,489 Lacy-Lakeview
0%
CA 6,498 Ladera Heights
0%
CA 22,980 Ladera Ranch
0%
AL 3,142 Ladonia
0%
SC 13,790 Ladson
0%
MO 8,521 Ladue
0%
FL 13,926 Lady Lake
0%
TX 7,302 La Feria
0%
TN 7,456 La Follette
0%
TX 6,041 Lago Vista
0%
IL 13,579 La Grange Park
0%
TX 3,488 Laguna Heights
0%
TX 3,117 Laguna Vista
0%
CA 16,192 Laguna Woods
0%
TX 11,985 La Homa
0%
TX 3,985 La Joya
0%
FL 5,015 Lake Alfred
0%
MD 9,776 Lake Arbor
0%
CA 12,424 Lake Arrowhead
0%
ME 3,071 Lake Arrowhead
0%
LA 2,738 Lake Arthur
0%
VA 9,558 Lake Barcroft
0%
IL 4,973 Lake Barrington
0%
FL 3,334 Lake Belvedere Estates
0%
IL 5,722 Lake Bluff
0%
FL 15,400 Lake Butler
0%
CA 3,054 Lake California
0%
NY 8,282 Lake Carmel
0%
WA 3,415 Lake Cassidy
0%
TX 3,071 Lake Cherokee
0%
FL 3,376 Lake Clarke Shores
0%
MN 2,549 Lake Crystal
0%
TX 7,105 Lake Dallas
0%
OH 4,592 Lake Darby
0%
WI 2,914 Lake Delton
0%
MN 8,069 Lake Elmo
0%
NY 3,872 Lake Erie Beach
0%
MI 5,559 Lake Fenton
0%
WA 12,598 Lake Forest Park
0%
NY 11,163 Lake Grove
0%
WI 6,448 Lake Hallie
0%
FL 2,624 Lake Helen
0%
TX 5,150 Lakehills
0%
IL 4,761 Lake Holiday
0%
WA 3,221 Lake Holm
0%
NJ 2,654 Lakehurst
0%
IL 28,965 Lake in the Hills
0%
CA 3,466 Lake Isabella
0%
NC 2,734 Lake Junaluska
0%
NY 2,397 Lake Katrine
0%
OH 3,383 Lake Lakengren
0%
FL 11,056 Lakeland Highlands
0%
WA 12,942 Lakeland North
0%
VA 4,223 Lake Land'Or
0%
WA 11,574 Lakeland South
0%
CA 11,541 Lakeland Village
0%
FL 7,010 Lake Lorraine
0%
CA 12,328 Lake Los Angeles
0%
FL 28,509 Lake Magdalene
0%
CA 5,890 Lake Mathews
0%
PA 2,563 Lake Meade
0%
WI 5,708 Lake Mills
0%
NJ 9,916 Lake Mohawk
0%
NY 6,010 Lake Mohegan
0%
AZ 4,706 Lake Montezuma
0%
VA 9,920 Lake Monticello
0%
IL 6,017 Lakemoor
0%
OH 3,068 Lakemore
0%
WA 10,160 Lake Morton-Berrydale
0%
SC 5,484 Lake Murray of Richland
0%
CA 2,411 Lake Nacimiento
0%
NC 7,411 Lake Norman of Catawba
0%
CA 3,917 Lake of the Pines
0%
MI 2,973 Lake Orion
0%
FL 3,551 Lake Panasoffkee
0%
FL 8,155 Lake Park
0%
NC 3,422 Lake Park
0%
CT 3,436 Lake Pocotopaug
0%
LA 3,991 Lake Providence
0%
VA 41,058 Lake Ridge
0%
NY 20,155 Lake Ronkonkoma
0%
NC 2,506 Lake Royale
0%
CA 4,437 Lake San Marcos
0%
FL 4,679 Lake Sarasota
0%
KY 2,668 Lakeside Park
0%
IN 7,033 Lakes of the Four Seasons
0%
IN 12,572 Lake Station
0%
WA 28,069 Lake Stevens
0%
WA 7,777 Lake Stickney
0%
MO 14,545 Lake St. Louis
0%
NY 2,934 Lake Success
0%
TN 3,803 Lake Tansi
0%
WA 11,859 Lake Tapps
0%
GA 2,695 Lakeview Estates
0%
IL 8,741 Lake Villa
0%
AR 2,575 Lake Village
0%
FL 14,225 Lake Wales
0%
WI 2,651 Lake Wazeecha
0%
VA 2,669 Lake Wilderness
0%
CA 4,991 Lake Wildwood
0%
WI 4,189 Lake Wisconsin
0%
WI 2,738 Lake Wissota
0%
FL 11,323 Lakewood Park
0%
SC 8,841 Lake Wylie
0%
PA 2,640 Lake Wynonah
0%
IL 19,631 Lake Zurich
0%
CA 15,120 Lamont
0%
HI 3,102 Lanai City
0%
OH 6,782 Landen
0%
NC 3,109 Landis
0%
AR 3,555 Landmark
0%
AL 6,468 Lanett
0%
MD 18,755 Langley Park
0%
MD 10,157 Lanham
0%
VA 11,253 Lansdowne
0%
PA 10,620 Lansdowne
0%
MD 8,409 Lansdowne
0%
PA 3,941 Lansford
0%
FL 10,423 Lantana
0%
TX 6,874 Lantana
0%
TX 2,903 La Paloma
0%
MI 8,841 Lapeer
0%
LA 29,872 Laplace
0%
CA 34,169 La Presa
0%
WA 3,318 Larch Way
0%
CA 10,802 La Riviera
0%
CA 8,884 Larkfield-Wikiup
0%
PA 4,480 Larksville
0%
KS 4,054 Larned
0%
LA 7,400 Larose
0%
CO 2,410 Las Animas
0%
CA 2,843 La Selva Beach
0%
CA 5,971 Las Flores
0%
TX 3,147 Las Lomas
0%
CA 3,024 Las Lomas
0%
TX 3,290 Las Quintas Fronterizas
0%
MI 4,075 Lathrup Village
0%
FL 6,056 Lauderdale-by-the-Sea
0%
SC 5,891 Laurel Bay
0%
PA 3,911 Laureldale
0%
TX 3,692 Laureles
0%
VA 6,855 Laurel Hill
0%
NJ 2,989 Laurel Lake
0%
NJ 6,536 Laurence Harbor
0%
NC 15,962 Laurinburg
0%
MD 3,551 La Vale
0%
TN 32,588 La Vergne
0%
UT 4,060 La Verkin
0%
NE 15,758 La Vista
0%
NJ 2,945 Lawnside
0%
PA 3,813 Lawnton
0%
PA 3,982 Lawrence Park
0%
MD 5,169 Layhill
0%
FL 19,879 Lealman
0%
KS 31,867 Leawood
0%
FL 5,882 Lecanto
0%
MN 2,499 Le Center
0%
IA 3,765 Le Claire
0%
NM 5,858 Lee Acres
0%
PA 5,500 Lehighton
0%
FL 22,655 Leisure City
0%
NJ 2,490 Leisure Knoll
0%
NJ 3,582 Leisuretowne
0%
NJ 4,400 Leisure Village
0%
NJ 4,217 Leisure Village East
0%
NJ 3,493 Leisure Village West
0%
MD 8,749 Leisure World
0%
KY 6,699 Leitchfield
0%
PA 2,546 Leith-Hatfield
0%
NC 13,527 Leland
0%
MS 4,481 Leland
0%
FL 3,451 Lely
0%
FL 4,646 Lely Resort
0%
IA 9,826 Le Mars
0%
MO 16,645 Lemay
0%
NV 5,040 Lemmon Valley
0%
CA 13,729 Lemon Hill
0%
IL 16,000 Lemont
0%
CA 24,531 Lemoore
0%
CA 7,438 Lemoore Station
0%
PA 4,553 Lemoyne
0%
NC 18,228 Lenoir
0%
TN 8,642 Lenoir City
0%
CA 3,543 Lenwood
0%
IN 3,603 Leo-Cedarville
0%
PA 7,214 Leola
0%
MD 2,930 Leonardtown
0%
NJ 8,937 Leonia
0%
MN 4,058 Le Sueur
0%
PA 4,020 Level Green
0%
MI 3,409 Level Park-Oak Park
0%
CA 2,421 Lexington Hills
0%
MD 11,626 Lexington Park
0%
MO 3,124 Licking
0%
NY 2,897 Lido Beach
0%
FL 10,344 Lighthouse Point
0%
GA 11,596 Lilburn
0%
NC 3,194 Lillington
0%
OH 3,286 Lincoln Heights
0%
VA 22,855 Lincolnia
0%
OH 9,032 Lincoln Village
0%
CA 4,381 Lincoln Village
0%
IL 12,590 Lincolnwood
0%
NJ 6,135 Lincroft
0%
NY 27,253 Lindenhurst
0%
IL 14,462 Lindenhurst
0%
NJ 17,613 Lindenwold
0%
KS 3,458 Lindsborg
0%
MN 4,442 Lindstrom
0%
AL 2,395 Lineville
0%
MD 8,543 Linganore
0%
PA 6,334 Linglestown
0%
MN 20,216 Lino Lakes
0%
IN 5,413 Linton
0%
VA 35,725 Linton Hall
0%
NJ 7,092 Linwood
0%
PA 3,281 Linwood
0%
PA 6,189 Lionville
0%
ME 4,100 Lisbon Falls
0%
IL 22,390 Lisle
0%
GA 15,491 Lithia Springs
0%
PA 9,369 Lititz
0%
WI 10,449 Little Chute
0%
MN 8,343 Little Falls
0%
NY 4,946 Little Falls
0%
NJ 10,626 Little Ferry
0%
AR 2,585 Little Flock
0%
SC 8,960 Little River
0%
NJ 5,950 Little Silver
0%
PA 4,434 Littlestown
0%
MA 2,789 Littleton Common
0%
NJ 29,366 Livingston Township
0%
TX 3,232 Llano
0%
TX 3,008 Llano Grande
0%
NY 3,660 Lloyd Harbor
0%
CO 4,726 Lochbuie
0%
MD 25,333 Lochearn
0%
VA 3,701 Loch Lomond
0%
FL 4,204 Lochmoor Waterway Estates
0%
WA 2,533 Lochsloy
0%
CA 3,233 Lockeford
0%
PA 9,772 Lock Haven
0%
OH 3,449 Lockland
0%
MT 6,797 Lockwood
0%
GA 5,402 Locust Grove
0%
NY 3,406 Locust Valley
0%
MT 3,892 Lolo
0%
CA 23,261 Loma Linda
0%
WI 2,430 Lomira
0%
CA 20,256 Lomita
0%
OK 5,054 Lone Grove
0%
CO 10,218 Lone Tree
0%
IL 8,043 Long Grove
0%
CT 4,205 Long Hill
0%
IL 3,515 Long Lake
0%
MN 3,458 Long Prairie
0%
OK 2,739 Longtown
0%
WA 3,851 Longview Heights
0%
FL 13,657 Longwood
0%
AR 4,245 Lonoke
0%
MN 3,674 Lonsdale
0%
IN 2,751 Loogootee
0%
CA 6,430 Loomis
0%
TX 4,333 Lopezville
0%
NM 2,797 Lordsburg
0%
OH 3,417 Lordstown
0%
SC 2,396 Loris
0%
VA 18,610 Lorton
0%
NM 5,446 Los Chaves
0%
TX 5,542 Los Fresnos
0%
CA 14,276 Los Osos
0%
NM 6,024 Los Ranchos de Albuquerque
0%
TX 4,509 Lost Creek
0%
CA 2,412 Lost Hills
0%
OH 2,641 Loudonville
0%
VA 3,656 Loudoun Valley Estates
0%
FL 2,680 Loughman
0%
GA 6,422 Lovejoy
0%
IL 23,996 Loves Park
0%
PA 6,694 Lower Allen
0%
PA 11,761 Lower Burrell
0%
FL 3,881 Lower Grand Lagoon
0%
VA 10,756 Lowes Island
0%
NC 2,945 Lowesville
0%
NY 3,470 Lowville
0%
FL 3,180 Loxahatchee Groves
0%
PA 3,428 Loyalhanna
0%
CA 3,261 Loyola
0%
CA 6,094 Lucas Valley-Marinwood
0%
OH 2,757 Lucasville
0%
MS 2,923 Lucedale
0%
CA 5,811 Lucerne Valley
0%
MI 8,076 Ludington
0%
SC 7,434 Lugoff
0%
GA 2,758 Lula
0%
LA 12,119 Luling
0%
TX 5,411 Luling
0%
GA 2,741 Lumpkin
0%
LA 3,559 Lutcher
0%
MD 6,504 Lutherville
0%
MN 4,745 Luverne
0%
AL 2,800 Luverne
0%
PA 2,845 Luzerne
0%
TX 2,611 Lyford
0%
SC 3,243 Lyman
0%
NY 19,427 Lynbrook
0%
NY 4,250 Lyncourt
0%
OH 14,001 Lyndhurst
0%
NJ 20,554 Lyndhurst Township
0%
FL 18,493 Lynn Haven
0%
TX 2,492 Lytle
0%
TX 3,035 Mabank
0%
GA 37,115 Mableton
0%
FL 6,374 Macclenny
0%
IL 23,499 Machesney Park
0%
PA 3,074 Macungie
0%
ME 2,967 Madawaska
0%
CA 9,163 Madera Acres
0%
OK 3,770 Madill
0%
NJ 7,144 Madison Park
0%
UT 3,601 Maeser
0%
CA 11,310 Magalia
0%
MS 4,408 Magee
0%
UT 26,505 Magna
0%
PA 4,162 Mahanoy City
0%
NY 8,369 Mahopac
0%
MN 7,676 Mahtomedi
0%
HI 9,488 Maili
0%
FL 15,751 Maitland
0%
KS 3,420 Maize
0%
HI 8,278 Makaha
0%
HI 18,248 Makakilo
0%
HI 7,184 Makawao
0%
FL 2,757 Malabar
0%
MT 3,472 Malmstrom AFB
0%
WA 10,830 Maltby
0%
NY 8,514 Malverne
0%
NY 18,929 Mamaroneck
0%
LA 3,242 Mamou
0%
NJ 5,897 Manasquan
0%
FL 11,313 Mango
0%
OK 3,010 Mangum
0%
NY 3,592 Manhasset Hills
0%
MI 6,226 Manistee
0%
MI 3,097 Manistique
0%
CO 4,992 Manitou Springs
0%
NY 4,704 Manlius
0%
OK 3,076 Mannford
0%
NY 6,556 Manorhaven
0%
NY 14,314 Manorville
0%
MA 7,360 Mansfield Center
0%
IL 9,204 Manteno
0%
UT 3,276 Manti
0%
LA 2,853 Many
0%
PA 6,742 Maple Glen
0%
OH 23,138 Maple Heights
0%
WA 3,152 Maple Heights-Lake Desire
0%
WA 22,684 Maple Valley
0%
NJ 23,867 Maplewood Township
0%
IA 6,141 Maquoketa
0%
PA 2,397 Marcus Hook
0%
NJ 6,354 Margate City
0%
OH 3,403 Mariemont
0%
PA 3,137 Marienville
0%
WA 3,906 Marietta-Alderwood
0%
CA 8,866 Marina del Rey
0%
CA 2,666 Marin City
0%
MI 4,248 Marine City
0%
AR 2,566 Marked Tree
0%
IL 12,508 Markham
0%
LA 5,702 Marksville
0%
MD 3,672 Marlboro Meadows
0%
MD 9,438 Marlboro Village
0%
OK 4,662 Marlow
0%
MD 5,618 Marlow Heights
0%
NJ 10,133 Marlton
0%
MD 9,031 Marlton
0%
NC 3,615 Mar-Mac
0%
IL 2,824 Marquette Heights
0%
LA 33,141 Marrero
0%
NC 2,402 Marshville
0%
WA 15,473 Martha Lake
0%
OH 6,915 Martins Ferry
0%
VA 35,036 Marumsco
0%
NC 5,579 Marvin
0%
FL 3,851 Mary Esther
0%
FL 5,101 Mascotte
0%
IL 7,483 Mascoutah
0%
PA 3,450 Masontown
0%
VA 4,833 Massanetta Springs
0%
NY 17,008 Massapequa Park
0%
NY 15,481 Mastic
0%
NY 12,930 Mastic Beach
0%
PA 2,469 Matamoras
0%
NJ 8,810 Matawan
0%
CA 4,451 Mather
0%
TX 4,942 Mathis
0%
VA 2,403 Matoaca
0%
MA 2,915 Mattapoisett Center
0%
WA 4,437 Mattawa
0%
IL 19,009 Matteson
0%
NY 4,219 Mattituck
0%
NY 6,446 Mattydale
0%
MD 3,071 Maugansville
0%
OH 14,286 Maumee
0%
AR 17,163 Maumelle
0%
TX 3,252 Mauriceville
0%
NC 2,426 Maxton
0%
NY 2,958 Maybrook
0%
CA 4,589 Mayfair
0%
OH 19,155 Mayfield Heights
0%
CA 5,515 Mayflower Village
0%
MA 10,106 Maynard
0%
TN 2,413 Maynardville
0%
NC 2,478 Mayodan
0%
MD 11,420 Mays Chapel
0%
KY 9,011 Maysville
0%
PA 3,824 Maytown
0%
WI 5,154 Mayville
0%
WA 2,507 McChord AFB
0%
IN 4,797 McCordsville
0%
SC 2,783 McCormick
0%
GA 22,084 McDonough
0%
CA 12,707 McFarland
0%
WI 7,808 McFarland
0%
AR 4,219 McGehee
0%
PA 2,742 McGovern
0%
FL 7,406 McGregor
0%
TX 4,987 McGregor
0%
NJ 3,710 McGuire AFB
0%
PA 6,104 McKees Rocks
0%
IL 2,883 McLeansboro
0%
OK 4,044 McLoud
0%
PA 4,647 McMurray
0%
VA 17,513 McNair
0%
TX 2,545 McQueeney
0%
GA 5,740 McRae
0%
PA 3,038 McSherrystown
0%
CA 4,171 McSwain
0%
VA 18,312 Meadowbrook
0%
AL 8,769 Meadowbrook
0%
CA 3,185 Meadowbrook
0%
WA 2,826 Meadowdale
0%
WA 2,541 Meadow Glade
0%
FL 2,442 Meadow Oaks
0%
PA 2,693 Meadowood
0%
TX 4,660 Meadows Place
0%
CA 3,217 Meadow Vista
0%
FL 25,558 Meadow Woods
0%
CA 18,510 Mead Valley
0%
NC 11,393 Mebane
0%
NY 6,858 Mechanicstown
0%
NY 5,196 Mechanicville
0%
MA 6,483 Medfield
0%
NJ 4,146 Medford Lakes
0%
WA 5,060 Medical Lake
0%
FL 8,892 Medulla
0%
CO 2,475 Meeker
0%
MO 28,380 Mehlville
0%
CA 3,571 Meiners Oaks
0%
IN 3,628 Melody Hill
0%
IL 25,411 Melrose Park
0%
MI 10,715 Melvindale
0%
MD 3,051 Melwood
0%
AR 5,737 Mena
0%
NY 3,990 Menands
0%
WI 17,353 Menasha
0%
MS 2,504 Mendenhall
0%
NJ 4,981 Mendham
0%
MN 11,071 Mendota Heights
0%
CA 8,720 Mentone
0%
OH 7,443 Mentor-on-the-Lake
0%
LA 5,816 Meraux
0%
WA 22,699 Mercer Island
0%
NJ 13,230 Mercerville
0%
NJ 3,821 Merchantville
0%
AL 6,021 Meridianville
0%
TX 2,590 Merkel
0%
KS 11,003 Merriam
0%
NY 22,097 Merrick
0%
VA 15,212 Merrifield
0%
IN 35,246 Merrillville
0%
LA 9,772 Merrydale
0%
WI 3,346 Merton
0%
IL 3,636 Metamora
0%
MA 47,255 Methuen Town
0%
GA 4,130 Metter
0%
OR 3,765 Metzger
0%
TX 7,459 Mexia
0%
OH 4,731 Miami Heights
0%
FL 9,052 Micco
0%
MI 4,672 Michigan Center
0%
MA 7,319 Middleborough Center
0%
OH 15,946 Middleburg Heights
0%
OH 2,694 Middlefield
0%
NY 10,483 Middle Island
0%
OH 2,530 Middleport
0%
MD 25,191 Middle River
0%
TN 12,684 Middle Valley
0%
MI 3,319 Middleville
0%
NJ 7,128 Midland Park
0%
CA 8,485 Midway City
0%
TX 4,752 Midway North
0%
PA 3,540 Mifflinburg
0%
MN 2,946 Milaca
0%
TX 6,222 Mila Doce
0%
SC 3,353 Milbank
0%
MD 29,042 Milford Mill
0%
HI 21,039 Mililani Mauka
0%
HI 27,629 Mililani Town
0%
AL 14,640 Millbrook
0%
WA 15,709 Mill Creek East
0%
NY 12,339 Miller Place
0%
CO 5,610 Milliken
0%
TN 10,176 Millington
0%
MA 4,403 Millis-Clicquot
0%
DE 3,877 Millsboro
0%
NC 6,802 Mills River
0%
IL 4,011 Millstadt
0%
PA 3,744 Millvale
0%
CA 13,903 Mill Valley
0%
OR 7,050 Milton-Freewater
0%
WI 2,487 Mineral Point
0%
OH 3,892 Mineral Ridge
0%
NC 2,639 Mineral Springs
0%
OH 3,720 Minerva
0%
OH 3,454 Mingo Junction
0%
MN 6,384 Minnetrista
0%
NY 3,449 Minoa
0%
IL 10,924 Minooka
0%
NC 5,521 Minot AFB
0%
NC 22,722 Mint Hill
0%
CA 21,930 Mira Loma
0%
FL 6,146 Miramar Beach
0%
CA 6,854 Mira Monte
0%
WA 3,659 Mirrormont
0%
TX 36,501 Mission Bend
0%
CA 3,576 Mission Hills
0%
KS 3,498 Mission Hills
0%
MS 4,005 Mississippi State
0%
IA 2,838 Missouri Valley
0%
MD 10,967 Mitchellville
0%
NV 6,924 Moapa Valley
0%
MO 13,974 Moberly
0%
SC 3,465 Mobridge
0%
NC 5,051 Mocksville
0%
OH 3,853 Mogadore
0%
AZ 2,616 Mohave Valley
0%
PA 3,043 Mohnton
0%
IL 18,740 Mokena
0%
OR 8,108 Molalla
0%
MO 2,442 Moline Acres
0%
IL 3,310 Momence
0%
PA 5,737 Monaca
0%
SC 7,885 Moncks Corner
0%
WI 2,777 Mondovi
0%
IL 5,148 Monee
0%
MO 8,873 Monett
0%
OH 11,948 Monfort Heights
0%
NJ 3,279 Monmouth Beach
0%
NJ 2,887 Monmouth Junction
0%
WI 7,533 Monona
0%
PA 4,300 Monongahela
0%
CA 3,127 Mono Vista
0%
NY 18,412 Monsey
0%
CA 2,876 Montalvin Manor
0%
CA 2,909 Montara
0%
CA 3,341 Monte Sereno
0%
AL 6,323 Montevallo
0%
CO 4,444 Monte Vista
0%
GA 3,460 Montezuma
0%
MO 2,834 Montgomery City
0%
MD 32,032 Montgomery Village
0%
PA 12,624 Montgomeryville
0%
PA 4,615 Montoursville
0%
OH 5,177 Montrose-Ghent
0%
FL 3,283 Montura
0%
NJ 7,844 Montvale
0%
CO 5,530 Monument
0%
MA 2,790 Monument Beach
0%
AL 11,726 Moody
0%
NJ 2,708 Moonachie
0%
FL 4,919 Moon Lake
0%
AL 5,682 Moores Mill
0%
NJ 14,217 Moorestown-Lenola
0%
PA 5,719 Moosic
0%
CT 3,231 Moosup
0%
CA 3,828 Morada
0%
OH 6,307 Moraine
0%
OH 3,320 Moreland Hills
0%
KY 3,285 Morganfield
0%
TX 4,170 Morgan's Point Resort
0%
NY 2,838 Moriches
0%
CA 3,552 Morongo Valley
0%
AR 6,767 Morrilton
0%
GA 6,445 Morrow
0%
IL 23,270 Morton Grove
0%
MO 2,509 Moscow Mills
0%
WA 4,418 Moses Lake North
0%
CA 3,103 Moss Beach
0%
LA 11,557 Moss Bluff
0%
MS 13,704 Moss Point
0%
GA 14,268 Moultrie
0%
MN 12,155 Mounds View
0%
AL 20,413 Mountain Brook
0%
MO 4,789 Mountain Grove
0%
ID 3,238 Mountain Home AFB
0%
CA 9,675 Mountain House
0%
MN 2,869 Mountain Iron
0%
GA 11,554 Mountain Park
0%
PA 10,982 Mountain Top
0%
CA 3,130 Mountain View Acres
0%
OR 3,286 Mount Angel
0%
NJ 5,050 Mount Arlington
0%
IL 7,284 Mount Carmel
0%
PA 5,893 Mount Carmel
0%
TN 5,429 Mount Carmel
0%
OH 4,741 Mount Carmel
0%
MI 16,314 Mount Clemens
0%
FL 12,370 Mount Dora
0%
NJ 4,676 Mount Ephraim
0%
OH 3,660 Mount Gilead
0%
OH 6,098 Mount Healthy
0%
OH 3,264 Mount Healthy Heights
0%
VA 3,966 Mount Hermon
0%
OR 4,864 Mount Hood Village
0%
WI 7,009 Mount Horeb
0%
NY 6,878 Mount Ivy
0%
PA 7,410 Mount Joy
0%
TN 23,671 Mount Juliet
0%
NY 10,877 Mount Kisco
0%
WA 19,909 Mountlake Terrace
0%
PA 33,137 Mount Lebanon Municipality
0%
MI 3,086 Mount Morris
0%
IL 2,998 Mount Morris
0%
NY 2,986 Mount Morris
0%
PA 3,403 Mount Oliver
0%
OH 3,664 Mount Orab
0%
PA 3,106 Mount Penn
0%
FL 4,011 Mount Plymouth
0%
PA 3,170 Mount Pocono
0%
OH 4,672 Mount Repose
0%
CA 3,394 Mount Shasta
0%
NY 12,118 Mount Sinai
0%
KY 6,895 Mount Sterling
0%
PA 2,447 Mount Union
0%
PA 2,802 Mountville
0%
WA 7,850 Mount Vista
0%
WA 3,308 Moxee
0%
NC 3,759 Moyock
0%
WA 20,254 Mukilteo
0%
WI 7,355 Mukwonago
0%
FL 3,817 Mulberry
0%
OH 3,323 Mulberry
0%
OK 3,466 Muldrow
0%
TX 5,158 Muleshoe
0%
NJ 3,982 Mullica Hill
0%
SC 4,663 Mullins
0%
KS 6,111 Mulvane
0%
IL 31,064 Mundelein
0%
TN 5,927 Munford
0%
PA 11,406 Munhall
0%
OH 5,012 Munroe Falls
0%
NY 2,693 Munsey Park
0%
NY 2,728 Munsons Corners
0%
TX 7,344 Murillo
0%
IL 7,970 Murphysboro
0%
NC 14,215 Murraysville
0%
SC 7,547 Murrells Inlet
0%
PA 20,079 Murrysville
0%
CA 10,644 Muscoy
0%
PA 2,504 Muse
0%
MI 10,856 Muskegon Heights
0%
NY 3,497 Muttontown
0%
NY 6,790 Myers Corner
0%
PA 3,062 Myerstown
0%
OR 3,439 Myrtle Creek
0%
FL 15,870 Myrtle Grove
0%
NC 8,875 Myrtle Grove
0%
OR 2,514 Myrtle Point
0%
CA 4,675 Myrtletown
0%
NJ 8,493 Mystic Island
0%
MA 3,410 Nahant
0%
HI 12,666 Nanakuli
0%
PA 10,465 Nanticoke
0%
PA 2,734 Nanty-Glo
0%
NY 17,882 Nanuet
0%
HI 7,261 Napili-Honokowai
0%
FL 5,562 Naples Manor
0%
FL 5,967 Naples Park
0%
IN 6,648 Nappanee
0%
FL 8,303 Naranja
0%
PA 4,282 Narberth
0%
RI 3,409 Narragansett Pier
0%
TX 4,002 Nassau Bay
0%
FL 5,337 Nassau Village-Ratliff
0%
LA 2,984 Natalbany
0%
MD 3,788 National Harbor
0%
NJ 3,036 National Park
0%
MD 4,802 Naval Academy
0%
TX 7,049 Navasota
0%
WA 2,477 Navy Yard City
0%
VA 12,068 Neabsco
0%
TX 2,823 Needville
0%
WI 25,501 Neenah
0%
MI 4,568 Negaunee
0%
WI 2,463 Neillsville
0%
WI 2,580 Nekoosa
0%
NV 3,187 Nellis AFB
0%
KS 2,486 Neodesha
0%
MO 11,835 Neosho
0%
FL 7,037 Neptune Beach
0%
NJ 4,869 Neptune City
0%
NY 13,387 Nesconset
0%
PA 3,349 Nesquehoning
0%
NJ 3,232 Netcong
0%
PA 13,706 Nether Providence Township
0%
IL 3,349 New Baden
0%
MI 12,084 New Baltimore
0%
VA 8,119 New Baltimore
0%
MN 21,456 New Brighton
0%
PA 6,025 New Brighton
0%
OH 5,069 New Burlington
0%
OH 5,785 New Carlisle
0%
MD 12,135 New Carrollton
0%
NY 14,059 New Cassel
0%
OH 3,822 Newcomerstown
0%
OH 2,491 New Concord
0%
OK 2,915 New Cordell
0%
PA 7,277 New Cumberland
0%
NJ 2,512 New Egypt
0%
NY 3,822 Newfane
0%
OH 14,227 New Franklin
0%
PA 4,464 New Freedom
0%
IA 3,571 New Hampton
0%
NY 5,132 New Hempstead
0%
WI 3,236 New Holstein
0%
NY 9,712 New Hyde Park
0%
VA 12,442 Newington Forest
0%
PA 13,116 New Kensington
0%
AZ 12,134 New Kingman-Butler
0%
OH 3,995 New Lebanon
0%
IL 24,394 New Lenox
0%
OH 4,731 New Lexington
0%
LA 2,504 New Llano
0%
PA 2,478 Newmanstown
0%
WV 5,366 New Martinsville
0%
RI 11,769 Newport East
0%
FL 10,036 New Port Richey East
0%
NJ 12,171 New Providence
0%
LA 4,831 New Roads
0%
NY 6,944 New Square
0%
TN 3,037 New Tazewell
0%
TX 15,186 New Territory
0%
OH 4,795 Newton Falls
0%
PA 3,620 Newtown Grant
0%
IN 5,472 New Whiteland
0%
PA 2,466 New Wilmington
0%
NY 8,922 New Windsor
0%
NY 3,327 New York Mills
0%
CT 3,114 Niantic
0%
UT 5,438 Nibley
0%
KY 28,015 Nicholasville
0%
OK 3,710 Nichols Hills
0%
OK 2,393 Nicoma Park
0%
AK 4,493 Nikiski
0%
CA 16,714 Nipomo
0%
NY 4,859 Niskayuna
0%
CO 4,006 Niwot
0%
FL 4,524 Nocatee
0%
TX 3,033 Nocona
0%
FL 3,167 Nokomis
0%
TN 5,861 Nolensville
0%
WA 6,335 Normandy Park
0%
IL 14,572 Norridge
0%
TX 3,235 North Alamo
0%
MA 6,819 North Amherst
0%
NY 17,862 North Amityville
0%
NJ 15,392 North Arlington
0%
GA 40,456 North Atlanta
0%
CA 13,022 North Auburn
0%
IL 16,760 North Aurora
0%
NY 17,509 North Babylon
0%
OH 3,432 North Baltimore
0%
IL 3,047 North Barrington
0%
NY 18,944 North Bay Shore
0%
FL 7,137 North Bay Village
0%
NY 19,941 North Bellmore
0%
NY 11,545 North Bellport
0%
NJ 60,773 North Bergen Township
0%
NY 2,521 North Boston
0%
PA 4,857 North Braddock
0%
MN 10,125 North Branch
0%
FL 3,544 North Brooksville
0%
MT 2,408 North Browning
0%
NJ 40,742 North Brunswick Township
0%
NJ 6,183 North Caldwell
0%
NJ 3,226 North Cape May
0%
PA 2,849 North Catasauqua
0%
NC 3,747 Northchase
0%
OH 9,397 North College Hill
0%
AR 3,119 North Crossett
0%
FL 22,079 Northdale
0%
GA 16,698 North Decatur
0%
GA 18,947 North Druid Hills
0%
NY 2,641 Northeast Ithaca
0%
CA 3,723 North El Monte
0%
PA 3,835 Northern Cambria
0%
CA 14,687 North Fair Oaks
0%
MA 3,084 North Falmouth
0%
WI 5,014 North Fond du Lac
0%
WA 2,699 North Fort Lewis
0%
FL 39,407 North Fort Myers
0%
OH 7,377 Northgate
0%
NY 9,512 North Gates
0%
NY 4,001 North Great River
0%
NJ 8,417 North Haledon
0%
SC 3,251 North Hartsville
0%
CA 42,694 North Highlands
0%
NY 5,075 North Hills
0%
NM 5,391 North Hobbs
0%
WI 3,768 North Hudson
0%
MO 4,208 North Kansas City
0%
MD 9,514 North Kensington
0%
OH 2,923 North Kingsville
0%
CA 3,314 North Lakeport
0%
MA 2,630 North Lakeville
0%
MD 4,474 North Laurel
0%
NY 11,652 North Lindenhurst
0%
UT 8,269 North Logan
0%
WA 16,574 North Lynnwood
0%
OH 8,547 North Madison
0%
IN 6,112 North Manchester
0%
MN 13,394 North Mankato
0%
NY 17,886 North Massapequa
0%
NY 12,272 North Merrick
0%
NJ 3,295 North Middletown
0%
MI 3,786 North Muskegon
0%
NY 14,899 North New Hyde Park
0%
MN 4,469 North Oaks
0%
OH 32,718 North Olmsted
0%
NY 7,246 North Patchogue
0%
MA 3,292 North Pembroke
0%
MA 3,600 North Plymouth
0%
MD 24,410 North Potomac
0%
RI 32,078 North Providence Town
0%
CA 3,717 North Richmond
0%
OH 29,465 North Ridgeville
0%
FL 3,079 North River Shores
0%
IL 6,672 North Riverside
0%
OH 30,444 North Royalton
0%
FL 6,982 North Sarasota
0%
MA 5,077 North Scituate
0%
MA 2,643 North Seekonk
0%
SC 2,530 North Sioux City
0%
DE 7,980 North Star
0%
MN 11,460 North St. Paul
0%
NY 6,800 North Syracuse
0%
IN 4,305 North Terre Haute
0%
NJ 4,640 Northvale
0%
NY 16,628 North Valley Stream
0%
PA 10,229 North Versailles Township
0%
PA 3,229 North Wales
0%
NY 11,960 North Wantagh
0%
FL 8,524 North Weeki Wachee
0%
NY 3,317 Northwest Harbor
0%
PA 8,949 Northwest Harborcreek
0%
MA 3,929 Northwest Harwich
0%
CT 3,252 Northwest Harwinton
0%
MA 4,571 North Westport
0%
NJ 4,041 North Wildwood
0%
ME 4,904 North Windham
0%
MO 4,227 Northwoods
0%
WA 2,906 North Yelm
0%
OH 2,816 North Zanesville
0%
MA 2,671 Norton Center
0%
MI 23,994 Norton Shores
0%
MN 3,549 Norwood Young America
0%
OK 3,731 Nowata
0%
MN 4,443 Nowthen
0%
NY 3,568 Noyack
0%
NJ 28,370 Nutley Township
0%
OR 3,267 Nyssa
0%
IL 27,962 Oak Forest
0%
WA 22,075 Oak Harbor
0%
OH 2,759 Oak Harbor
0%
LA 8,195 Oak Hills Place
0%
IN 2,429 Oakland City
0%
KS 3,276 Oaklawn-Sunview
0%
FL 20,315 Oakleaf Plantation
0%
MN 4,339 Oak Park Heights
0%
TX 2,786 Oak Point
0%
TX 3,049 Oak Ridge North
0%
TX 2,755 Oak Trail Shores
0%
CA 6,890 Oasis
0%
OR 13,415 Oatfield
0%
OH 4,532 Obetz
0%
NJ 16,142 Ocean Acres
0%
MA 4,970 Ocean Bluff-Brant Rock
0%
NJ 3,342 Ocean Grove
0%
MA 2,811 Ocean Grove
0%
CA 7,286 Oceano
0%
MD 11,710 Ocean Pines
0%
HI 8,361 Ocean Pointe
0%
NJ 5,832 Oceanport
0%
WA 5,569 Ocean Shores
0%
MS 17,442 Ocean Springs
0%
GA 3,414 Ocilla
0%
WI 4,513 Oconto
0%
WI 2,891 Oconto Falls
0%
TX 2,389 Odem
0%
AL 3,585 Odenville
0%
IA 6,415 Oelwein
0%
NE 4,644 Offutt AFB
0%
IL 3,791 Oglesby
0%
PA 8,407 O'Hara Township
0%
FL 18,036 Ojus
0%
WA 2,552 Okanogan
0%
WI 4,422 Okauchee Lake
0%
OK 3,223 Okemah
0%
MI 21,369 Okemos
0%
OK 12,321 Okmulgee
0%
MS 2,692 Okolona
0%
NY 5,523 Old Bethpage
0%
CA 5,365 Old Fig Garden
0%
PA 8,313 Old Forge
0%
CT 6,611 Old Greenwich
0%
MO 19,184 Old Jamestown
0%
LA 6,980 Old Jefferson
0%
CT 3,554 Old Mystic
0%
PA 2,434 Old Orchard
0%
ME 8,624 Old Orchard Beach
0%
FL 13,591 Oldsmar
0%
NJ 5,750 Old Tappan
0%
NY 14,452 Olean
0%
TX 3,827 Olivarez
0%
CA 13,656 Olivehurst
0%
TN 3,231 Oliver Springs
0%
MO 7,737 Olivette
0%
OH 9,024 Olmsted Falls
0%
IL 4,988 Olympia Fields
0%
FL 13,488 Olympia Heights
0%
PA 5,151 Olyphant
0%
WI 3,517 Omro
0%
IA 2,998 Onawa
0%
WI 2,887 Oostburg
0%
AZ 3,686 Oracle
0%
NJ 7,978 Oradell
0%
CA 9,078 Orange Cove
0%
NY 6,982 Orange Lake
0%
FL 4,406 Orangetree
0%
CO 3,119 Orchard City
0%
MT 5,197 Orchard Homes
0%
CO 6,836 Orchard Mesa
0%
WA 19,556 Orchards
0%
HI 2,815 Orchidlands Estates
0%
CA 28,905 Orcutt
0%
PA 5,678 Oreland
0%
IL 7,149 Orland Hills
0%
FL 6,123 Orlovista
0%
FL 7,406 Ormond-By-The-Sea
0%
ID 3,142 Orofino
0%
CA 8,770 Orosi
0%
CA 8,280 Oroville East
0%
WA 6,746 Orting
0%
PA 3,099 Orwigsburg
0%
MO 4,351 Osage Beach
0%
KS 2,943 Osage City
0%
KS 4,447 Osawatomie
0%
IA 11,463 Oskaloosa
0%
FL 6,100 Osprey
0%
MN 2,430 Osseo
0%
IN 3,289 Ossian
0%
WA 7,364 Othello
0%
WA 6,220 Otis Orchards-East Farms
0%
OH 4,517 Ottawa Hills
0%
MD 12,275 Overlea
0%
TX 3,492 Ovilla
0%
MN 25,599 Owatonna
0%
MI 15,194 Owosso
0%
CT 3,165 Oxoboxo River
0%
MD 17,722 Oxon Hill
0%
TX 3,225 Ozona
0%
FL 20,039 Pace
0%
CA 3,685 Pacheco
0%
CA 15,041 Pacific Grove
0%
WI 2,992 Paddock Lake
0%
WV 2,633 Paden City
0%
MO 3,304 Pagedale
0%
SC 2,760 Pageland
0%
HI 2,668 Paia
0%
CA 3,070 Pajaro
0%
TX 4,718 Palacios
0%
NJ 19,622 Palisades Park
0%
PA 3,762 Palmer Heights
0%
CO 2,420 Palmer Lake
0%
PA 5,414 Palmerton
0%
MA 12,140 Palmer Town
0%
FL 23,410 Palmetto Bay
0%
FL 13,535 Palmetto Estates
0%
TX 2,607 Palmhurst
0%
FL 21,024 Palm River-Clair Mel
0%
FL 5,253 Palm Springs North
0%
FL 20,019 Palm Valley
0%
TX 5,575 Palmview South
0%
TX 2,501 Paloma Creek
0%
TX 2,753 Paloma Creek South
0%
IL 12,515 Palos Heights
0%
IL 17,484 Palos Hills
0%
IL 4,847 Palos Park
0%
CA 13,438 Palos Verdes Estates
0%
TX 2,452 Panhandle
0%
TX 2,394 Pantego
0%
GA 9,749 Panthersville
0%
NJ 3,327 Panther Valley
0%
VA 3,027 Pantops
0%
KS 5,602 Paola
0%
PA 5,575 Paoli
0%
IN 3,677 Paoli
0%
NE 18,894 Papillion
0%
NM 4,256 Paradise Hills
0%
MD 2,571 Paramount-Long Meadow
0%
PA 3,593 Parkesburg
0%
WI 2,462 Park Falls
0%
IL 21,975 Park Forest
0%
PA 9,660 Park Forest Village
0%
OK 3,909 Park Hill
0%
MO 8,759 Park Hills
0%
KY 2,970 Park Hills
0%
OH 4,343 Park Layne
0%
MN 3,709 Park Rapids
0%
CA 2,621 Parksdale
0%
CA 14,494 Parlier
0%
OH 20,718 Parma Heights
0%
UT 2,790 Parowan
0%
FL 7,570 Pasadena Hills
0%
RI 4,577 Pascoag
0%
MS 4,613 Pass Christian
0%
OH 14,962 Pataskala
0%
PA 3,029 Patterson Township
0%
AZ 5,231 Paulden
0%
OH 3,605 Paulding
0%
NJ 6,097 Paulsboro
0%
OK 6,187 Pauls Valley
0%
CT 5,624 Pawcatuck
0%
OK 3,584 Pawhuska
0%
MI 3,534 Paw Paw
0%
MI 3,511 Paw Paw Lake
0%
PA 5,412 Paxtonia
0%
ID 7,433 Payette
0%
MN 2,432 Paynesville
0%
WA 3,324 Peaceful Valley
0%
NJ 2,582 Peapack and Gladstone
0%
WV 6,650 Pea Ridge
0%
AR 4,794 Pea Ridge
0%
FL 3,587 Pea Ridge
0%
VA 2,786 Pearisburg
0%
MI 2,829 Pearl Beach
0%
TX 9,146 Pearsall
0%
FL 7,622 Pebble Creek
0%
TX 4,099 Pecan Acres
0%
TX 15,963 Pecan Grove
0%
TX 5,294 Pecan Plantation
0%
MO 4,608 Peculiar
0%
CA 12,672 Pedley
0%
NY 5,486 Pelham Manor
0%
FL 6,346 Pelican Bay
0%
MN 2,464 Pelican Rapids
0%
IA 10,352 Pella
0%
AL 12,695 Pell City
0%
WI 3,722 Pell Lake
0%
NJ 2,423 Pemberton Heights
0%
CT 3,680 Pemberwick
0%
FL 6,102 Pembroke Park
0%
PA 3,595 Pen Argyl
0%
PA 3,008 Penbrook
0%
TX 4,403 Penitas
0%
PA 4,493 Penn Estates
0%
CA 2,522 Penngrove
0%
PA 42,329 Penn Hills Municipality
0%
NJ 35,885 Pennsauken Township
0%
PA 3,843 Pennsburg
0%
NJ 5,147 Penns Grove
0%
PA 4,215 Pennside
0%
NJ 11,888 Pennsville
0%
PA 5,697 Penn Wynne
0%
NY 5,159 Penn Yan
0%
CO 3,582 Penrose
0%
IL 6,156 Peoria Heights
0%
IL 4,142 Peotone
0%
MA 2,504 Pepperell
0%
MD 4,895 Peppermill Village
0%
OH 5,979 Pepper Pike
0%
NM 3,660 Peralta
0%
TX 5,376 Perezville
0%
MN 2,985 Perham
0%
PA 8,511 Perkasie
0%
MD 28,474 Perry Hall
0%
OH 8,441 Perry Heights
0%
WI 3,502 Peshtigo
0%
MI 5,670 Petoskey
0%
MO 5,484 Pevely
0%
WI 13,195 Pewaukee
0%
WI 8,166 Pewaukee
0%
CA 14,304 Phelan
0%
OR 4,584 Philomath
0%
CA 4,269 Phoenix Lake
0%
MS 10,878 Picayune
0%
SC 3,126 Pickens
0%
OH 18,291 Pickerington
0%
WA 8,809 Picnic Point
0%
AZ 9,563 Picture Rocks
0%
NY 2,510 Piermont
0%
LA 3,169 Pierre Part
0%
AR 3,849 Piggott
0%
DE 7,898 Pike Creek
0%
DE 11,217 Pike Creek Valley
0%
AL 5,406 Pike Road
0%
TX 3,856 Pilot Point
0%
VA 6,094 Pimmit Hills
0%
NH 4,780 Pinardville
0%
WV 3,262 Pinch
0%
MI 2,427 Pinckney
0%
IL 5,648 Pinckneyville
0%
FL 10,805 Pine Castle
0%
MN 3,263 Pine Island
0%
NJ 8,707 Pine Lake Park
0%
MO 3,275 Pine Lawn
0%
AL 4,183 Pine Level
0%
FL 3,428 Pine Manor
0%
CA 2,796 Pine Mountain Lake
0%
AZ 4,282 Pinetop-Lakeside
0%
AR 4,699 Piney
0%
NC 13,293 Piney Green
0%
TX 3,125 Piney Point Village
0%
IL 4,532 Pingree Grove
0%
CA 7,272 Piñon Hills
0%
AL 7,163 Pinson
0%
MN 4,317 Pipestone
0%
IL 3,454 Pistakee Highlands
0%
PA 3,294 Pitcairn
0%
NJ 9,011 Pitman
0%
NC 3,743 Pittsboro
0%
IN 2,928 Pittsboro
0%
CA 3,310 Pixley
0%
NM 4,977 Placitas
0%
UT 5,476 Plain City
0%
OH 4,225 Plain City
0%
NY 8,817 Plainedge
0%
CT 2,557 Plainfield Village
0%
NJ 2,712 Plainsboro Center
0%
MI 3,804 Plainwell
0%
CA 4,584 Planada
0%
LA 7,119 Plaquemine
0%
NE 6,502 Plattsmouth
0%
PA 2,879 Pleasant Gap
0%
NC 4,489 Pleasant Garden
0%
PA 8,268 Pleasant Hills
0%
MD 3,379 Pleasant Hills
0%
WI 19,719 Pleasant Prairie
0%
MI 2,526 Pleasant Ridge
0%
OH 4,953 Pleasant Run
0%
OH 4,654 Pleasant Run Farm
0%
WV 3,149 Pleasant Valley
0%
MO 2,961 Pleasant Valley
0%
UT 7,979 Pleasant View
0%
TN 4,149 Pleasant View
0%
CA 5,846 Pleasure Point
0%
WI 12,123 Plover
0%
CA 5,853 Plumas Lake
0%
PA 2,637 Plumsteadville
0%
PA 6,177 Plymouth Meeting
0%
MI 27,524 Plymouth Township
0%
MA 2,851 Pocasset
0%
OK 4,056 Pocola
0%
MD 4,184 Pocomoke City
0%
PA 3,209 Pocono Woodland Lakes
0%
FL 53,193 Poinciana
0%
FL 2,991 Point Baker
0%
NJ 4,665 Point Pleasant Beach
0%
NC 3,375 Polkton
0%
CA 6,871 Pollock Pines
0%
MT 4,488 Polson
0%
NJ 11,097 Pompton Lakes
0%
FL 3,032 Ponce Inlet
0%
LA 6,559 Ponchatoula
0%
CO 3,232 Ponderosa Park
0%
IL 5,836 Pontoon Beach
0%
MS 5,625 Pontotoc
0%
CA 2,470 Poplar-Cotton Center
0%
IL 5,023 Poplar Grove
0%
MS 2,894 Poplarville
0%
OH 6,968 Portage Lakes
0%
MO 3,228 Portageville
0%
LA 5,180 Port Allen
0%
WA 3,036 Port Angeles East
0%
OH 6,056 Port Clinton
0%
NC 6,204 Porters Neck
0%
NY 3,546 Port Ewen
0%
WA 3,580 Port Hadlock-Irondale
0%
TX 5,006 Port Isabel
0%
NY 7,838 Port Jefferson Station
0%
FL 3,530 Port LaBelle
0%
WA 2,603 Port Ludlow
0%
NJ 3,818 Port Monmouth
0%
CA 4,353 Portola Valley
0%
NJ 3,728 Port Reading
0%
FL 2,671 Port Richey
0%
SC 10,678 Port Royal
0%
FL 10,091 Port Salerno
0%
FL 3,445 Port St. Joe
0%
FL 12,267 Port St. John
0%
PA 3,798 Port Vue
0%
NY 3,154 Port Washington North
0%
GA 5,359 Port Wentworth
0%
IL 5,987 Posen
0%
OK 8,520 Poteau
0%
TX 3,260 Poteet
0%
VA 5,614 Potomac Mills
0%
MD 2,530 Potomac Park
0%
TX 2,991 Potosi
0%
MO 2,660 Potosi
0%
PA 3,469 Pottsgrove
0%
WA 9,200 Poulsbo
0%
GA 13,940 Powder Springs
0%
SC 7,618 Powdersville
0%
WI 2,528 Poynette
0%
WI 5,911 Prairie du Chien
0%
WI 3,972 Prairie du Sac
0%
AR 4,380 Prairie Grove
0%
WA 4,405 Prairie Heights
0%
WA 11,464 Prairie Ridge
0%
KS 21,447 Prairie Village
0%
TX 2,653 Premont
0%
IL 2,575 Preston Heights
0%
KY 3,255 Prestonsburg
0%
FL 3,206 Pretty Bayou
0%
AL 2,658 Priceville
0%
AL 22,659 Prichard
0%
LA 7,810 Prien
0%
TX 4,070 Primera
0%
MD 2,538 Prince Frederick
0%
MD 3,290 Princess Anne
0%
NJ 13,834 Princeton Meadows
0%
OR 9,253 Prineville
0%
MN 3,057 Proctor
0%
TX 5,507 Progreso
0%
PA 9,765 Progress
0%
FL 5,392 Progress Village
0%
IL 16,256 Prospect Heights
0%
PA 6,454 Prospect Park
0%
NJ 5,865 Prospect Park
0%
WA 5,714 Prosser
0%
CA 17,560 Prunedale
0%
OK 9,539 Pryor Creek
0%
CO 29,637 Pueblo West
0%
HI 2,906 Puhi
0%
HI 7,574 Pukalani
0%
HI 4,551 Pupukea
0%
VA 7,727 Purcellville
0%
IN 12,183 Purdue University
0%
NY 3,844 Putnam Lake
0%
GA 2,898 Putney
0%
TX 2,641 Quanah
0%
VA 4,452 Quantico Base
0%
PA 2,576 Quarryville
0%
AZ 3,677 Quartzsite
0%
GA 3,850 Quitman
0%
LA 10,193 Raceland
0%
KY 2,424 Raceland
0%
PA 31,531 Radnor Township
0%
NC 4,611 Raeford
0%
AL 9,602 Rainbow City
0%
OR 5,896 Raleigh Hills
0%
NE 5,943 Ralston
0%
NJ 5,907 Ramblewood
0%
NJ 6,242 Ramtown
0%
WY 5,798 Ranchettes
0%
CA 5,325 Rancho Calaveras
0%
CA 5,488 Rancho Murieta
0%
CA 21,208 Rancho San Diego
0%
CA 3,117 Rancho Santa Fe
0%
NM 2,518 Ranchos de Taos
0%
TX 2,437 Rancho Viejo
0%
MD 32,430 Randallstown
0%
NC 4,113 Randleman
0%
NC 3,434 Ranlo
0%
WV 4,440 Ranson
0%
IL 12,941 Rantoul
0%
GA 2,558 Raoul
0%
SC 8,260 Rapid Valley
0%
NJ 6,881 Raritan
0%
ID 6,826 Rathdrum
0%
NY 3,268 Ravena
0%
SC 2,465 Ravenel
0%
WV 3,876 Ravenswood
0%
VA 2,466 Ravensworth
0%
MO 19,206 Raymore
0%
LA 7,953 Rayne
0%
MA 4,100 Raynham Center
0%
MO 29,526 Raytown
0%
PA 3,361 Reamstown
0%
GA 33,015 Redan
0%
IL 3,698 Red Bud
0%
LA 6,261 Red Chute
0%
MI 48,362 Redford Township
0%
NY 3,613 Red Oaks Mill
0%
NC 3,428 Red Springs
0%
MN 16,459 Red Wing
0%
MN 5,254 Redwood Falls
0%
MI 2,425 Reed City
0%
GA 2,604 Reed Creek
0%
CA 24,194 Reedley
0%
WI 9,200 Reedsburg
0%
OR 4,154 Reedsport
0%
KY 4,491 Reidland
0%
NC 14,520 Reidsville
0%
GA 4,944 Reidsville
0%
PA 4,178 Reiffton
0%
MD 25,968 Reisterstown
0%
CA 3,101 Reliez Valley
0%
OH 3,404 Reminderville
0%
NY 2,642 Remsenburg-Speonk
0%
LA 9,766 Reserve
0%
PA 3,333 Reserve Township
0%
PA 2,759 Reynoldsville
0%
WI 5,651 Rib Mountain
0%
WI 8,438 Rice Lake
0%
CA 2,882 Richgrove
0%
WI 5,184 Richland Center
0%
VA 5,823 Richlands
0%
FL 31,973 Richmond West
0%
IL 13,646 Richton Park
0%
OH 3,324 Richville
0%
TX 3,510 Richwood
0%
NJ 3,459 Richwood
0%
LA 3,392 Richwood
0%
NJ 12,729 Ridgefield Park
0%
MS 24,047 Ridgeland
0%
SC 4,036 Ridgeland
0%
FL 4,513 Ridge Manor
0%
CA 3,016 Ridgemark
0%
FL 4,795 Ridge Wood Heights
0%
PA 4,078 Ridgway
0%
PA 7,002 Ridley Park
0%
GA 8,836 Rincon
0%
AZ 5,139 Rincon Valley
0%
NJ 12,228 Ringwood
0%
TX 4,794 Rio Bravo
0%
NM 4,723 Rio Communities
0%
CA 3,368 Rio Dell
0%
CA 9,216 Rio del Mar
0%
CA 15,106 Rio Linda
0%
FL 5,211 Rio Pinar
0%
CA 7,360 Rio Vista
0%
MD 2,781 Rising Sun
0%
DE 3,391 Rising Sun-Lebanon
0%
OH 6,491 Rittman
0%
MD 4,076 Riva
0%
NC 3,119 River Bend
0%
MD 6,956 Riverdale Park
0%
NJ 11,340 River Edge
0%
IL 10,227 River Grove
0%
TX 7,427 River Oaks
0%
FL 5,222 River Park
0%
LA 13,494 River Ridge
0%
FL 4,702 River Ridge
0%
NC 4,394 River Road
0%
NJ 9,659 River Vale Township
0%
PA 3,380 Riverview Park
0%
IL 3,660 Riverwoods
0%
FL 32,488 Riviera Beach
0%
MD 12,677 Riviera Beach
0%
PA 2,585 Roaring Spring
0%
MN 13,953 Robbinsdale
0%
AL 5,276 Robertsdale
0%
PA 13,354 Robinson Township
0%
MD 6,918 Robinwood
0%
NJ 5,530 Rochelle Park Township
0%
NJ 6,438 Rockaway
0%
OR 9,316 Rockcreek
0%
NC 3,298 Rockfish
0%
GA 4,199 Rockmart
0%
IA 2,549 Rock Rapids
0%
IA 3,354 Rock Valley
0%
NY 24,023 Rockville Centre
0%
AR 3,780 Rockwell
0%
VA 8,431 Rockwood
0%
TN 5,562 Rockwood
0%
MI 3,289 Rockwood
0%
CO 3,957 Rocky Ford
0%
NY 14,014 Rocky Point
0%
OH 20,213 Rocky River
0%
NJ 3,715 Roebling
0%
KS 6,731 Roeland Park
0%
MI 2,827 Rogers City
0%
TN 4,420 Rogersville
0%
MO 3,073 Rogersville
0%
NC 3,786 Rolesville
0%
IL 24,099 Rolling Meadows
0%
CA 2,969 Rollingwood
0%
NY 19,082 Ronkonkoma
0%
FL 2,456 Roosevelt Gardens
0%
MI 3,831 Roosevelt Park
0%
CA 18,150 Rosamond
0%
MD 10,697 Rosaryville
0%
IL 10,785 Roscoe
0%
OR 5,912 Roseburg North
0%
VA 20,226 Rose Hill
0%
KS 3,931 Rose Hill
0%
CA 2,803 Rose Hills
0%
IN 4,131 Roselawn
0%
IL 22,763 Roselle
0%
NJ 21,085 Roselle
0%
NJ 13,297 Roselle Park
0%
IL 4,038 Rosewood Heights
0%
NY 6,577 Roslyn Heights
0%
OH 6,293 Rossford
0%
CA 10,244 Rossmoor
0%
NJ 2,666 Rossmoor
0%
MD 15,147 Rossville
0%
GA 4,105 Rossville
0%
WI 5,269 Rothschild
0%
PA 3,044 Rothsville
0%
FL 8,759 Rotonda
0%
IL 2,676 Round Lake Heights
0%
IL 7,505 Round Lake Park
0%
CA 48,993 Rowland Heights
0%
CO 9,099 Roxborough Park
0%
HI 14,525 Royal Kunia
0%
FL 3,025 Royal Palm Estates
0%
NC 4,272 Royal Pines
0%
PA 4,752 Royersford
0%
GA 2,582 Royston
0%
CA 34,280 Rubidoux
0%
NM 2,815 Ruidoso Downs
0%
MS 3,007 Ruleville
0%
ME 4,218 Rumford
0%
NJ 7,122 Rumson
0%
NJ 8,468 Runnemede
0%
CA 4,862 Running Springs
0%
ID 5,554 Rupert
0%
NC 2,937 Rural Hall
0%
MN 3,079 Rush City
0%
IN 6,341 Rushville
0%
IL 3,192 Rushville
0%
KY 2,441 Russell Springs
0%
NC 4,213 Rutherfordton
0%
NY 9,347 Rye Brook
0%
KS 2,571 Sabetha
0%
OH 2,564 Sabina
0%
AZ 2,672 Sacaton
0%
AZ 9,614 Saddlebrooke
0%
NJ 13,659 Saddle Brook Township
0%
NJ 3,152 Saddle River
0%
FL 16,884 Safety Harbor
0%
MA 3,623 Sagamore
0%
AZ 25,259 Sahuarita
0%
AL 10,744 Saks
0%
NY 5,815 Salamanca
0%
TN 2,845 Sale Creek
0%
OH 3,839 Salem Heights
0%
CA 13,722 Salida
0%
CO 5,236 Salida
0%
OK 8,880 Sallisaw
0%
WA 19,686 Salmon Creek
0%
MS 4,752 Saltillo
0%
SC 3,565 Saluda
0%
PA 2,695 Salunga
0%
FL 3,854 Samoset
0%
FL 5,047 Samsula-Spruce Creek
0%
CA 12,336 San Anselmo
0%
CA 3,371 San Antonio Heights
0%
PA 8,378 Sanatoga
0%
FL 16,824 San Carlos Park
0%
FL 3,428 San Castle
0%
GA 5,912 Sandersville
0%
PA 2,496 Sand Hill
0%
NM 3,193 Sandia Heights
0%
CA 10,109 San Diego Country Estates
0%
NY 2,675 Sands Point
0%
VA 7,571 Sandston
0%
MN 2,849 Sandstone
0%
TX 13,603 San Elizario
0%
NM 2,404 San Felipe Pueblo
0%
SC 8,220 Sangaree
0%
TX 4,970 San Leon
0%
CA 23,452 San Lorenzo
0%
TX 4,686 Sansom Park
0%
SC 7,869 Sans Souci
0%
UT 9,128 Santaquin
0%
CA 3,334 Santa Rosa Valley
0%
CA 4,292 Santa Venetia
0%
CA 4,418 Santa Ynez
0%
NM 2,456 Santo Domingo Pueblo
0%
MO 7,580 Sappington
0%
NY 5,406 Saranac Lake
0%
CA 5,202 Saranap
0%
MN 15,876 Sartell
0%
FL 10,109 Satellite Beach
0%
AL 6,168 Satsuma
0%
NY 3,971 Saugerties
0%
MN 4,317 Sauk Centre
0%
MN 12,773 Sauk Rapids
0%
IL 10,506 Sauk Village
0%
WI 4,451 Saukville
0%
MN 26,911 Savage
0%
MD 7,054 Savage
0%
IL 7,280 Savoy
0%
PA 4,016 Saw Creek
0%
FL 4,880 Sawgrass
0%
NC 5,240 Sawmills
0%
IA 3,301 Saylorville
0%
NY 16,853 Sayville
0%
MD 24,333 Scaggsville
0%
MN 3,936 Scandia
0%
OR 6,592 Scappoose
0%
TX 4,957 Scenic Oaks
0%
IN 29,243 Schererville
0%
IL 11,793 Schiller Park
0%
PA 5,265 Schlusser
0%
PA 2,935 Schnecksville
0%
HI 16,370 Schofield Barracks
0%
LA 6,853 Schriever
0%
TX 2,852 Schulenburg
0%
NE 6,211 Schuyler
0%
PA 5,437 Schuylkill Haven
0%
TX 3,186 Scissors
0%
MA 5,245 Scituate
0%
NJ 23,510 Scotch Plains Township
0%
NY 9,212 Scotchtown
0%
NY 7,729 Scotia
0%
IL 3,612 Scott AFB
0%
MO 4,565 Scott City
0%
KS 3,816 Scott City
0%
CA 11,580 Scotts Valley
0%
PA 17,024 Scott Township
0%
NY 4,995 Sea Cliff
0%
CA 3,267 Seacliff
0%
TX 2,417 Seagraves
0%
NY 4,915 Searingtown
0%
NJ 2,887 Seaside Heights
0%
MD 4,542 Seat Pleasant
0%
CO 32,882 Security-Widefield
0%
WA 10,540 Sedro-Woolley
0%
FL 7,579 Seffner
0%
WA 7,147 Selah
0%
NY 19,851 Selden
0%
PA 5,654 Selinsgrove
0%
IN 6,128 Sellersburg
0%
PA 4,249 Sellersville
0%
TN 4,396 Selmer
0%
AL 2,671 Selmont-West Selmont
0%
FL 2,621 Seminole Manor
0%
MS 8,165 Senatobia
0%
GA 3,307 Senoia
0%
IA 4,227 Sergeant Bluff
0%
NY 15,477 Setauket-East Setauket
0%
VA 9,255 Seven Corners
0%
PA 2,887 Seven Fields
0%
OH 11,804 Seven Hills
0%
NC 4,888 Seven Lakes
0%
SC 15,144 Seven Oaks
0%
CO 3,165 Severance
0%
MD 44,231 Severn
0%
MD 37,634 Severna Park
0%
NJ 2,756 Sewaren
0%
PA 3,827 Sewickley
0%
CA 3,371 Shackelford
0%
TN 2,844 Shackle Island
0%
OR 2,904 Shady Cove
0%
FL 11,523 Shady Hills
0%
TX 5,004 Shady Hollow
0%
TX 2,612 Shady Shores
0%
MD 5,803 Shady Side
0%
OH 3,785 Shadyside
0%
WV 2,998 Shady Spring
0%
CA 16,988 Shafter
0%
NC 3,675 Shallotte
0%
TX 2,484 Shallowater
0%
PA 7,374 Shamokin
0%
WV 3,358 Shannondale
0%
AR 3,143 Shannon Hills
0%
PA 5,051 Shanor-Northvue
0%
NJ 3,697 Shark River Hills
0%
PA 5,697 Sharon Hill
0%
OH 13,560 Sharonville
0%
FL 3,411 Sharpes
0%
PA 4,415 Sharpsville
0%
CA 10,164 Shasta Lake
0%
TX 3,035 Shavano Park
0%
WI 9,305 Shawano
0%
CO 5,116 Shaw Heights
0%
WI 7,775 Sheboygan Falls
0%
OH 9,137 Sheffield Lake
0%
MI 73,804 Shelby Township
0%
ID 4,409 Shelley
0%
VA 3,033 Shenandoah Farms
0%
KY 11,222 Shepherdsville
0%
CO 18,287 Sherrelwood
0%
NY 3,071 Sherrill
0%
CT 5,410 Sherwood Manor
0%
MI 6,587 Shields
0%
PA 5,273 Shillington
0%
CA 4,432 Shingle Springs
0%
PA 2,625 Shippensburg University
0%
KY 15,264 Shively
0%
MN 25,043 Shoreview
0%
IL 15,615 Shorewood
0%
WI 13,162 Shorewood
0%
MN 7,307 Shorewood
0%
IN 2,708 Shorewood Forest
0%
VA 24,729 Short Pump
0%
IA 2,798 Sibley
0%
TX 13,721 Sienna Plantation
0%
PA 4,813 Sierra View
0%
AZ 14,797 Sierra Vista Southeast
0%
TN 7,554 Signal Mountain
0%
MO 16,318 Sikeston
0%
NC 7,887 Siler City
0%
AR 15,039 Siloam Springs
0%
TX 6,611 Silsbee
0%
CO 2,930 Silt
0%
NY 2,656 Silver Creek
0%
WA 19,204 Silverdale
0%
WA 20,891 Silver Firs
0%
MD 5,950 Silver Hill
0%
CA 5,623 Silver Lakes
0%
FL 6,539 Silver Springs Shores
0%
UT 3,632 Silver Summit
0%
IL 7,479 Silvis
0%
IN 4,678 Simonton Lake
0%
CT 5,836 Simsbury Center
0%
NJ 3,618 Singac
0%
PA 4,008 Sinking Spring
0%
TX 5,665 Sinton
0%
WA 2,696 Sisco Heights
0%
SC 2,470 Sisseton
0%
WV 4,028 Sissonville
0%
NJ 3,184 Six Mile Run
0%
OH 2,928 Sixteen Mile Stand
0%
NY 2,450 Skaneateles
0%
OK 7,397 Skiatook
0%
GA 8,341 Skidaway Island
0%
MI 3,392 Skidway Lake
0%
PA 3,758 Skippack
0%
NC 2,785 Skippers Corner
0%
ME 6,297 Skowhegan
0%
FL 6,153 Sky Lake
0%
PA 4,003 Skyline View
0%
CA 2,406 Sky Valley
0%
PA 4,232 Slatington
0%
TX 6,121 Slaton
0%
OK 4,137 Slaughterville
0%
MN 3,599 Sleepy Eye
0%
WI 5,068 Slinger
0%
PA 3,625 Slippery Rock
0%
NY 3,039 Sloatsburg
0%
MA 4,760 Smith Mills
0%
MD 2,975 Smithsburg
0%
IN 3,184 Smithville-Sanders
0%
NC 2,646 Sneads Ferry
0%
GA 18,242 Snellville
0%
AZ 5,590 Snowflake
0%
CO 2,826 Snowmass Village
0%
UT 5,612 Snyderville
0%
SC 19,952 Socastee
0%
GA 4,262 Social Circle
0%
NJ 3,829 Society Hill
0%
ID 3,058 Soda Springs
0%
TN 12,714 Soddy-Daisy
0%
NY 6,584 Solvay
0%
NJ 5,151 Somerdale
0%
NJ 10,795 Somers Point
0%
NH 11,766 Somersworth
0%
GA 3,115 Soperton
0%
CA 9,644 Soquel
0%
PA 6,618 Souderton
0%
NY 7,612 Sound Beach
0%
TX 3,361 South Alamo
0%
NJ 8,631 South Amboy
0%
MA 4,994 South Amherst
0%
FL 5,728 South Apopka
0%
IL 4,565 South Barrington
0%
IL 7,892 South Beloit
0%
NY 3,234 South Blooming Grove
0%
NJ 4,563 South Bound Brook
0%
FL 22,178 South Bradenton
0%
MA 16,719 Southbridge Town
0%
FL 4,007 South Brooksville
0%
FL 15,921 Southchase
0%
IL 4,139 South Chicago Heights
0%
TN 6,912 South Cleveland
0%
WA 2,507 South Creek
0%
FL 12,252 South Daytona
0%
MA 3,643 South Dennis
0%
MA 3,360 South Duxbury
0%
FL 6,554 Southeast Arcadia
0%
IL 21,985 South Elgin
0%
ME 3,550 South Eliot
0%
VA 2,805 Southern Gateway
0%
NC 12,334 Southern Pines
0%
SC 3,767 Southern Shops
0%
NC 2,714 Southern Shores
0%
OH 22,295 South Euclid
0%
NY 2,870 South Fallsburg
0%
NY 14,486 South Farmingdale
0%
FL 5,688 South Gate Ridge
0%
NY 3,518 South Glens Falls
0%
WY 4,217 South Greeley
0%
FL 5,195 South Highpoint
0%
IL 22,030 South Holland
0%
NH 5,418 South Hooksett
0%
NY 9,422 South Huntington
0%
KS 2,457 South Hutchinson
0%
IL 3,331 South Jacksonville
0%
MD 8,462 South Kensington
0%
MD 26,112 South Laurel
0%
OH 4,115 South Lebanon
0%
NY 8,324 South Lockport
0%
MI 11,327 South Lyon
0%
FL 35,696 South Miami Heights
0%
MI 6,433 South Monroe
0%
CA 6,777 South Monrovia Island
0%
NY 3,510 South Nyack
0%
UT 16,532 South Ogden
0%
NY 5,748 Southold
0%
NJ 16,198 South Orange Village Township
0%
CA 5,742 South Oroville
0%
PA 13,416 South Park Township
0%
FL 5,875 South Patrick Shores
0%
TN 2,992 South Pittsburg
0%
VA 24,256 South Riding
0%
NC 2,836 South Rosemary
0%
VA 6,389 South Run
0%
OH 3,810 South Russell
0%
ME 4,536 South Sanford
0%
CA 8,070 South San Gabriel
0%
CA 20,551 South San Jose Hills
0%
FL 4,950 South Sarasota
0%
MN 20,160 South St. Paul
0%
SC 2,411 South Sumter
0%
NJ 3,684 South Toms River
0%
LA 3,642 South Vacherie
0%
NY 5,962 South Valley Stream
0%
FL 13,949 South Venice
0%
UT 6,051 South Weber
0%
FL 7,345 Southwest Ranches
0%
CA 57,156 South Whittier
0%
PA 6,379 South Williamsport
0%
CT 7,657 Southwood Acres
0%
MA 11,092 South Yarmouth
0%
NY 4,123 Spackenkill
0%
WA 27,227 Spanaway
0%
MO 19,650 Spanish Lake
0%
NV 15,064 Spanish Springs
0%
TX 3,368 Spearman
0%
NY 3,601 Spencerport
0%
NC 4,321 Spindale
0%
IA 4,840 Spirit Lake
0%
WI 2,682 Spooner
0%
NJ 8,257 Spotswood
0%
VA 4,239 Spotsylvania Courthouse
0%
MI 2,881 Spring Arbor
0%
OH 17,409 Springboro
0%
NV 12,361 Spring Creek
0%
PA 24,211 Springfield Township
0%
NJ 15,817 Springfield Township
0%
IL 5,778 Spring Grove
0%
PA 3,804 Spring House
0%
NJ 4,713 Spring Lake Heights
0%
MN 6,412 Spring Lake Park
0%
MD 5,795 Spring Ridge
0%
CA 8,220 Spring Valley Lake
0%
TX 3,715 Spring Valley Village
0%
PA 4,891 Spry
0%
TN 3,957 Spurgeon
0%
CA 3,162 Squaw Valley
0%
VA 4,320 Stafford Courthouse
0%
CT 4,988 Stafford Springs
0%
NC 13,831 Stallings
0%
CA 2,488 Stallion Springs
0%
NJ 3,610 Stanhope
0%
UT 5,145 Stansbury Park
0%
WA 6,231 Stanwood
0%
MN 2,981 Staples
0%
PA 2,709 State Line
0%
GA 2,408 Statham
0%
MN 3,317 St. Augusta
0%
FL 7,359 St. Augustine Shores
0%
FL 4,998 St. Augustine South
0%
OR 7,644 Stayton
0%
OH 4,368 St. Bernard
0%
OH 5,184 St. Clairsville
0%
PA 5,990 Steelton
0%
IL 9,570 Steger
0%
WA 5,985 Steilacoom
0%
CA 17,557 Stevenson Ranch
0%
MD 6,803 Stevensville
0%
MN 5,916 Stewartville
0%
IL 6,786 Stickney
0%
OK 2,685 Stigler
0%
MI 2,452 St. Ignace
0%
OK 3,949 Stilwell
0%
FL 3,784 St. James City
0%
VT 6,193 St. Johnsbury
0%
ID 2,402 St. Maries
0%
LA 6,114 St. Martinville
0%
FL 3,919 Stock Island
0%
NC 5,047 Stokesdale
0%
CO 8,962 Stonegate
0%
MA 21,437 Stoneham
0%
IL 4,946 Stone Park
0%
VA 7,214 Stone Ridge
0%
NY 9,216 Stony Brook University
0%
NY 12,147 Stony Point
0%
IA 10,600 Storm Lake
0%
IA 3,431 Story City
0%
PA 6,362 Stowe Township
0%
MN 5,279 St. Paul Park
0%
FL 9,346 St. Pete Beach
0%
NJ 7,258 Strathmore
0%
CA 2,819 Strathmore
0%
CO 6,900 Stratmoor
0%
CA 5,393 Strawberry
0%
IL 39,858 Streamwood
0%
IL 13,710 Streator
0%
OH 16,028 Streetsboro
0%
OH 10,713 Struthers
0%
VA 9,235 Stuarts Draft
0%
WI 6,970 Sturtevant
0%
WI 11,346 Suamico
0%
OR 2,681 Sublimity
0%
NJ 9,152 Succasunna
0%
WA 6,441 Sudden Valley
0%
VA 16,203 Sudley
0%
NY 10,723 Suffern
0%
PA 5,294 Sugarcreek
0%
MO 3,345 Sugar Creek
0%
IL 8,997 Sugar Grove
0%
GA 18,522 Sugar Hill
0%
VA 11,799 Sugarland Run
0%
FL 8,287 Sugarmill Woods
0%
CA 28,111 Suisun City
0%
MD 25,825 Suitland
0%
TX 4,002 Sullivan City
0%
WA 4,651 Sultan
0%
AL 2,520 Sumiton
0%
OH 5,083 Summerside
0%
PA 3,034 Summit Hill
0%
UT 7,775 Summit Park
0%
WA 7,236 Summit View
0%
FL 19,258 Sun City Center
0%
FL 4,384 Suncoast Estates
0%
NH 5,379 Suncook
0%
AZ 13,975 Sun Lakes
0%
NM 14,106 Sunland Park
0%
CA 5,153 Sunnyslope
0%
WA 3,252 Sunnyslope
0%
NC 3,572 Sunset Beach
0%
MO 8,496 Sunset Hills
0%
CA 11,565 Sun Village
0%
NY 3,676 SUNY Oswego
0%
WA 4,140 Suquamish
0%
SC 3,837 Surfside Beach
0%
OR 7,810 Sutherlin
0%
CA 2,904 Sutter
0%
CA 2,501 Sutter Creek
0%
GA 7,277 Swainsboro
0%
MA 13,787 Swampscott
0%
NC 4,576 Swannanoa
0%
NC 2,663 Swansboro
0%
OH 3,690 Swanton
0%
VT 2,386 Swanton
0%
PA 6,194 Swarthmore
0%
LA 4,536 Swartz
0%
MI 5,758 Swartz Creek
0%
TX 3,684 Sweeny
0%
OR 8,925 Sweet Home
0%
AZ 2,935 Swift Trail Junction
0%
PA 8,983 Swissvale
0%
PA 5,062 Swoyersville
0%
MD 4,436 Sykesville
0%
AL 12,749 Sylacauga
0%
GA 6,188 Sylvester
0%
NY 18,829 Syosset
0%
NC 2,511 Tabor City
0%
OK 15,753 Tahlequah
0%
TX 2,673 Tahoka
0%
MD 16,715 Takoma Park
0%
OR 6,066 Talent
0%
OH 17,537 Tallmadge
0%
LA 7,335 Tallulah
0%
CA 10,735 Tamalpais-Homestead Valley
0%
PA 7,107 Tamaqua
0%
FL 55,271 Tamiami
0%
AK 8,197 Tanaina
0%
MD 6,728 Taneytown
0%
FL 2,865 Tangerine
0%
WA 5,892 Tanglewilde
0%
AZ 16,901 Tanque Verde
0%
NY 6,613 Tappan
0%
CA 5,126 Tara Hills
0%
NC 11,415 Tarboro
0%
PA 4,530 Tarentum
0%
CA 3,888 Tarpey Village
0%
FL 13,951 Tavares
0%
FL 4,348 Taylor Creek
0%
OH 3,062 Taylor Creek
0%
TX 3,544 Taylor Lake Village
0%
KY 6,604 Taylor Mill
0%
TX 3,560 Teague
0%
NJ 39,776 Teaneck Township
0%
WV 13,175 Teays Valley
0%
MI 8,521 Tecumseh
0%
OK 6,457 Tecumseh
0%
SC 7,620 Tega Cay
0%
IN 7,272 Tell City
0%
TN 5,791 Tellico Village
0%
CA 22,535 Temescal Valley
0%
MI 8,517 Temperance
0%
MD 7,852 Temple Hills
0%
NJ 14,488 Tenafly
0%
FL 5,629 Tequesta
0%
CA 3,310 Terra Bella
0%
WA 6,937 Terrace Heights
0%
TX 4,878 Terrell Hills
0%
LA 23,319 Terrytown
0%
NY 11,849 Terryville
0%
CT 5,387 Terryville
0%
AZ 4,865 Thatcher
0%
FL 38,704 The Acreage
0%
FL 22,758 The Crossings
0%
FL 51,003 The Hammocks
0%
PA 3,013 The Hideout
0%
CO 10,517 The Pinery
0%
CA 6,646 Thermalito
0%
OH 5,785 The Village of Indian Hill
0%
MN 8,573 Thief River Falls
0%
NY 5,032 Thiells
0%
WI 3,235 Thiensville
0%
FL 13,014 Thonotosassa
0%
PA 3,407 Thorndale
0%
NY 3,759 Thornwood
0%
CA 7,715 Thousand Palms
0%
FL 15,047 Three Lakes
0%
WA 3,184 Three Lakes
0%
FL 3,592 Three Oaks
0%
AZ 5,581 Three Points
0%
PA 4,088 Throop
0%
GA 2,668 Thunderbolt
0%
MD 6,170 Thurmont
0%
FL 4,470 Tice
0%
WI 5,133 Tichigan
0%
FL 3,721 Tierra Verde
0%
FL 3,090 Tiger Point
0%
AL 17,398 Tillmans Corner
0%
IL 2,724 Tilton
0%
NH 3,075 Tilton Northfield
0%
VA 12,183 Timberlake
0%
LA 10,243 Timberlane
0%
FL 5,386 Timber Pines
0%
VA 2,522 Timberville
0%
TX 13,447 Timberwood Park
0%
MD 9,925 Timonium
0%
PA 4,091 Tinicum Township
0%
NJ 17,892 Tinton Falls
0%
OH 9,689 Tipp City
0%
TN 4,464 Tiptonville
0%
OK 3,034 Tishomingo
0%
NC 2,441 Tobaccoville
0%
GA 8,491 Toccoa
0%
CO 3,768 Todd Creek
0%
IL 3,447 Tolono
0%
WI 3,397 Tomahawk
0%
KY 2,402 Tompkinsville
0%
KS 4,996 Tonganoxie
0%
OK 3,216 Tonkawa
0%
AR 2,460 Tontitown
0%
UT 31,605 Tooele
0%
WA 8,949 Toppenish
0%
MA 2,717 Topsfield
0%
ME 5,931 Topsham
0%
PA 2,919 Towanda
0%
MO 10,815 Town and Country
0%
WA 4,857 Town and Country
0%
WA 5,233 Tracyton
0%
PA 3,174 Trafford
0%
PA 3,509 Trappe
0%
SC 4,576 Travelers Rest
0%
MD 12,159 Travilah
0%
TX 2,556 Travis Ranch
0%
PA 3,861 Treasure Lake
0%
UT 7,647 Tremonton
0%
NC 4,155 Trent Woods
0%
PA 3,550 Trevose
0%
VA 8,188 Triangle
0%
OR 3,931 Tri-City
0%
PA 5,744 Trooper
0%
TX 8,024 Trophy Club
0%
OH 24,431 Trotwood
0%
NC 2,383 Troutman
0%
AR 7,243 Trumann
0%
AL 19,933 Trussville
0%
OR 26,054 Tualatin
0%
VA 44,990 Tuckahoe
0%
NY 6,486 Tuckahoe
0%
NJ 3,347 Tuckerton
0%
AZ 12,192 Tucson Estates
0%
NM 5,363 Tucumcari
0%
NM 2,842 Tularosa
0%
TX 4,967 Tulia
0%
NY 3,667 Tupper Lake
0%
OK 2,756 Turley
0%
MA 4,470 Turners Falls
0%
OH 5,099 Turpin Hills
0%
PA 5,349 Turtle Creek
0%
IL 4,480 Tuscola
0%
TN 2,663 Tusculum
0%
AL 8,423 Tuscumbia
0%
OK 6,019 Tuttle
0%
MS 3,550 Tutwiler
0%
CO 6,101 Twin Lakes
0%
WI 5,989 Twin Lakes
0%
CA 4,917 Twin Lakes
0%
OH 18,795 Twinsburg
0%
MN 3,745 Two Harbors
0%
FL 2,994 Tyndall AFB
0%
OH 5,413 Uhrichsville
0%
OR 6,906 Umatilla
0%
FL 3,456 Umatilla
0%
GA 3,796 Unadilla
0%
AL 3,247 Underwood-Petersville
0%
TN 3,632 Unicoi
0%
NJ 6,245 Union Beach
0%
WA 6,047 Union Gap
0%
WI 4,915 Union Grove
0%
WA 18,805 Union Hill-Novelty Hill
0%
FL 9,765 Union Park
0%
AL 3,980 Union Springs
0%
NJ 56,642 Union Township
0%
NY 6,066 University at Buffalo
0%
VA 3,586 University Center
0%
MO 35,371 University City
0%
NY 4,226 University Gardens
0%
CA 5,786 University of California Davis
0%
VA 7,704 University of Virginia
0%
WV 3,701 Upper Falls
0%
FL 13,963 Upper Grand Lagoon
0%
NJ 11,565 Upper Montclair
0%
PA 10,142 Upper Providence Township
0%
NJ 8,208 Upper Saddle River
0%
OH 6,596 Upper Sandusky
0%
PA 19,229 Upper St. Clair Township
0%
MN 12,302 Vadnais Heights
0%
NM 3,194 Vado
0%
NY 3,369 Vails Gate
0%
NC 4,490 Valdese
0%
AZ 9,355 Valencia West
0%
NY 3,162 Valhalla
0%
CA 22,822 Valinda
0%
CA 14,578 Valle Vista
0%
CA 9,277 Valley Center
0%
KS 6,822 Valley Center
0%
NY 9,107 Valley Cottage
0%
RI 11,547 Valley Falls
0%
SC 6,299 Valley Falls
0%
AL 4,020 Valley Grande
0%
PA 3,429 Valley Green
0%
MO 6,942 Valley Park
0%
CA 3,553 Valley Springs
0%
FL 35,545 Valrico
0%
CA 2,468 Val Verde
0%
TX 2,384 Val Verde Park
0%
FL 4,727 Vamo
0%
TX 3,046 Van Alstyne
0%
MS 5,886 Vancleave
0%
CA 3,338 Vandenberg AFB
0%
CA 6,497 Vandenberg Village
0%
MI 4,721 Vandercook Lake
0%
PA 5,205 Vandergrift
0%
OH 10,846 Van Wert
0%
WA 10,624 Vashon
0%
MI 2,697 Vassar
0%
WA 3,745 Venersborg
0%
OR 4,561 Veneta
0%
IL 2,826 Venetian Village
0%
FL 7,104 Venice Gardens
0%
NJ 10,650 Ventnor City
0%
AZ 11,605 Verde Village
0%
OK 3,993 Verdigris
0%
VT 2,588 Vergennes
0%
OH 10,594 Vermilion
0%
FL 23,092 Vero Beach South
0%
NJ 13,332 Verona Township
0%
FL 10,757 Viera East
0%
FL 6,641 Viera West
0%
CA 11,075 View Park-Windsor Hills
0%
FL 2,678 Vilano Beach
0%
NY 3,891 Village Green
0%
PA 7,822 Village Green-Green Ridge
0%
MI 3,008 Village of Grosse Pointe Shores
0%
AZ 6,147 Village of Oak Creek
0%
PA 3,949 Village Shires
0%
LA 7,104 Village St. George
0%
IL 2,537 Villa Grove
0%
KY 7,489 Villa Hills
0%
GA 13,956 Villa Rica
0%
MO 2,636 Villa Ridge
0%
FL 11,569 Villas
0%
NJ 9,483 Villas
0%
LA 7,430 Ville Platte
0%
AR 3,815 Vilonia
0%
KY 4,520 Vine Grove
0%
CA 3,761 Vine Hill
0%
FL 3,375 Vineyards
0%
GA 9,734 Vinings
0%
OK 5,743 Vinita
0%
VA 8,098 Vinton
0%
IA 5,257 Vinton
0%
LA 3,212 Vinton
0%
NY 6,868 Viola
0%
IL 3,425 Virden
0%
WI 4,362 Viroqua
0%
CA 2,926 Vista Santa Rosa
0%
LA 3,671 Vivian
0%
IL 2,929 Volo
0%
NY 2,789 Voorheesville
0%
MN 2,521 Wabasha
0%
MN 10,697 Waconia
0%
SC 20,622 Wade Hampton
0%
MN 4,088 Wadena
0%
NC 5,813 Wadesboro
0%
NY 7,719 Wading River
0%
OH 21,567 Wadsworth
0%
IL 3,815 Wadsworth
0%
LA 10,015 Waggaman
0%
OK 8,323 Wagoner
0%
HI 17,821 Wahiawa
0%
FL 5,091 Wahneta
0%
NE 4,508 Wahoo
0%
HI 3,860 Waialua
0%
HI 13,177 Waianae
0%
HI 8,841 Waihee-Waiehu
0%
HI 2,965 Waikapu
0%
HI 7,479 Waikele
0%
HI 6,362 Waikoloa Village
0%
HI 5,938 Wailea
0%
HI 5,188 Wailua Homesteads
0%
HI 15,313 Wailuku
0%
HI 13,730 Waimalu
0%
HI 5,451 Waimanalo
0%
HI 4,481 Waimanalo Beach
0%
HI 11,674 Waipio
0%
HI 5,236 Waipio Acres
0%
MN 6,715 Waite Park
0%
RI 8,487 Wakefield-Peacedale
0%
TX 5,492 Wake Village
0%
OH 3,019 Walbridge
0%
AR 3,618 Waldron
0%
NJ 9,625 Waldwick
0%
SC 4,263 Walhalla
0%
MD 11,302 Walker Mill
0%
MD 5,800 Walkersville
0%
NC 4,675 Walkertown
0%
NC 3,047 Wallburg
0%
MI 6,999 Walled Lake
0%
CT 18,209 Wallingford Center
0%
NJ 11,335 Wallington
0%
WA 9,790 Walnut Grove
0%
TN 2,394 Walnut Hill
0%
CA 15,966 Walnut Park
0%
AR 4,890 Walnut Ridge
0%
MA 5,918 Walpole
0%
SC 5,398 Walterboro
0%
NY 2,669 Walton Park
0%
WI 2,816 Walworth
0%
KS 4,372 Wamego
0%
NY 3,199 Wanakah
0%
NJ 4,532 Wanamassa
0%
NJ 11,116 Wanaque
0%
NY 18,871 Wantagh
0%
OH 9,867 Wapakoneta
0%
WA 4,997 Wapato
0%
NY 5,522 Wappingers Falls
0%
MA 2,896 Wareham Center
0%
WA 2,437 Warm Beach
0%
PA 4,124 Warminster Heights
0%
FL 5,061 Warm Mineral Springs
0%
OK 10,043 Warr Acres
0%
WY 3,072 Warren AFB
0%
OH 13,542 Warrensville Heights
0%
IL 13,140 Warrenville
0%
AL 3,176 Warrior
0%
MN 9,410 Waseca
0%
UT 9,067 Washington Terrace
0%
NJ 9,102 Washington Township
0%
NV 3,019 Washoe Valley
0%
WA 14,095 Washougal
0%
TX 23,497 Watauga
0%
NJ 5,801 Watchung
0%
MI 71,707 Waterford Township
0%
FL 2,942 Watergate
0%
MA 31,915 Watertown Town
0%
MS 3,392 Water Valley
0%
NY 10,254 Watervliet
0%
GA 2,832 Watkinsville
0%
OK 5,111 Watonga
0%
IL 5,255 Watseka
0%
FL 5,001 Wauchula
0%
IL 13,603 Wauconda
0%
IA 3,897 Waukon
0%
WA 4,186 Wauna
0%
WI 12,097 Waunakee
0%
WI 6,069 Waupaca
0%
WI 11,340 Waupun
0%
OH 7,332 Wauseon
0%
MS 6,435 Waveland
0%
OH 4,408 Waverly City
0%
MI 4,079 Wayland
0%
PA 2,545 Wayne Heights
0%
NJ 54,717 Wayne Township
0%
MN 3,688 Wayzata
0%
PA 2,525 Weatherly
0%
CT 2,776 Weatogue
0%
MO 10,996 Webb City
0%
IA 8,070 Webster City
0%
GA 2,799 Webster County
0%
MO 22,995 Webster Groves
0%
NC 9,459 Weddington
0%
FL 6,705 Wedgefield
0%
CA 2,658 Weedpatch
0%
NJ 12,554 Weehawken Township
0%
PA 12,875 Weigelstown
0%
ID 5,507 Weiser
0%
FL 21,998 Wekiwa Springs
0%
CO 14,846 Welby
0%
SC 6,668 Welcome
0%
NC 4,162 Welcome
0%
CA 2,642 Weldon
0%
MO 5,443 Weldon Spring
0%
PA 3,263 Wellsboro
0%
TX 12,120 Wells Branch
0%
WV 2,805 Wellsburg
0%
OH 5,663 Wellston
0%
NY 4,679 Wellsville
0%
OH 3,541 Wellsville
0%
UT 3,432 Wellsville
0%
NC 5,845 Wendell
0%
ID 2,782 Wendell
0%
NC 2,807 Wentworth
0%
PA 2,494 Wernersville
0%
PA 5,872 Wescosville
0%
NY 5,628 Wesley Hills
0%
PA 3,341 Wesleyville
0%
CA 8,729 West Athens
0%
NY 4,648 West Bay Shore
0%
NJ 2,493 West Belmar
0%
CA 2,607 West Bishop
0%
MI 64,690 West Bloomfield Township
0%
UT 5,265 West Bountiful
0%
FL 4,192 West Bradenton
0%
VT 2,740 West Brattleboro
0%
CT 2,413 Westbrook Center
0%
IA 2,968 West Burlington
0%
NJ 10,759 West Caldwell Township
0%
OH 13,143 West Carrollton
0%
CA 21,699 West Carson
0%
FL 21,747 Westchase
0%
WA 5,261 West Clarkston-Highland
0%
SC 14,988 West Columbia
0%
TX 3,905 West Columbia
0%
MA 6,028 West Concord
0%
FL 3,535 West DeLand
0%
IL 7,331 West Dundee
0%
NY 4,967 West Elmira
0%
AL 3,465 West End-Cobb Town
0%
IL 12,975 Western Springs
0%
VA 29,207 West Falls Church
0%
IL 8,182 West Frankfort
0%
NJ 13,613 West Freehold
0%
FL 7,975 Westgate
0%
NY 7,071 West Glens Falls
0%
PA 2,854 West Grove
0%
NM 2,790 West Hammond
0%
MS 5,909 West Hattiesburg
0%
OR 8,001 West Haven-Sylvan
0%
NY 10,165 West Haverstraw
0%
PA 4,594 West Hazleton
0%
MI 2,662 West Ishpeming
0%
OH 4,222 West Jefferson
0%
TX 3,063 West Lake Hills
0%
CA 8,270 Westlake Village
0%
MD 4,230 West Laurel
0%
FL 15,651 West Lealman
0%
IA 3,736 West Liberty
0%
KY 3,435 West Liberty
0%
FL 34,699 West Little River
0%
TX 8,071 West Livingston
0%
HI 5,485 West Loch Estate
0%
NJ 8,097 West Long Branch
0%
FL 18,355 West Melbourne
0%
CA 3,659 West Menlo Park
0%
NY 7,284 Westmere
0%
PA 20,313 West Mifflin
0%
NJ 25,850 West Milford Township
0%
OH 4,630 West Milton
0%
WI 4,206 West Milwaukee
0%
CA 5,682 West Modesto
0%
CA 31,853 Westmont
0%
IL 24,685 Westmont
0%
PA 5,181 Westmont
0%
PA 2,633 West Newton
0%
PA 15,663 West Norriton Township
0%
NY 3,439 West Nyack
0%
MD 4,375 West Ocean City
0%
TX 2,482 Weston Lakes
0%
NJ 46,207 West Orange Township
0%
WV 3,983 Westover
0%
WA 3,739 West Pasco
0%
FL 21,339 West Pensacola
0%
IL 4,458 West Peoria
0%
FL 9,460 West Perrine
0%
MD 7,266 Westphalia
0%
PA 4,868 West Pittston
0%
MO 11,986 West Plains
0%
CO 3,840 West Pleasant View
0%
OH 3,149 West Portsmouth
0%
CA 22,636 West Puente Valley
0%
CA 5,669 West Rancho Dominguez
0%
PA 4,212 West Reading
0%
WA 11,811 West Richland
0%
WI 4,799 West Salem
0%
FL 5,583 West Samoset
0%
NY 2,660 West Sand Lake
0%
NY 5,011 West Sayville
0%
NY 44,711 West Seneca
0%
WA 5,517 West Side Highway
0%
CT 2,447 West Simsbury
0%
OR 6,554 West Slope
0%
MA 28,391 West Springfield Town
0%
MN 19,540 West St. Paul
0%
OH 3,241 West Union
0%
IA 2,486 West Union
0%
TX 14,787 West University Place
0%
FL 7,138 West Vero Corridor
0%
FL 9,650 Westview
0%
PA 6,771 West View
0%
RI 29,191 West Warwick Town
0%
TX 4,188 Westway
0%
LA 8,534 Westwego
0%
CA 25,540 West Whittier-Los Nietos
0%
FL 11,838 Westwood Lakes
0%
TX 2,472 Westworth Village
0%
PA 2,725 West Wyoming
0%
PA 3,407 West Wyomissing
0%
MA 6,012 West Yarmouth
0%
CT 26,668 Wethersfield
0%
AL 6,528 Wetumpka
0%
OK 3,430 Wewoka
0%
VA 2,473 Weyers Cave
0%
NY 5,130 Wheatley Heights
0%
CO 30,166 Wheat Ridge
0%
OH 6,437 Wheelersburg
0%
AZ 2,617 Whetstone
0%
FL 4,655 Whiskey Creek
0%
NC 2,928 Whispering Pines
0%
MN 23,797 White Bear Lake
0%
TN 3,206 White Bluff
0%
WA 13,495 White Center
0%
WI 14,110 Whitefish Bay
0%
IN 4,169 Whiteland
0%
MO 2,556 Whiteman AFB
0%
GA 6,792 Whitemarsh Island
0%
NJ 8,836 White Meadow Lake
0%
TX 3,793 Whitesboro
0%
NY 3,772 Whitesboro
0%
IN 2,867 Whitestown
0%
WV 2,444 White Sulphur Springs
0%
PA 4,733 Whitfield
0%
FL 2,882 Whitfield
0%
MA 6,704 Whitinsville
0%
MI 6,423 Whitmore Lake
0%
HI 4,499 Whitmore Village
0%
NJ 2,476 Whittingham
0%
OH 12,750 Wickliffe
0%
MS 4,390 Wiggins
0%
OK 2,843 Wilburton
0%
CA 32,176 Wildomar
0%
TX 2,452 Wild Peach Village
0%
NJ 3,270 Wildwood Crest
0%
TN 3,124 Wildwood Lake
0%
PA 15,930 Wilkinsburg
0%
SC 2,493 Wilkinson Heights
0%
PA 6,357 Wilkins Township
0%
WI 2,564 Williams Bay
0%
CT 17,737 Willimantic
0%
NY 7,287 Williston Park
0%
OH 22,268 Willoughby
0%
OH 9,485 Willoughby Hills
0%
PA 15,726 Willow Grove
0%
OH 14,171 Willowick
0%
FL 6,732 Willow Oak
0%
TX 3,982 Willow Park
0%
PA 7,578 Willow Street
0%
TX 3,524 Wills Point
0%
TX 3,682 Wilmer
0%
GA 15,138 Wilmington Island
0%
DE 7,889 Wilmington Manor
0%
KY 3,686 Wilmore
0%
FL 11,632 Wilton Manors
0%
FL 6,373 Wimauma
0%
TX 2,626 Wimberley
0%
IN 2,490 Winamac
0%
MA 4,213 Winchendon
0%
PA 4,138 Windber
0%
TX 5,364 Windcrest
0%
GA 14,099 Winder
0%
FL 2,462 Windermere
0%
PA 2,720 Wind Gap
0%
WI 5,342 Wind Lake
0%
MN 4,646 Windom
0%
IA 4,860 Windsor Heights
0%
KY 2,385 Windy Hills
0%
NC 3,491 Wingate
0%
WI 2,383 Winneconne
0%
SC 2,897 Winner
0%
IN 4,908 Winona Lake
0%
VT 7,267 Winooski
0%
CT 7,712 Winsted
0%
CA 20,631 Winter Gardens
0%
IA 5,190 Winterset
0%
OH 3,924 Wintersville
0%
IL 6,742 Winthrop Harbor
0%
MA 17,497 Winthrop Town
0%
WI 18,367 Wisconsin Rapids
0%
VA 3,286 Wise
0%
OH 7,021 Withamsville
0%
MI 13,498 Wixom
0%
PA 2,888 Wolfdale
0%
NH 2,838 Wolfeboro
0%
TX 3,670 Wolfforth
0%
MI 4,104 Wolf Lake
0%
VA 16,131 Wolf Trap
0%
WA 6,651 Wollochet
0%
MI 4,312 Wolverine Lake
0%
PA 2,810 Womelsdorf
0%
IL 4,026 Wonder Lake
0%
NJ 2,472 Woodbine
0%
PA 3,851 Woodbourne
0%
OR 24,080 Woodburn
0%
VA 8,480 Woodburn
0%
NJ 3,055 Woodbury Heights
0%
NJ 5,730 Woodcliff Lake
0%
CA 14,347 Woodcrest
0%
IL 13,770 Wood Dale
0%
SC 9,303 Woodfield
0%
NC 6,123 Woodfin
0%
MI 12,875 Woodhaven
0%
WA 10,938 Woodinville
0%
PA 9,485 Woodlyn
0%
NJ 2,978 Woodlynne
0%
NY 17,121 Woodmere
0%
LA 12,080 Woodmere
0%
CO 8,741 Woodmoor
0%
MD 3,936 Woodmore
0%
IL 10,657 Wood River
0%
WA 5,589 Woods Creek
0%
UT 9,761 Woods Cross
0%
OH 2,384 Woodsfield
0%
MO 4,063 Woodson Terrace
0%
OR 3,878 Wood Village
0%
TX 8,452 Woodway
0%
FL 12,310 World Golf Village
0%
PA 3,070 Wormleysburg
0%
MO 3,119 Wright City
0%
NC 4,896 Wrightsboro
0%
WI 2,827 Wrightstown
0%
NC 2,477 Wrightsville Beach
0%
CA 4,525 Wrightwood
0%
NY 11,647 Wyandanch
0%
NJ 16,696 Wyckoff Township
0%
TX 2,505 Wyldwood
0%
NY 3,276 Wynantskill
0%
PA 3,044 Wyncote
0%
VA 9,785 Wyndham
0%
PA 5,498 Wyndmoor
0%
AR 8,367 Wynne
0%
PA 10,461 Wyomissing
0%
NC 2,959 Yadkinville
0%
NY 5,945 Yaphank
0%
NJ 7,186 Yardville
0%
MA 5,320 Yarmouth Port
0%
PA 11,443 Yeadon
0%
WA 6,848 Yelm
0%
NV 3,048 Yerington
0%
TX 5,815 Yoakum
0%
NJ 6,535 Yorketown
0%
ME 3,033 York Harbor
0%
CA 4,952 Yosemite Lakes
0%
PA 3,050 Youngwood
0%
CA 20,700 Yucca Valley
0%
NC 4,433 Zebulon
0%
PA 3,812 Zelienople
0%
FL 2,817 Zellwood
0%
FL 2,600 Zephyrhills North
0%
FL 5,276 Zephyrhills South
0%
FL 5,865 Zephyrhills West
0%
WA 2,964 Zillah
0%
MN 3,252 Zumbrota
0%
NM 6,302 Zuni Pueblo
0%
No matching quizzes found
Score Distribution
Percent of People with Each Score
Percentile by Number Answered
Your Score History
You have not taken this quiz